{"text_format":"3","workbook":"xlsx","n_sheets":2,"sheets":["PACC - SNCC.F.053","PACC - SNCC.F.053 (3)"],"not_rendered":{"images":1,"defined_names":2},"read":"whole","date_system":"1900"}

{"sheet":"PACC - SNCC.F.053","index":0,"n_rows":451,"n_cols":23,"rows_kept":451,"merged":[[2,0,4,0],[5,0,5,14],[6,0,6,1],[8,3,8,6]]}
[]
["SNCC.F.053",{"$nulls":12},"Fecha de Revisión","2020-10-12"]
[{"$nulls":13},"Fecha de Aprobación"]
[{"$nulls":13},"Versión",1]
[{"$nulls":13},"No. de Páginas"]
["NOMBRE DE LA ENTIDAD:HOSPITAL REGIONAL UNIVERISTARIO PRESIDENTE ESTRELLA UREÑA"]
["PLAN ANUAL DE COMPRAS Y CONTRATACIONES AÑO 2021"]
[]
[{"$nulls":3},"FECHA DE NECESIDAD"]
["CÓDIGO DEL CATÁLOGO DE BIENES Y SERVICIOS (CBS) ","DESCRIPCIÓN DE LA COMPRA O CONTRATACIÓN","UNIDAD DE MEDIDA","PRIMER TRIMESTRE","SEGUNDO TRIMESTRE","TERCER TRIMESTRE","CUARTO TRIMESTRE","CANTIDAD TOTAL","PRECIO UNITARIO ESTIMADO","COSTO TOTAL UNITARIO","COSTO TOTAL POR CÓDIGO DE CATÁLOGO DE BIENES Y SERVICIOS (CBS)"," PROCEDIMIENTO DE SELECCIÓN ","FUENTE DE FINANCIAMIENTO","VALOR ADQUIRIDO","OBSERVACIÓN"]
["1510 - Combustibles","COMPRAS DE COMBUSTIBLES","GALON",1000,1500,1000,1500,{"$f":"SUM('PACC - SNCC.F.053'!$D11:$G11)","v":5000},{"v":225,"d":"RD$225.00"},{"$f":"+H11*I11","v":{"v":1125000,"d":"RD$1,125,000.00"}},{"$f":"SUM(J11:J15)","v":{"v":1154725,"d":"RD$1,154,725.00"}},"COMPRA MENOR","VENTA DE SERVICIO",{"$nulls":6},"1010 - Animales vivos ",null,null,"LICITACIÓN PÚBLICA INTERNACIONAL"]
["5020 - Bebidas","BOTELLAS DE AGUA","UNIDAD",200,225,200,450,{"$f":"SUM('PACC - SNCC.F.053'!$D12:$G12)","v":1075},{"v":15,"d":"RD$15.00"},{"v":16125,"d":"RD$16,125.00"},{"v":31725,"d":"RD$31,725.00"},"COMPRA MENOR","VENTA DE SERVICIO",{"$nulls":6},"1011 - Productos de casa para el animal doméstico",null,null,"LICITACIÓN PÚBLICA NACIONAL"]
["5020 - Bebidas","BOTELLONES DE AGUA","UNIDAD",50,75,75,125,{"$f":"SUM('PACC - SNCC.F.053'!$D13:$G13)","v":325},{"v":20,"d":"RD$20.00"},{"v":6500,"d":"RD$6,500.00"},null,"COMPRA MENOR","VENTA DE SERVICIO",{"$nulls":6},"1012 - Pienso para animales",null,null,"LICITACIÓN RESTRINGIDA"]
["5020 - Bebidas","TE CALIENTE 25/1","UNIDAD",5,10,5,15,{"$f":"SUM('PACC - SNCC.F.053'!$D14:$G14)","v":35},{"v":110,"d":"RD$110.00"},{"v":3850,"d":"RD$3,850.00"},null,"COMPRA MENOR","VENTA DE SERVICIO",{"$nulls":6},"1013 - Recipientes y hábitat para animales",null,null,"SORTEO DE OBRAS"]
["5020 - Bebidas","CAFÉ 20/1","UNIDAD",3,2,2,6,{"$f":"SUM('PACC - SNCC.F.053'!$D15:$G15)","v":13},{"v":250,"d":"RD$250.00"},{"v":3250,"d":"RD$3,250.00"},null,"COMPRA MENOR","VENTA DE SERVICIO",{"$nulls":6},"1014 - Artículos de talabartería y arreos",null,null,"COMPARACIÓN DE PRECIOS"]
["5020 - Bebidas","TE FRIO","UNIDAD",2,2,2,2,{"$f":"SUM('PACC - SNCC.F.053'!$D16:$G16)","v":8},{"v":250,"d":"RD$250.00"},{"v":2000,"d":"RD$2,000.00"},null,"COMPRA MENOR","VENTA DE SERVICIO",{"$nulls":6},"1015 - Semillas, bulbos, plántulas y esquejes",null,null,"COMPRA MENOR"]
["5016 - Chocolates, azúcares, edulcorantes y productos de confitería","CREMORA","UNIDAD",50,75,75,50,{"$f":"SUM('PACC - SNCC.F.053'!$D17:$G17)","v":250},{"v":175,"d":"RD$175.00"},{"v":43750,"d":"RD$43,750.00"},{"$f":"SUM(J17:J18)","v":{"v":44375,"d":"RD$44,375.00"}},"COMPRA MENOR","VENTA DE SERVICIO",{"$nulls":6},"1016 - Productos de floricultura y silvicultura",null,null,"COMPRA DIRECTA"]
["5016 - Chocolates, azúcares, edulcorantes y productos de confitería","AZUCAR 5 LIBRAS","U",5,10,5,5,{"$f":"SUM('PACC - SNCC.F.053'!$D18:$G18)","v":25},{"v":25,"d":"RD$25.00"},{"v":625,"d":"RD$625.00"},{"$f":"SUM(J18:J19)","v":{"v":620625,"d":"RD$620,625.00"}},"COMPRA MENOR","VENTA DE SERVICIO",{"$nulls":6},"1017 - Abonos, nutrientes para plantas y herbicidas"]
["4412 - Suministros de oficina","PAPEL 8 1/2 x 11","RESMA",1000,1000,1000,1000,{"$f":"SUM('PACC - SNCC.F.053'!$D19:$G19)","v":4000},{"v":155,"d":"RD$155.00"},{"v":620000,"d":"RD$620,000.00"},{"v":960000,"d":"RD$960,000.00"},"COMPRA MENOR","VENTA DE SERVICIO",{"$nulls":6},"1019 - Productos para el control de plagas y malas hierbas "]
["4412 - Suministros de oficina","PAPEL 8 1/2 X 14","RESMA",500,500,500,500,{"$f":"SUM('PACC - SNCC.F.053'!$D20:$G20)","v":2000},{"v":170,"d":"RD$170.00"},{"v":340000,"d":"RD$340,000.00"},{"v":358000,"d":"RD$358,000.00"},"COMPRA MENOR","VENTA DE SERVICIO",{"$nulls":6},"1110 - Minerales, minerales metálicos y metales"]
["4412 - Suministros de oficina","LAPICES DE CARBON","CAJA",50,50,50,50,{"$f":"SUM('PACC - SNCC.F.053'!$D21:$G21)","v":200},{"v":90,"d":"RD$90.00"},{"v":18000,"d":"RD$18,000.00"},{"v":114000,"d":"RD$114,000.00"},"COMPRA MENOR","VENTA DE SERVICIO",{"$nulls":6},"1111 - Tierra y piedra"]
["4412 - Suministros de oficina","FOLDER 8 1/2 X 11","CAJA",150,150,150,150,{"$f":"SUM('PACC - SNCC.F.053'!$D22:$G22)","v":600},{"v":160,"d":"RD$160.00"},{"v":96000,"d":"RD$96,000.00"},{"v":176000,"d":"RD$176,000.00"},"COMPRA MENOR","VENTA DE SERVICIO",{"$nulls":6},"1112 - Productos no comestibles de planta y silvicultura"]
["4412 - Suministros de oficina","FOLDER 8 1/2 X 11 COLORES","CAJA",100,100,100,100,{"$f":"SUM('PACC - SNCC.F.053'!$D23:$G23)","v":400},{"v":200,"d":"RD$200.00"},{"v":80000,"d":"RD$80,000.00"},{"v":146000,"d":"RD$146,000.00"},"COMPRA MENOR","VENTA DE SERVICIO",{"$nulls":6},"1113 - Productos animales no comestibles"]
["4412 - Suministros de oficina","BOLIGRAFOS AZULES/ LAPICEROS","CAJA",150,150,150,150,{"$f":"SUM('PACC - SNCC.F.053'!$D24:$G24)","v":600},{"v":110,"d":"RD$110.00"},{"v":66000,"d":"RD$66,000.00"},{"v":266000,"d":"RD$266,000.00"},"COMPRA MENOR","VENTA DE SERVICIO",{"$nulls":6},"1114 - Chatarra y materiales de desecho"]
["4412 - Suministros de oficina","PAPER CLIPS 50 MM","CAJA",1000,1000,1000,1000,{"$f":"SUM('PACC - SNCC.F.053'!$D25:$G25)","v":4000},{"v":50,"d":"RD$50.00"},{"v":200000,"d":"RD$200,000.00"},{"v":380000,"d":"RD$380,000.00"},"COMPRA MENOR","VENTA DE SERVICIO",{"$nulls":6},"1115 - Fibra, hilos e hilados"]
["4412 - Suministros de oficina","PAPER CLIPS 33 MM","CAJA",1000,1000,1000,1000,{"$f":"SUM('PACC - SNCC.F.053'!$D26:$G26)","v":4000},{"v":45,"d":"RD$45.00"},{"v":180000,"d":"RD$180,000.00"},{"v":260000,"d":"RD$260,000.00"},"COMPRA MENOR","VENTA DE SERVICIO",{"$nulls":6},"1116 - Tejidos y materiales de cuero"]
["4412 - Suministros de oficina","METAL PAPER FASTERNER 70 MM","CAJA",100,100,100,100,{"$f":"SUM('PACC - SNCC.F.053'!$D27:$G27)","v":400},{"v":200,"d":"RD$200.00"},{"v":80000,"d":"RD$80,000.00"},{"v":170000,"d":"RD$170,000.00"},"COMPRA MENOR","VENTA DE SERVICIO",{"$nulls":6},"1117 - Aleaciones"]
["4412 - Suministros de oficina","GRAPAS 26/6","CAJA",150,150,150,150,{"$f":"SUM('PACC - SNCC.F.053'!$D28:$G28)","v":600},{"v":150,"d":"RD$150.00"},{"v":90000,"d":"RD$90,000.00"},{"v":154000,"d":"RD$154,000.00"},"COMPRA MENOR","VENTA DE SERVICIO",{"$nulls":6},"1118 - Óxido metálico"]
["4412 - Suministros de oficina","LIGA DE HULE ","CAJA",100,100,100,100,{"$f":"SUM('PACC - SNCC.F.053'!$D29:$G29)","v":400},{"v":160,"d":"RD$160.00"},{"v":64000,"d":"RD$64,000.00"},{"v":68000,"d":"RD$68,000.00"},"COMPRA MENOR","VENTA DE SERVICIO",{"$nulls":6},"1119 - Desechos metálicos y chatarra"]
["4412 - Suministros de oficina","SUJETA DOCUMENTOS","CAJA",10,10,10,10,{"$f":"SUM('PACC - SNCC.F.053'!$D30:$G30)","v":40},{"v":100,"d":"RD$100.00"},{"v":4000,"d":"RD$4,000.00"},{"v":5200,"d":"RD$5,200.00"},"COMPRA MENOR","VENTA DE SERVICIO",{"$nulls":6},"1213 - Materiales explosivos"]
["4412 - Suministros de oficina","CARPETA DE 3 ANILLAS 1 PULGADA","UNIDAD",2,2,2,2,{"$f":"SUM('PACC - SNCC.F.053'!$D31:$G31)","v":8},{"v":150,"d":"RD$150.00"},{"v":1200,"d":"RD$1,200.00"},{"v":13200,"d":"RD$13,200.00"},"COMPRA MENOR","VENTA DE SERVICIO",{"$nulls":6},"1214 - Elementos y gases"]
["4411 - Accesorios de oficina y escritorio","PERFORADORAS DE 3 HOYOS","UNIDAD",10,10,10,10,{"$f":"SUM('PACC - SNCC.F.053'!$D32:$G32)","v":40},{"v":300,"d":"RD$300.00"},{"v":12000,"d":"RD$12,000.00"},{"v":72000,"d":"RD$72,000.00"},"COMPRA MENOR","VENTA DE SERVICIO",{"$nulls":6},"1216 - Aditivos"]
["4411 - Accesorios de oficina y escritorio","PERFORADORAS DE 2 HOYOS","UNIDAD",50,50,50,50,{"$f":"SUM('PACC - SNCC.F.053'!$D33:$G33)","v":200},{"v":300,"d":"RD$300.00"},{"v":60000,"d":"RD$60,000.00"},{"v":62000,"d":"RD$62,000.00"},"COMPRA MENOR","VENTA DE SERVICIO",{"$nulls":6},"1217 - Colorantes"]
["4412 - Suministros de oficina","NOTAS DE ADHESIVAS 3X3","UNIDAD",10,10,10,10,{"$f":"SUM('PACC - SNCC.F.053'!$D34:$G34)","v":40},{"v":50,"d":"RD$50.00"},{"v":2000,"d":"RD$2,000.00"},{"v":12000,"d":"RD$12,000.00"},"COMPRA MENOR","VENTA DE SERVICIO",{"$nulls":6},"1218 - Ceras y aceites"]
["4412 - Suministros de oficina","TINTA IMPRESORA","GALON",5,5,5,5,{"$f":"SUM('PACC - SNCC.F.053'!$D35:$G35)","v":20},{"v":500,"d":"RD$500.00"},{"v":10000,"d":"RD$10,000.00"},{"v":210000,"d":"RD$210,000.00"},"COMPRA MENOR","VENTA DE SERVICIO",{"$nulls":6},"1219 - Solventes"]
["4410 - Maquinaria, suministros y accesorios de oficina","COMPUTADORAS COMPLETA","UNIDAD",5,5,5,5,{"$f":"SUM('PACC - SNCC.F.053'!$D36:$G36)","v":20},{"v":10000,"d":"RD$10,000.00"},{"v":200000,"d":"RD$200,000.00"},{"v":600000,"d":"RD$600,000.00"},"COMPRA MENOR","VENTA DE SERVICIO",{"$nulls":6},"1235 - Compuestos y mezclas"]
["4410 - Maquinaria, suministros y accesorios de oficina","IMPRESORA MULTIFUNCIONAL","UNIDAD",5,5,5,5,{"$f":"SUM('PACC - SNCC.F.053'!$D37:$G37)","v":20},{"v":20000,"d":"RD$20,000.00"},{"v":400000,"d":"RD$400,000.00"},{"v":580000,"d":"RD$580,000.00"},"COMPRA MENOR","VENTA DE SERVICIO",{"$nulls":6},"1310 - Caucho y elastómeros"]
["4410 - Maquinaria, suministros y accesorios de oficina","UPS","UNIDAD",10,10,10,10,{"$f":"SUM('PACC - SNCC.F.053'!$D38:$G38)","v":40},{"v":4500,"d":"RD$4,500.00"},{"v":180000,"d":"RD$180,000.00"},{"v":12180000,"d":"RD$12,180,000.00"},"COMPRA MENOR","VENTA DE SERVICIO",{"$nulls":6},"1311 - Resinas y colofonias y otros materiales derivados de resina"]
["4410 - Maquinaria, suministros y accesorios de oficina","ESCRITORIO MODULAR","UNIDAD",100,100,100,100,{"$f":"SUM('PACC - SNCC.F.053'!$D39:$G39)","v":400},{"v":30000,"d":"RD$30,000.00"},{"v":12000000,"d":"RD$12,000,000.00"},{"v":14400000,"d":"RD$14,400,000.00"},"COMPRA MENOR","VENTA DE SERVICIO",{"$nulls":6},"1410 - Materiales de papel"]
["4410 - Maquinaria, suministros y accesorios de oficina","ESCRITORIA TIPO L","UNIDAD",30,30,0,0,{"$f":"SUM('PACC - SNCC.F.053'!$D40:$G40)","v":60},{"v":40000,"d":"RD$40,000.00"},{"v":2400000,"d":"RD$2,400,000.00"},{"v":2600000,"d":"RD$2,600,000.00"},"COMPRA MENOR","VENTA DE SERVICIO",{"$nulls":6},"1411 - Productos de papel"]
["4410 - Maquinaria, suministros y accesorios de oficina","SILLON EJECUTIVO","UNIDAD",10,10,10,10,{"$f":"SUM('PACC - SNCC.F.053'!$D41:$G41)","v":40},{"v":5000,"d":"RD$5,000.00"},{"v":200000,"d":"RD$200,000.00"},{"v":264000,"d":"RD$264,000.00"},"COMPRA MENOR","VENTA DE SERVICIO",{"$nulls":6},"1412 - Papel para uso industrial"]
["4410 - Maquinaria, suministros y accesorios de oficina","ARCHIVO DE 4 GABETAS","UNIDAD",4,4,4,4,{"$f":"SUM('PACC - SNCC.F.053'!$D42:$G42)","v":16},{"v":4000,"d":"RD$4,000.00"},{"v":64000,"d":"RD$64,000.00"},{"v":164000,"d":"RD$164,000.00"},"COMPRA MENOR","VENTA DE SERVICIO",{"$nulls":6},"1510 - Combustibles"]
["4412 - Suministros de oficina","CORRECTORES LIQUIDOS/ LIQUID PAPER","CAJA",50,50,50,50,{"$f":"SUM('PACC - SNCC.F.053'!$D43:$G43)","v":200},{"v":500,"d":"RD$500.00"},{"v":100000,"d":"RD$100,000.00"},{"v":120000,"d":"RD$120,000.00"},"COMPRA MENOR","VENTA DE SERVICIO",{"$nulls":6},"1511 - Combustibles gaseosos y aditivos"]
["4412 - Suministros de oficina","CINTA ADHESIVA PARA DISPENSADOR","CAJA",20,20,20,20,{"$f":"SUM('PACC - SNCC.F.053'!$D44:$G44)","v":80},{"v":250,"d":"RD$250.00"},{"v":20000,"d":"RD$20,000.00"},{"v":23400,"d":"RD$23,400.00"},"COMPRA MENOR","VENTA DE SERVICIO",{"$nulls":6},"1512 - Lubricantes, aceites, grasas y anticorrosivos"]
["4412 - Suministros de oficina","SOBRE MANILA 10 X 13","CAJA",5,5,5,5,{"$f":"SUM('PACC - SNCC.F.053'!$D45:$G45)","v":20},{"v":170,"d":"RD$170.00"},{"v":3400,"d":"RD$3,400.00"},{"v":79400,"d":"RD$79,400.00"},"COMPRA MENOR","VENTA DE SERVICIO",{"$nulls":6},"1513 - Combustible para reactores nucleares"]
["4412 - Suministros de oficina","LIBRO RECORDS","UNIDAD",100,100,100,100,{"$f":"SUM('PACC - SNCC.F.053'!$D46:$G46)","v":400},{"v":190,"d":"RD$190.00"},{"v":76000,"d":"RD$76,000.00"},{"v":136000,"d":"RD$136,000.00"},"COMPRA MENOR","VENTA DE SERVICIO",{"$nulls":6},"2010 - Maquinaria y equipo de minería y explotación de canteras"]
["4412 - Suministros de oficina","MARCADOR NEGROS","CAJA",100,100,100,100,{"$f":"SUM('PACC - SNCC.F.053'!$D47:$G47)","v":400},{"v":150,"d":"RD$150.00"},{"v":60000,"d":"RD$60,000.00"},{"v":68000,"d":"RD$68,000.00"},"COMPRA MENOR","VENTA DE SERVICIO",{"$nulls":6},"2011 - Equipo de perforación y explotación de pozos"]
["4412 - Suministros de oficina","DISPENADOR DE CINTA ADHESIVA","UNIDAD",10,10,10,10,{"$f":"SUM('PACC - SNCC.F.053'!$D48:$G48)","v":40},{"v":200,"d":"RD$200.00"},{"v":8000,"d":"RD$8,000.00"},{"v":12000,"d":"RD$12,000.00"},"COMPRA MENOR","VENTA DE SERVICIO",{"$nulls":6},"2012 - Equipo para perforación y exploración para petróleo"]
["4412 - Suministros de oficina","GOMA DE BORRADOR DE LECHE","CAJA",10,10,10,10,{"$f":"SUM('PACC - SNCC.F.053'!$D49:$G49)","v":40},{"v":100,"d":"RD$100.00"},{"v":4000,"d":"RD$4,000.00"},{"v":4600,"d":"RD$4,600.00"},"COMPRA MENOR","VENTA DE SERVICIO",{"$nulls":6},"2013 - Materiales para operaciones y perforación de petróleo y gas"]
["4412 - Suministros de oficina","HOJAS PROTECTORAS TRANSPARENTE","CAJA",3,0,0,0,{"$f":"SUM('PACC - SNCC.F.053'!$D50:$G50)","v":3},{"v":200,"d":"RD$200.00"},{"v":600,"d":"RD$600.00"},{"v":2200,"d":"RD$2,200.00"},"COMPRA MENOR","VENTA DE SERVICIO",{"$nulls":6},"2014 - Equipo de producción y operación de gas y petróleo"]
["4412 - Suministros de oficina","CARPETA DE 3 ANILLAS 3 PULGADAS","UNIDAD",2,2,2,2,{"$f":"SUM('PACC - SNCC.F.053'!$D51:$G51)","v":8},{"v":200,"d":"RD$200.00"},{"v":1600,"d":"RD$1,600.00"},{"v":11600,"d":"RD$11,600.00"},"COMPRA MENOR","VENTA DE SERVICIO",{"$nulls":6},"2110 - Maquinaria y equipo para agricultura, silvicultura y paisaje"]
["4412 - Suministros de oficina","LIBRETA RAYADA 8 1/2 X 11","UNIDAD",100,100,100,100,{"$f":"SUM('PACC - SNCC.F.053'!$D52:$G52)","v":400},{"v":25,"d":"RD$25.00"},{"v":10000,"d":"RD$10,000.00"},{"v":11000,"d":"RD$11,000.00"},"COMPRA MENOR","VENTA DE SERVICIO",{"$nulls":6},"2111 - Equipo de pesca y acuicultura"]
["4412 - Suministros de oficina","ETIQUETA/ LABEL PARA FOLDER","CAJA",5,5,5,5,{"$f":"SUM('PACC - SNCC.F.053'!$D53:$G53)","v":20},{"v":50,"d":"RD$50.00"},{"v":1000,"d":"RD$1,000.00"},{"v":31000,"d":"RD$31,000.00"},"COMPRA MENOR","VENTA DE SERVICIO",{"$nulls":6},"2210 - Maquinaria y equipo pesado de construcción"]
["4411 - Accesorios de oficina y escritorio","MURAL DE PARED TIPO CORCHO 30 X 40 PULG","UNIDAD",5,5,5,5,{"$f":"SUM('PACC - SNCC.F.053'!$D54:$G54)","v":20},{"v":1500,"d":"RD$1,500.00"},{"v":30000,"d":"RD$30,000.00"},{"v":187500,"d":"RD$187,500.00"},"COMPRA MENOR","VENTA DE SERVICIO",{"$nulls":6},"2310 - Maquinaria para la transformación de materias primas"]
["4412 - Suministros de oficina","GRAPADORA","UNIDAD",500,200,100,100,{"$f":"SUM('PACC - SNCC.F.053'!$D55:$G55)","v":900},{"v":175,"d":"RD$175.00"},{"v":157500,"d":"RD$157,500.00"},{"v":157700,"d":"RD$157,700.00"},"COMPRA MENOR","VENTA DE SERVICIO",{"$nulls":6},"2311 - Maquinaria para transformación de petróleo"]
["4412 - Suministros de oficina","CARTULINA DE HILO BLANCA 8 1/2 X 11","CAJA",2,0,0,0,{"$f":"SUM('PACC - SNCC.F.053'!$D56:$G56)","v":2},{"v":100,"d":"RD$100.00"},{"v":200,"d":"RD$200.00"},{"v":15200,"d":"RD$15,200.00"},"COMPRA MENOR","VENTA DE SERVICIO",{"$nulls":6},"2312 - Maquinaria y accesorios de textiles y tejidos"]
["4411 - Accesorios de oficina y escritorio","BANDEJAS PORTAPELES","UNIDAD",10,10,5,5,{"$f":"SUM('PACC - SNCC.F.053'!$D57:$G57)","v":30},{"v":500,"d":"RD$500.00"},{"v":15000,"d":"RD$15,000.00"},{"v":17000,"d":"RD$17,000.00"},"COMPRA MENOR","VENTA DE SERVICIO",{"$nulls":6},"2313 - Maquinaria y equipos lapidarios"]
["4412 - Suministros de oficina","CHINCHETAS","CAJA",10,0,0,0,{"$f":"SUM('PACC - SNCC.F.053'!$D58:$G58)","v":10},{"v":200,"d":"RD$200.00"},{"v":2000,"d":"RD$2,000.00"},{"v":102000,"d":"RD$102,000.00"},"COMPRA MENOR","VENTA DE SERVICIO",{"$nulls":6},"2314 - Maquinaria de reparación y accesorios para trabajar cuero"]
["4411 - Accesorios de oficina y escritorio","GRAPADORA GRANDE 100 PAGINAS","UNIDAD",50,50,50,50,{"$f":"SUM('PACC - SNCC.F.053'!$D59:$G59)","v":200},{"v":500,"d":"RD$500.00"},{"v":100000,"d":"RD$100,000.00"},{"v":132000,"d":"RD$132,000.00"},"COMPRA MENOR","VENTA DE SERVICIO",{"$nulls":6},"2315 - Maquinaria, equipo y suministros de procesos industriales"]
["4411 - Accesorios de oficina y escritorio","SACA GRAPA","UNIDAD",100,100,100,100,{"$f":"SUM('PACC - SNCC.F.053'!$D60:$G60)","v":400},{"v":80,"d":"RD$80.00"},{"v":32000,"d":"RD$32,000.00"},{"v":72000,"d":"RD$72,000.00"},"COMPRA MENOR","VENTA DE SERVICIO",{"$nulls":6},"2316 - Máquinas, equipo y suministros para fundición"]
["4412 - Suministros de oficina","SOBRE MANILA 8/ 1/2 X 11","CAJA",50,50,50,50,{"$f":"SUM('PACC - SNCC.F.053'!$D61:$G61)","v":200},{"v":200,"d":"RD$200.00"},{"v":40000,"d":"RD$40,000.00"},{"v":76000,"d":"RD$76,000.00"},"COMPRA MENOR","VENTA DE SERVICIO",{"$nulls":6},"2317 - Maquinaria, equipo y suministros para talleres"]
["4412 - Suministros de oficina","TIJERA","UNIDAD",100,100,100,100,{"$f":"SUM('PACC - SNCC.F.053'!$D62:$G62)","v":400},{"v":90,"d":"RD$90.00"},{"v":36000,"d":"RD$36,000.00"},{"v":136000,"d":"RD$136,000.00"},"COMPRA MENOR","VENTA DE SERVICIO",{"$nulls":6},"2318 - Equipo industrial para alimentos y bebidas"]
["4412 - Suministros de oficina","MARCADORES AZULES","CAJA",100,100,100,100,{"$f":"SUM('PACC - SNCC.F.053'!$D63:$G63)","v":400},{"v":250,"d":"RD$250.00"},{"v":100000,"d":"RD$100,000.00"},{"v":123000,"d":"RD$123,000.00"},"COMPRA MENOR","VENTA DE SERVICIO",{"$nulls":6},"2319 - Mezcladores y sus partes y accesorios"]
["4512 - Equipo de vídeo, filmación o fotografía","CAMARA PROFESIONAL","UNIDAD",1,0,0,0,{"$f":"SUM('PACC - SNCC.F.053'!$D64:$G64)","v":1},{"v":23000,"d":"RD$23,000.00"},{"v":23000,"d":"RD$23,000.00"},{"v":26000,"d":"RD$26,000.00"},"COMPRA MENOR","VENTA DE SERVICIO",{"$nulls":6},"2320 - Equipamiento par transferencia de masa"]
["4514 - Suministros fotográficos para cine","TRIPODE PARA CAMARA Y CELULARES 50 PULG","UNIDAD",1,0,0,0,{"$f":"SUM('PACC - SNCC.F.053'!$D65:$G65)","v":1},{"v":3000,"d":"RD$3,000.00"},{"v":3000,"d":"RD$3,000.00"},{"v":3530,"d":"RD$3,530.00"},"COMPRA MENOR","VENTA DE SERVICIO",{"$nulls":6},"2321 - Maquinaria de fabricación electrónica, equipo y accesorios"]
["4514 - Suministros fotográficos para cine","MICROFONO DE SOLAPA","UNIDAD",1,0,0,0,{"$f":"SUM('PACC - SNCC.F.053'!$D66:$G66)","v":1},{"v":530,"d":"RD$530.00"},{"v":530,"d":"RD$530.00"},{"v":120530,"d":"RD$120,530.00"},"COMPRA MENOR","VENTA DE SERVICIO",{"$nulls":6},"2322 - Equipo y maquinaria de procesamiento de pollos"]
["4410 - Maquinaria, suministros y accesorios de oficina","BANCADA DE 4 ASIENTOS","UNIDAD",6,6,6,6,{"$f":"SUM('PACC - SNCC.F.053'!$D67:$G67)","v":24},{"v":5000,"d":"RD$5,000.00"},{"v":120000,"d":"RD$120,000.00"},{"v":152000,"d":"RD$152,000.00"},"COMPRA MENOR","VENTA DE SERVICIO",{"$nulls":6},"2323 - Equipo y maquinaria de procesamiento de madera y aserrado"]
["4411 - Accesorios de oficina y escritorio","MURAL DE PARED TIPO CORCHOS 24 X 36","UNIDAD",5,5,5,5,{"$f":"SUM('PACC - SNCC.F.053'!$D68:$G68)","v":20},{"v":1600,"d":"RD$1,600.00"},{"v":32000,"d":"RD$32,000.00"},{"v":42000,"d":"RD$42,000.00"},"COMPRA MENOR","VENTA DE SERVICIO",{"$nulls":6},"2410 - Maquinaria y equipo para manejo de materiales"]
["4321 - Equipo informático y accesorios","MEMORIA USB 32 GB","UNIDAD",5,5,5,5,{"$f":"SUM('PACC - SNCC.F.053'!$D69:$G69)","v":20},{"v":500,"d":"RD$500.00"},{"v":10000,"d":"RD$10,000.00"},{"v":11000,"d":"RD$11,000.00"},"COMPRA MENOR","VENTA DE SERVICIO",{"$nulls":6},"2411 - Recipientes y almacenamiento"]
["4412 - Suministros de oficina","CARPETA DE 3 ANILLAS 4 PULGADAS","UNIDAD",5,0,0,0,{"$f":"SUM('PACC - SNCC.F.053'!$D70:$G70)","v":5},{"v":200,"d":"RD$200.00"},{"v":1000,"d":"RD$1,000.00"},{"v":2750,"d":"RD$2,750.00"},"COMPRA MENOR","VENTA DE SERVICIO",{"$nulls":6},"2412 - Materiales de envasado"]
["4412 - Suministros de oficina","HOJAS DE HILO BLANCAS 8 1/2 X 11","RESMA",5,0,0,0,{"$f":"SUM('PACC - SNCC.F.053'!$D71:$G71)","v":5},{"v":350,"d":"RD$350.00"},{"v":1750,"d":"RD$1,750.00"},{"v":11750,"d":"RD$11,750.00"},"COMPRA MENOR","VENTA DE SERVICIO",{"$nulls":6},"2413 - Refrigeración industrial"]
["4412 - Suministros de oficina","PAPEL ADHESIVO 8 1/2 X 11","CAJA",10,10,10,10,{"$f":"SUM('PACC - SNCC.F.053'!$D72:$G72)","v":40},{"v":250,"d":"RD$250.00"},{"v":10000,"d":"RD$10,000.00"},{"v":110000,"d":"RD$110,000.00"},"COMPRA MENOR","VENTA DE SERVICIO",{"$nulls":6},"2414 - Suministros de embalaje"]
["4412 - Suministros de oficina","MARCADORES NEGROS","CAJA",100,100,100,100,{"$f":"SUM('PACC - SNCC.F.053'!$D73:$G73)","v":400},{"v":250,"d":"RD$250.00"},{"v":100000,"d":"RD$100,000.00"},{"v":200000,"d":"RD$200,000.00"},"COMPRA MENOR","VENTA DE SERVICIO",{"$nulls":6},"2510 - Vehículos de motor"]
["4412 - Suministros de oficina","CINTA ADHESIVA MASKING TAPE","CAJA",50,50,50,50,{"$f":"SUM('PACC - SNCC.F.053'!$D74:$G74)","v":200},{"v":500,"d":"RD$500.00"},{"v":100000,"d":"RD$100,000.00"},{"v":102000,"d":"RD$102,000.00"},"COMPRA MENOR","VENTA DE SERVICIO",{"$nulls":6},"2511 - Transporte marítimo"]
["4412 - Suministros de oficina","RESALTADOR MULTICOLOR","UNIDAD",10,10,10,10,{"$f":"SUM('PACC - SNCC.F.053'!$D75:$G75)","v":40},{"v":50,"d":"RD$50.00"},{"$f":"+H75*I75","v":{"v":2000,"d":"RD$2,000.00"}},{"v":12500,"d":"RD$12,500.00"},"COMPRA MENOR","VENTA DE SERVICIO",{"$nulls":6},"2512 - Maquinaria y equipo para ferrocarril y tranvías"]
["4412 - Suministros de oficina","AGENDA 2021","UNIDAD",30,0,0,0,{"$f":"SUM('PACC - SNCC.F.053'!$D76:$G76)","v":30},{"v":350,"d":"RD$350.00"},{"v":10500,"d":"RD$10,500.00"},{"v":50500,"d":"RD$50,500.00"},"COMPRA MENOR","VENTA DE SERVICIO",{"$nulls":6},"2513 - Aeronaves"]
["4411 - Accesorios de oficina y escritorio","MURAL DE PARED TIPO CORCHOS 36 X 24","UNIDAD",5,5,5,5,{"$f":"SUM('PACC - SNCC.F.053'!$D77:$G77)","v":20},{"v":2000,"d":"RD$2,000.00"},{"v":40000,"d":"RD$40,000.00"},{"v":44000,"d":"RD$44,000.00"},"COMPRA MENOR","VENTA DE SERVICIO",{"$nulls":6},"2515 - Cosmonaves"]
["4412 - Suministros de oficina","TINTA PARA SELLO","UNIDAD",10,10,10,10,{"$f":"SUM('PACC - SNCC.F.053'!$D78:$G78)","v":40},{"v":100,"d":"RD$100.00"},{"v":4000,"d":"RD$4,000.00"},{"v":44000,"d":"RD$44,000.00"},"COMPRA MENOR","VENTA DE SERVICIO",{"$nulls":6},"2516 - Bicicletas no motorizadas"]
["4411 - Accesorios de oficina y escritorio","SUMADORA","UNIDAD",5,5,5,5,{"$f":"SUM('PACC - SNCC.F.053'!$D79:$G79)","v":20},{"v":2000,"d":"RD$2,000.00"},{"v":40000,"d":"RD$40,000.00"},{"v":640000,"d":"RD$640,000.00"},"COMPRA MENOR","VENTA DE SERVICIO",{"$nulls":6},"2517 - Componentes y sistemas de transporte"]
["4412 - Suministros de oficina","PAPEL PARA SUMADORA","CAJA",500,500,500,500,{"$f":"SUM('PACC - SNCC.F.053'!$D80:$G80)","v":2000},{"v":300,"d":"RD$300.00"},{"v":600000,"d":"RD$600,000.00"},{"v":1100000,"d":"RD$1,100,000.00"},"COMPRA MENOR","VENTA DE SERVICIO",{"$nulls":6},"2518 - Carrocerías y remolques  "]
["4411 - Accesorios de oficina y escritorio","SILLAS SECRETARIAL","UNIDAD",50,50,50,50,{"$f":"SUM('PACC - SNCC.F.053'!$D81:$G81)","v":200},{"v":2500,"d":"RD$2,500.00"},{"v":500000,"d":"RD$500,000.00"},{"v":560000,"d":"RD$560,000.00"},"COMPRA MENOR","VENTA DE SERVICIO",{"$nulls":6},"2519 - Equipo para servicios de transporte"]
["4411 - Accesorios de oficina y escritorio","SELLO GRAMIFAGO","UNIDAD",10,10,10,10,{"$f":"SUM('PACC - SNCC.F.053'!$D82:$G82)","v":40},{"v":1500,"d":"RD$1,500.00"},{"v":60000,"d":"RD$60,000.00"},{"$f":"SUM(J82:J83)","v":{"v":110000,"d":"RD$110,000.00"}},"COMPRA MENOR","VENTA DE SERVICIO",{"$nulls":6},"2520 - Sistemas aeroespaciales y componentes y equipo"]
["4412 - Suministros de oficina","SOBRE MANILA AMARILLO ","CAJA",50,50,50,50,{"$f":"SUM('PACC - SNCC.F.053'!$D83:$G83)","v":200},{"v":250,"d":"RD$250.00"},{"v":50000,"d":"RD$50,000.00"},{"v":98000,"d":"RD$98,000.00"},"COMPRA MENOR","VENTA DE SERVICIO",{"$nulls":6},"2610 - Fuentes de energía"]
["4412 - Suministros de oficina","SOBRE MANILA BLANCO","CAJA",50,50,50,50,{"$f":"SUM('PACC - SNCC.F.053'!$D84:$G84)","v":200},{"v":240,"d":"RD$240.00"},{"v":48000,"d":"RD$48,000.00"},{"v":60000,"d":"RD$60,000.00"},"COMPRA MENOR","VENTA DE SERVICIO",{"$nulls":6},"2611 - Transmisión de baterías, generadores y energía cinética"]
["4412 - Suministros de oficina","PIZZARA BLANCA ","UNIDAD",2,2,2,2,{"$f":"SUM('PACC - SNCC.F.053'!$D85:$G85)","v":8},{"v":1500,"d":"RD$1,500.00"},{"v":12000,"d":"RD$12,000.00"},{"v":12500,"d":"RD$12,500.00"},"COMPRA MENOR","VENTA DE SERVICIO",{"$nulls":6},"2612 - Alambres, cables o arneses"]
["4412 - Suministros de oficina","MARCADORES DE PIZZARA","UNIDAD",5,5,5,5,{"$f":"SUM('PACC - SNCC.F.053'!$D86:$G86)","v":20},{"v":25,"d":"RD$25.00"},{"v":500,"d":"RD$500.00"},{"v":2250,"d":"RD$2,250.00"},"COMPRA MENOR","VENTA DE SERVICIO",{"$nulls":6},"2613 - Generación de energía"]
["4412 - Suministros de oficina","CARPETA DE 3 ANILLAS 5 PULGADAS","UNIDAD",7,0,0,0,{"$f":"SUM('PACC - SNCC.F.053'!$D87:$G87)","v":7},{"v":250,"d":"RD$250.00"},{"v":1750,"d":"RD$1,750.00"},{"v":289750,"d":"RD$289,750.00"},"COMPRA MENOR","VENTA DE SERVICIO",{"$nulls":6},"2614 - Maquinaria y equipo para energía atómica o nuclear"]
["4218 - Productos de examen y control del paciente","CLINICA PERINATAL","BLOCK",600,600,600,600,{"$f":"SUM('PACC - SNCC.F.053'!$D88:$G88)","v":2400},{"v":120,"d":"RD$120.00"},{"v":288000,"d":"RD$288,000.00"},{"v":554580,"d":"RD$554,580.00"},"COMPRA MENOR","VENTA DE SERVICIO",{"$nulls":6},"2711 - Herramientas de mano"]
["4218 - Productos de examen y control del paciente","HOJA DE EVALUACION DEPACIENTE","BLOCK",900,900,900,900,{"$f":"SUM('PACC - SNCC.F.053'!$D89:$G89)","v":3600},{"v":74.05,"d":"RD$74.05"},{"v":266580,"d":"RD$266,580.00"},{"v":465204,"d":"RD$465,204.00"},"COMPRA MENOR","VENTA DE SERVICIO",{"$nulls":6},"2712 - Maquinaria y equipo hidráulico"]
["4218 - Productos de examen y control del paciente","HOJA DE SIGNOS VITALES","BLOCK",600,600,600,600,{"$f":"SUM('PACC - SNCC.F.053'!$D90:$G90)","v":2400},{"v":82.76,"d":"RD$82.76"},{"v":198624,"d":"RD$198,624.00"},{"v":336624,"d":"RD$336,624.00"},"COMPRA MENOR","VENTA DE SERVICIO",{"$nulls":6},"2713 - Maquinaria y equipo neumático"]
["4218 - Productos de examen y control del paciente","CONTROLES ESPECIALES EQUIPO HIDRICO","BLOCK",300,300,300,300,{"$f":"SUM('PACC - SNCC.F.053'!$D91:$G91)","v":1200},{"v":115,"d":"RD$115.00"},{"v":138000,"d":"RD$138,000.00"},{"v":404580,"d":"RD$404,580.00"},"COMPRA MENOR","VENTA DE SERVICIO",{"$nulls":6},"2714 - Herramientas especializadas de automoción"]
["4218 - Productos de examen y control del paciente","KARDEX","BLOCK",900,900,900,900,{"$f":"SUM('PACC - SNCC.F.053'!$D92:$G92)","v":3600},{"v":74.05,"d":"RD$74.05"},{"v":266580,"d":"RD$266,580.00"},{"v":626580,"d":"RD$626,580.00"},"COMPRA MENOR","VENTA DE SERVICIO",{"$nulls":6},"3010 - Materiales estructurales: formas básicas"]
["4218 - Productos de examen y control del paciente","REGISTRO DIARIO DE ATENCIONES","BLOCK",900,900,900,900,{"$f":"SUM('PACC - SNCC.F.053'!$D93:$G93)","v":3600},{"v":100,"d":"RD$100.00"},{"v":360000,"d":"RD$360,000.00"},{"v":558624,"d":"RD$558,624.00"},"COMPRA MENOR","VENTA DE SERVICIO",{"$nulls":6},"3011 - Hormigón, cemento y yeso"]
["4218 - Productos de examen y control del paciente","CONTROLES DEL PERIODO DILATENTE","BLOCK",600,600,600,600,{"$f":"SUM('PACC - SNCC.F.053'!$D94:$G94)","v":2400},{"v":82.76,"d":"RD$82.76"},{"v":198624,"d":"RD$198,624.00"},{"v":378624,"d":"RD$378,624.00"},"COMPRA MENOR","VENTA DE SERVICIO",{"$nulls":6},"3012 - Carreteras y paisaje"]
["4713 - Suministros de limpieza","CLORO","GALON",300,300,300,300,{"$f":"SUM('PACC - SNCC.F.053'!$D95:$G95)","v":1200},{"v":150,"d":"RD$150.00"},{"v":180000,"d":"RD$180,000.00"},{"v":540000,"d":"RD$540,000.00"},"COMPRA MENOR","VENTA DE SERVICIO",{"$nulls":6},"3013 - Productos de construcción estructurales"]
["4713 - Suministros de limpieza","DESINFECTANTE","GALON",300,300,300,300,{"$f":"SUM('PACC - SNCC.F.053'!$D96:$G96)","v":1200},{"v":300,"d":"RD$300.00"},{"v":360000,"d":"RD$360,000.00"},{"v":600000,"d":"RD$600,000.00"},"COMPRA MENOR","VENTA DE SERVICIO",{"$nulls":6},"3014 - Aislamiento"]
["3116 - Ferretería","DESGRASANTE","GALON",120,120,120,120,{"$f":"SUM('PACC - SNCC.F.053'!$D97:$G97)","v":480},{"v":500,"d":"RD$500.00"},{"v":240000,"d":"RD$240,000.00"},{"v":384000,"d":"RD$384,000.00"},"COMPRA MENOR","VENTA DE SERVICIO",{"$nulls":6},"3015 - Materiales para acabado de exteriores"]
["4713 - Suministros de limpieza","SUAVISANTE","GALON",180,180,180,180,{"$f":"SUM('PACC - SNCC.F.053'!$D98:$G98)","v":720},{"v":200,"d":"RD$200.00"},{"v":144000,"d":"RD$144,000.00"},{"v":234240,"d":"RD$234,240.00"},"COMPRA MENOR","VENTA DE SERVICIO",{"$nulls":6},"3016 - Materiales de acabado de interiores"]
["5017 - Condimentos y conservantes","VINAGRE","GALON",96,96,96,96,{"$f":"SUM('PACC - SNCC.F.053'!$D99:$G99)","v":384},{"v":235,"d":"RD$235.00"},{"v":90240,"d":"RD$90,240.00"},{"v":1350240,"d":"RD$1,350,240.00"},"COMPRA MENOR","VENTA DE SERVICIO",{"$nulls":6},"3017 - Puertas y ventanas y vidrio"]
["4713 - Suministros de limpieza","ACE","SACO",84,84,84,84,{"$f":"SUM('PACC - SNCC.F.053'!$D100:$G100)","v":336},{"v":3750,"d":"RD$3,750.00"},{"v":1260000,"d":"RD$1,260,000.00"},{"v":2547000,"d":"RD$2,547,000.00"},"COMPRA MENOR","VENTA DE SERVICIO",{"$nulls":6},"3018 - Instalaciones de baño"]
["1510 - Combustibles","GASOIL","GALON",1650,1650,1650,1650,{"$f":"SUM('PACC - SNCC.F.053'!$D101:$G101)","v":6600},{"v":195,"d":"RD$195.00"},{"v":1287000,"d":"RD$1,287,000.00"},{"v":1354200,"d":"RD$1,354,200.00"},"COMPRA MENOR","VENTA DE SERVICIO",{"$nulls":6},"3019 - Equipo de apoyo para Construcción y Mantenimiento"]
["3120 - Adhesivos y selladores","CINTA DE AUTOCLAVE","UNIDAD",84,84,84,84,{"$f":"SUM('PACC - SNCC.F.053'!$D102:$G102)","v":336},{"v":200,"d":"RD$200.00"},{"v":67200,"d":"RD$67,200.00"},{"v":147200,"d":"RD$147,200.00"},"COMPRA MENOR","VENTA DE SERVICIO",{"$nulls":6},"3020 - Estructuras prefabricadas"]
["4213 - Telas y vestidos médicos","TELA","PAQUETES (17 PIEZAS)",10,10,10,10,{"$f":"SUM('PACC - SNCC.F.053'!$D103:$G103)","v":40},{"v":2000,"d":"RD$2,000.00"},{"v":80000,"d":"RD$80,000.00"},{"v":418000,"d":"RD$418,000.00"},"COMPRA MENOR","VENTA DE SERVICIO",{"$nulls":6},"3022 - Estructuras Permanentes"]
["5010 - Frutas, verduras y frutos secos","PAPEL TOALLA","PAQUETE (6)",100,100,100,100,{"$f":"SUM('PACC - SNCC.F.053'!$D104:$G104)","v":400},{"v":845,"d":"RD$845.00"},{"v":338000,"d":"RD$338,000.00"},{"v":1310000,"d":"RD$1,310,000.00"},"COMPRA MENOR","VENTA DE SERVICIO",{"$nulls":6},"3110 - Piezas de fundición"]
["5010 - Frutas, verduras y frutos secos","OXIGENO","CILINDROS",180,180,180,180,{"$f":"SUM('PACC - SNCC.F.053'!$D105:$G105)","v":720},{"v":1350,"d":"RD$1,350.00"},{"v":972000,"d":"RD$972,000.00"},{"v":12852000,"d":"RD$12,852,000.00"},"COMPRA MENOR","VENTA DE SERVICIO",{"$nulls":6},"3111 - Extrusiones"]
["5010 - Frutas, verduras y frutos secos","OXIGENO LIQUIDO","HSTF",9000,9000,9000,9000,{"$f":"SUM('PACC - SNCC.F.053'!$D106:$G106)","v":36000},{"v":330,"d":"RD$330.00"},{"v":11880000,"d":"RD$11,880,000.00"},{"v":11904000,"d":"RD$11,904,000.00"},"COMPRA MENOR","VENTA DE SERVICIO",{"$nulls":6},"3112 - Piezas fundidas mecanizadas"]
["5010 - Frutas, verduras y frutos secos","AJIES CUBANELA","LIBRA",150,150,150,150,{"$f":"SUM('PACC - SNCC.F.053'!$D107:$G107)","v":600},{"v":40,"d":"RD$40.00"},{"v":24000,"d":"RD$24,000.00"},{"v":57000,"d":"RD$57,000.00"},"COMPRA MENOR","VENTA DE SERVICIO",{"$nulls":6},"3113 - Forjaduras"]
["5010 - Frutas, verduras y frutos secos","AJIES MORRON","LIBRA",150,150,150,150,{"$f":"SUM('PACC - SNCC.F.053'!$D108:$G108)","v":600},{"v":55,"d":"RD$55.00"},{"v":33000,"d":"RD$33,000.00"},{"v":91500,"d":"RD$91,500.00"},"COMPRA MENOR","VENTA DE SERVICIO",{"$nulls":6},"3114 - Molduras"]
["5010 - Frutas, verduras y frutos secos","AJO","LIBRA",65,65,65,65,{"$f":"SUM('PACC - SNCC.F.053'!$D109:$G109)","v":260},{"v":225,"d":"RD$225.00"},{"v":58500,"d":"RD$58,500.00"},{"v":62400,"d":"RD$62,400.00"},"COMPRA MENOR","VENTA DE SERVICIO",{"$nulls":6},"3115 - Cuerda y cadena y cable y alambre y correa"]
["5010 - Frutas, verduras y frutos secos","APIO","LIBRA",39,39,39,39,{"$f":"SUM('PACC - SNCC.F.053'!$D110:$G110)","v":156},{"v":25,"d":"RD$25.00"},{"v":3900,"d":"RD$3,900.00"},{"v":27820,"d":"RD$27,820.00"},"COMPRA MENOR","VENTA DE SERVICIO",{"$nulls":6},"3116 - Ferretería"]
["5010 - Frutas, verduras y frutos secos","AUYAMA","LIBRA",260,260,260,260,{"$f":"SUM('PACC - SNCC.F.053'!$D111:$G111)","v":1040},{"v":23,"d":"RD$23.00"},{"v":23920,"d":"RD$23,920.00"},{"v":94640,"d":"RD$94,640.00"},"COMPRA MENOR","VENTA DE SERVICIO",{"$nulls":6},"3117 - Cojinetes, casquillos, ruedas y engranajes"]
["5010 - Frutas, verduras y frutos secos","BATATA","LIBRA",1040,1040,1040,1040,{"$f":"SUM('PACC - SNCC.F.053'!$D112:$G112)","v":4160},{"v":17,"d":"RD$17.00"},{"v":70720,"d":"RD$70,720.00"},{"v":148720,"d":"RD$148,720.00"},"COMPRA MENOR","VENTA DE SERVICIO",{"$nulls":6},"3118 - Juntas obturadoras y sellos"]
["5010 - Frutas, verduras y frutos secos","BERENJENA","UNIDAD",1300,1300,1300,1300,{"$f":"SUM('PACC - SNCC.F.053'!$D113:$G113)","v":5200},{"v":15,"d":"RD$15.00"},{"v":78000,"d":"RD$78,000.00"},{"v":87200,"d":"RD$87,200.00"},"COMPRA MENOR","VENTA DE SERVICIO",{"$nulls":6},"3119 - Materiales de molduración, pulido y alisado"]
["5010 - Frutas, verduras y frutos secos","CANELA","LIBRA",10,10,10,10,{"$f":"SUM('PACC - SNCC.F.053'!$D114:$G114)","v":40},{"v":230,"d":"RD$230.00"},{"v":9200,"d":"RD$9,200.00"},{"v":66400,"d":"RD$66,400.00"},"COMPRA MENOR","VENTA DE SERVICIO",{"$nulls":6},"3120 - Adhesivos y selladores"]
["5010 - Frutas, verduras y frutos secos","CEBOLLA ROJA","LIBRA",260,260,260,260,{"$f":"SUM('PACC - SNCC.F.053'!$D115:$G115)","v":1040},{"v":55,"d":"RD$55.00"},{"v":57200,"d":"RD$57,200.00"},{"v":61880,"d":"RD$61,880.00"},"COMPRA MENOR","VENTA DE SERVICIO",{"$nulls":6},"3121 - Pinturas y tapa poros y acabados"]
["5010 - Frutas, verduras y frutos secos","CILANTRICO","PAQUETE",26,26,26,26,{"$f":"SUM('PACC - SNCC.F.053'!$D116:$G116)","v":104},{"v":45,"d":"RD$45.00"},{"v":4680,"d":"RD$4,680.00"},{"v":12180,"d":"RD$12,180.00"},"COMPRA MENOR","VENTA DE SERVICIO",{"$nulls":6},"3122 - Extractos de teñir y de curtir"]
["5010 - Frutas, verduras y frutos secos","CLAVO DULCE","LIBRA",5,5,5,5,{"$f":"SUM('PACC - SNCC.F.053'!$D117:$G117)","v":20},{"v":375,"d":"RD$375.00"},{"v":7500,"d":"RD$7,500.00"},{"v":153100,"d":"RD$153,100.00"},"COMPRA MENOR","VENTA DE SERVICIO",{"$nulls":6},"3123 - Materia prima en placas o barras labradas"]
["5010 - Frutas, verduras y frutos secos","GUINEO VERDE","UNIDAD",10400,10400,10400,10400,{"$f":"SUM('PACC - SNCC.F.053'!$D118:$G118)","v":41600},{"v":3.5,"d":"RD$3.50"},{"v":145600,"d":"RD$145,600.00"},{"v":153600,"d":"RD$153,600.00"},"COMPRA MENOR","VENTA DE SERVICIO",{"$nulls":6},"3124 - Óptica industrial"]
["5010 - Frutas, verduras y frutos secos","HABICHUELAS NEGRAS","LIBRA",40,40,40,40,{"$f":"SUM('PACC - SNCC.F.053'!$D119:$G119)","v":160},{"v":50,"d":"RD$50.00"},{"v":8000,"d":"RD$8,000.00"},{"v":36600,"d":"RD$36,600.00"},"COMPRA MENOR","VENTA DE SERVICIO",{"$nulls":6},"3125 - Sistemas de control neumático, hidráulico o eléctrico"]
["5010 - Frutas, verduras y frutos secos","HABICHUELAS ROJAS","LIBRA",130,130,130,130,{"$f":"SUM('PACC - SNCC.F.053'!$D120:$G120)","v":520},{"v":55,"d":"RD$55.00"},{"v":28600,"d":"RD$28,600.00"},{"v":122200,"d":"RD$122,200.00"},"COMPRA MENOR","VENTA DE SERVICIO",{"$nulls":6},"3126 - Cubiertas, cajas y envolturas"]
["5010 - Frutas, verduras y frutos secos","HABICHUELAS HABITAS","LIBRA",390,390,390,390,{"$f":"SUM('PACC - SNCC.F.053'!$D121:$G121)","v":1560},{"v":60,"d":"RD$60.00"},{"v":93600,"d":"RD$93,600.00"},{"v":301600,"d":"RD$301,600.00"},"COMPRA MENOR","VENTA DE SERVICIO",{"$nulls":6},"3127 - Piezas hechas a máquina"]
["5010 - Frutas, verduras y frutos secos","HUEVOS","UNIDAD",10400,10400,10400,10400,{"$f":"SUM('PACC - SNCC.F.053'!$D122:$G122)","v":41600},{"v":5,"d":"RD$5.00"},{"v":208000,"d":"RD$208,000.00"},{"v":211380,"d":"RD$211,380.00"},"COMPRA MENOR","VENTA DE SERVICIO",{"$nulls":6},"3128 - Componentes de placa y estampados"]
["5010 - Frutas, verduras y frutos secos","LECHOSA","UNIDAD",13,13,13,13,{"$f":"SUM('PACC - SNCC.F.053'!$D123:$G123)","v":52},{"v":65,"d":"RD$65.00"},{"v":3380,"d":"RD$3,380.00"},{"v":6880,"d":"RD$6,880.00"},"COMPRA MENOR","VENTA DE SERVICIO",{"$nulls":6},"3129 - Estiramientos por presión labrados"]
["5010 - Frutas, verduras y frutos secos","MALAGUETA","LIBRA",5,5,5,5,{"$f":"SUM('PACC - SNCC.F.053'!$D124:$G124)","v":20},{"v":175,"d":"RD$175.00"},{"v":3500,"d":"RD$3,500.00"},{"v":11300,"d":"RD$11,300.00"},"COMPRA MENOR","VENTA DE SERVICIO",{"$nulls":6},"3130 - Forjas labradas"]
["5010 - Frutas, verduras y frutos secos","NUEZ MOSCADA","LIBRA",5,5,5,5,{"$f":"SUM('PACC - SNCC.F.053'!$D125:$G125)","v":20},{"v":390,"d":"RD$390.00"},{"v":7800,"d":"RD$7,800.00"},{"v":9800,"d":"RD$9,800.00"},"COMPRA MENOR","VENTA DE SERVICIO",{"$nulls":6},"3131 - Conjuntos de tubería fabricada"]
["5010 - Frutas, verduras y frutos secos","OREGANO ENTERO","LIBRA",5,5,5,5,{"$f":"SUM('PACC - SNCC.F.053'!$D126:$G126)","v":20},{"v":100,"d":"RD$100.00"},{"v":2000,"d":"RD$2,000.00"},{"v":272400,"d":"RD$272,400.00"},"COMPRA MENOR","VENTA DE SERVICIO",{"$nulls":6},"3132 - Conjuntos fabricados de material en barras"]
["5010 - Frutas, verduras y frutos secos","PAPAS","LIBRA",2600,2600,2600,2600,{"$f":"SUM('PACC - SNCC.F.053'!$D127:$G127)","v":10400},{"v":26,"d":"RD$26.00"},{"v":270400,"d":"RD$270,400.00"},{"v":286000,"d":"RD$286,000.00"},"COMPRA MENOR","VENTA DE SERVICIO",{"$nulls":6},"3133 - Conjuntos estructurales fabricados"]
["5010 - Frutas, verduras y frutos secos","PEPINOS","UNIDAD",260,260,260,260,{"$f":"SUM('PACC - SNCC.F.053'!$D128:$G128)","v":1040},{"v":15,"d":"RD$15.00"},{"v":15600,"d":"RD$15,600.00"},{"v":19240,"d":"RD$19,240.00"},"COMPRA MENOR","VENTA DE SERVICIO",{"$nulls":6},"3134 - Conjuntos de placa fabricado"]
["5010 - Frutas, verduras y frutos secos","PIÑA","UNIDAD",13,13,13,13,{"$f":"SUM('PACC - SNCC.F.053'!$D129:$G129)","v":52},{"v":70,"d":"RD$70.00"},{"v":3640,"d":"RD$3,640.00"},{"v":586040,"d":"RD$586,040.00"},"COMPRA MENOR","VENTA DE SERVICIO",{"$nulls":6},"3135 - Conjuntos de tubería fabricada"]
["5010 - Frutas, verduras y frutos secos","PLATANOS VERDES","UNIDAD",10400,10400,10400,10400,{"$f":"SUM('PACC - SNCC.F.053'!$D130:$G130)","v":41600},{"v":14,"d":"RD$14.00"},{"v":582400,"d":"RD$582,400.00"},{"v":590200,"d":"RD$590,200.00"},"COMPRA MENOR","VENTA DE SERVICIO",{"$nulls":6},"3136 - Conjuntos de placa fabricados"]
["5010 - Frutas, verduras y frutos secos","PUERRO FINO ","PAQUETE",39,39,39,39,{"$f":"SUM('PACC - SNCC.F.053'!$D131:$G131)","v":156},{"v":50,"d":"RD$50.00"},{"v":7800,"d":"RD$7,800.00"},{"v":18200,"d":"RD$18,200.00"},"COMPRA MENOR","VENTA DE SERVICIO",{"$nulls":6},"3137 - Refractarios"]
["5010 - Frutas, verduras y frutos secos","SANDIA","UNIDAD",13,13,13,13,{"$f":"SUM('PACC - SNCC.F.053'!$D132:$G132)","v":52},{"v":200,"d":"RD$200.00"},{"v":10400,"d":"RD$10,400.00"},{"v":83200,"d":"RD$83,200.00"},"COMPRA MENOR","VENTA DE SERVICIO",{"$nulls":6},"3138 - Imanes y materiales magnéticos"]
["5010 - Frutas, verduras y frutos secos","TAYOTA","UNIDAD",1300,1300,1300,1300,{"$f":"SUM('PACC - SNCC.F.053'!$D133:$G133)","v":5200},{"v":14,"d":"RD$14.00"},{"v":72800,"d":"RD$72,800.00"},{"v":85800,"d":"RD$85,800.00"},"COMPRA MENOR","VENTA DE SERVICIO",{"$nulls":6},"3210 - Circuitos impresos, circuitos integrados y micro ensamblajes"]
["5010 - Frutas, verduras y frutos secos","TOMATE BARCELO","LIBRA",130,130,130,130,{"$f":"SUM('PACC - SNCC.F.053'!$D134:$G134)","v":520},{"v":25,"d":"RD$25.00"},{"v":13000,"d":"RD$13,000.00"},{"v":44200,"d":"RD$44,200.00"},"COMPRA MENOR","VENTA DE SERVICIO",{"$nulls":6},"3211 - Dispositivo semiconductor discreto"]
["5010 - Frutas, verduras y frutos secos","TOMATE ENSALADA","LIBRA",260,260,260,260,{"$f":"SUM('PACC - SNCC.F.053'!$D135:$G135)","v":1040},{"v":30,"d":"RD$30.00"},{"v":31200,"d":"RD$31,200.00"},{"v":46800,"d":"RD$46,800.00"},"COMPRA MENOR","VENTA DE SERVICIO",{"$nulls":6},"3212 - Componentes pasivos discretos"]
["5010 - Frutas, verduras y frutos secos","TRIGO","FUNDA",3,3,3,3,{"$f":"SUM('PACC - SNCC.F.053'!$D136:$G136)","v":12},{"v":1300,"d":"RD$1,300.00"},{"v":15600,"d":"RD$15,600.00"},{"v":618800,"d":"RD$618,800.00"},"COMPRA MENOR","VENTA DE SERVICIO",{"$nulls":6},"3213 - Piezas de componentes y hardware electrónicos y accesorios"]
["5010 - Frutas, verduras y frutos secos","YAUTIA BLANCA","LIBRA",2600,2600,2600,2600,{"$f":"SUM('PACC - SNCC.F.053'!$D137:$G137)","v":10400},{"v":58,"d":"RD$58.00"},{"v":603200,"d":"RD$603,200.00"},{"v":673920,"d":"RD$673,920.00"},"COMPRA MENOR","VENTA DE SERVICIO",{"$nulls":6},"3214 - Dispositivos de tubo electrónico y accesorios"]
["5010 - Frutas, verduras y frutos secos","YUCA","LIBRA",1040,1040,1040,1040,{"$f":"SUM('PACC - SNCC.F.053'!$D138:$G138)","v":4160},{"v":17,"d":"RD$17.00"},{"v":70720,"d":"RD$70,720.00"},{"v":92560,"d":"RD$92,560.00"},"COMPRA MENOR","VENTA DE SERVICIO",{"$nulls":6},"3910 - Lámparas y bombillas y componentes para lámparas"]
["5010 - Frutas, verduras y frutos secos","ZANAHORIA","LIBRA",195,195,195,195,{"$f":"SUM('PACC - SNCC.F.053'!$D139:$G139)","v":780},{"v":28,"d":"RD$28.00"},{"$f":"+H139*I139","v":{"v":21840,"d":"RD$21,840.00"}},{"v":221172,"d":"RD$221,172.00"},"COMPRA MENOR","VENTA DE SERVICIO",{"$nulls":6},"3911 - Iluminación, artefactos y accesorios"]
["4112 - Suministros y accesorios de laboratorio","MAGLUMI HBSAG (CLIA)","UNIDAD ",3,3,3,3,{"$f":"SUM('PACC - SNCC.F.053'!$D140:$G140)","v":12},{"v":16611,"d":"RD$16,611.00"},{"v":199332,"d":"RD$199,332.00"},{"v":441750,"d":"RD$441,750.00"},"COMPRA DIRECTA","VENTA DE SERVICIO",{"$nulls":6},"3912 - Equipos, suministros y componentes eléctricos"]
["4112 - Suministros y accesorios de laboratorio","MAGLUMI HCV IGG","CAJA",3,3,3,3,{"$f":"SUM('PACC - SNCC.F.053'!$D141:$G141)","v":12},{"v":20201.5,"d":"RD$20,201.50"},{"v":242418,"d":"RD$242,418.00"},{"v":296237.64,"d":"RD$296,237.64"},"COMPRA DIRECTA","VENTA DE SERVICIO",{"$nulls":6},"4010 - Calefacción, ventilación y circulación del aire"]
["4112 - Suministros y accesorios de laboratorio","MAGLUMI LIGHT CHECK","CAJA",3,3,3,3,{"$f":"SUM('PACC - SNCC.F.053'!$D142:$G142)","v":12},{"v":4484.97,"d":"RD$4,484.97"},{"v":53819.64,"d":"RD$53,819.64"},{"v":293819.64,"d":"RD$293,819.64"},"COMPRA DIRECTA","VENTA DE SERVICIO",{"$nulls":6},"4014 - Distribución de fluidos y gas"]
["4111 - Instrumentos de medida, observación y ensayo","KIT TOMA DE MUESTRA COVID-19 SARS-COV-2","CAJA",300,300,300,300,{"$f":"SUM('PACC - SNCC.F.053'!$D143:$G143)","v":1200},{"v":200,"d":"RD$200.00"},{"v":240000,"d":"RD$240,000.00"},{"v":300360,"d":"RD$300,360.00"},"COMPRA DIRECTA","VENTA DE SERVICIO",{"$nulls":6},"4015 - Bombas y compresores industriales"]
["4112 - Suministros y accesorios de laboratorio","V-LAB EMBARAZO (HCG) 30/1","CAJA",15,15,15,15,{"$f":"SUM('PACC - SNCC.F.053'!$D144:$G144)","v":60},{"v":1006,"d":"RD$1,006.00"},{"v":60360,"d":"RD$60,360.00"},{"v":756360,"d":"RD$756,360.00"},"COMPRA DIRECTA","VENTA DE SERVICIO",{"$nulls":6},"4016 - Filtrado y purificación industrial"]
["4112 - Suministros y accesorios de laboratorio","EASYLYTE NA/K/CL 400ML REAGENT PACK","CAJA",6,6,6,6,{"$f":"SUM('PACC - SNCC.F.053'!$D145:$G145)","v":24},{"v":29000,"d":"RD$29,000.00"},{"v":696000,"d":"RD$696,000.00"},{"v":741788.4,"d":"RD$741,788.40"},"COMPRA DIRECTA","VENTA DE SERVICIO",{"$nulls":6},"4110 - Equipo de laboratorio y científico"]
["4112 - Suministros y accesorios de laboratorio","EASYLYTE DAILY CLEANING SOL","CAJA",3,3,3,3,{"$f":"SUM('PACC - SNCC.F.053'!$D146:$G146)","v":12},{"v":3815.7,"d":"RD$3,815.70"},{"v":45788.399999999994,"d":"RD$45,788.40"},{"$f":"SUM(J146:J147)","v":{"v":53564.399999999994,"d":"RD$53,564.40"}},"COMPRA DIRECTA","VENTA DE SERVICIO",{"$nulls":6},"4111 - Instrumentos de medida, observación y ensayo"]
["4111 - Instrumentos de medida, observación y ensayo","ASA CALIBRADA PLAST 1/1000 P/25","UNIDAD",12,12,12,12,{"$f":"SUM('PACC - SNCC.F.053'!$D147:$G147)","v":48},{"v":162,"d":"RD$162.00"},{"v":7776,"d":"RD$7,776.00"},{"v":58477.200000000004,"d":"RD$58,477.20"},"COMPRA DIRECTA","VENTA DE SERVICIO",{"$nulls":6},"4112 - Suministros y accesorios de laboratorio"]
["4112 - Suministros y accesorios de laboratorio","EASYLYTE INTERNAL FILLING SOL","CAJA",3,3,3,3,{"$f":"SUM('PACC - SNCC.F.053'!$D148:$G148)","v":12},{"v":4225.1,"d":"RD$4,225.10"},{"v":50701.200000000004,"d":"RD$50,701.20"},{"v":82234.2,"d":"RD$82,234.20"},"COMPRA DIRECTA","VENTA DE SERVICIO",{"$nulls":6},"4212 - Equipos y suministros veterinarios"]
["4112 - Suministros y accesorios de laboratorio","DIAGNOSTIKA ANTI-D 10ML","CAJA",15,15,15,15,{"$f":"SUM('PACC - SNCC.F.053'!$D149:$G149)","v":60},{"v":525.55,"d":"RD$525.55"},{"v":31532.999999999996,"d":"RD$31,533.00"},{"v":87333,"d":"RD$87,333.00"},"COMPRA DIRECTA","VENTA DE SERVICIO",{"$nulls":6},"4213 - Telas y vestidos médicos"]
["4111 - Instrumentos de medida, observación y ensayo","TUBO E.S.R CS/100","UNIDAD",18,18,18,18,{"$f":"SUM('PACC - SNCC.F.053'!$D150:$G150)","v":72},{"v":775,"d":"RD$775.00"},{"v":55800,"d":"RD$55,800.00"},{"v":202248,"d":"RD$202,248.00"},"COMPRA DIRECTA","VENTA DE SERVICIO",{"$nulls":6},"4214 - Suministros y productos de tratamiento y cuidado del enfermo"]
["4111 - Instrumentos de medida, observación y ensayo","PIPETA DE E.S.R CS/100","UNIDAD ",18,18,18,18,{"$f":"SUM('PACC - SNCC.F.053'!$D151:$G151)","v":72},{"v":2034,"d":"RD$2,034.00"},{"v":146448,"d":"RD$146,448.00"},{"v":260352,"d":"RD$260,352.00"},"COMPRA DIRECTA","VENTA DE SERVICIO",{"$nulls":6},"4215 - Equipos y suministros dentales"]
["4112 - Suministros y accesorios de laboratorio","PROTEINA C REACTIVA 100 TEST","CAJA ",18,18,18,18,{"$f":"SUM('PACC - SNCC.F.053'!$D152:$G152)","v":72},{"v":1582,"d":"RD$1,582.00"},{"v":113904,"d":"RD$113,904.00"},{"v":214224,"d":"RD$214,224.00"},"COMPRA DIRECTA","VENTA DE SERVICIO",{"$nulls":6},"4216 - Equipo de diálisis y suministros"]
["4112 - Suministros y accesorios de laboratorio","HEMOCULTIVO PEDIATRICO 20ML","CAJA",120,120,120,120,{"$f":"SUM('PACC - SNCC.F.053'!$D153:$G153)","v":480},{"v":209,"d":"RD$209.00"},{"v":100320,"d":"RD$100,320.00"},{"v":368352,"d":"RD$368,352.00"},"COMPRA DIRECTA","VENTA DE SERVICIO",{"$nulls":6},"4217 - Productos para los servicios médicos de urgencias y campo"]
["5121 - Categorías de medicamentos varios","AMPICILINA 1GR INY","UNIDAD",2400,2400,2400,2400,{"$f":"SUM('PACC - SNCC.F.053'!$D154:$G154)","v":9600},{"v":27.92,"d":"RD$27.92"},{"v":268032,"d":"RD$268,032.00"},{"v":958032,"d":"RD$958,032.00"},"COMPARACIÓN DE PRECIOS","ANTICIPO FINANCIERO",{"$nulls":6},"4218 - Productos de examen y control del paciente"]
["5121 - Categorías de medicamentos varios","HIDROCORTISONA FRASCO 100MG VIAL","UNIDAD",3450,3450,3450,3450,{"$f":"SUM('PACC - SNCC.F.053'!$D155:$G155)","v":13800},{"v":50,"d":"RD$50.00"},{"v":690000,"d":"RD$690,000.00"},{"v":750000,"d":"RD$750,000.00"},"COMPARACIÓN DE PRECIOS","ANTICIPO FINANCIERO",{"$nulls":6},"4219 - Productos de facilidad médica"]
["5121 - Categorías de medicamentos varios","MASCARILLA DE NEBULIZAR PEDIATRICA","UNIDAD ",300,300,300,300,{"$f":"SUM('PACC - SNCC.F.053'!$D156:$G156)","v":1200},{"v":50,"d":"RD$50.00"},{"v":60000,"d":"RD$60,000.00"},{"v":102816,"d":"RD$102,816.00"},"COMPARACIÓN DE PRECIOS","ANTICIPO FINANCIERO",{"$nulls":6},"4220 - Productos de hacer imágenes diagnósticas médicas y de medicina nuclear"]
["5121 - Categorías de medicamentos varios","DIPIRONA 1G 2ML AMP.","UNIDAD",1200,1200,1200,1200,{"$f":"SUM('PACC - SNCC.F.053'!$D157:$G157)","v":4800},{"v":8.92,"d":"RD$8.92"},{"v":42816,"d":"RD$42,816.00"},{"v":197256,"d":"RD$197,256.00"},"COMPARACIÓN DE PRECIOS","ANTICIPO FINANCIERO",{"$nulls":6},"4221 - Ayuda para personas con desafíos físicos para vivir independiente"]
["5121 - Categorías de medicamentos varios","LIDOCAINA 2% SIN/EPINEFRINA 50ML VIAL","UNIDAD",600,600,600,600,{"$f":"SUM('PACC - SNCC.F.053'!$D158:$G158)","v":2400},{"v":64.35,"d":"RD$64.35"},{"v":154440,"d":"RD$154,440.00"},{"v":451320,"d":"RD$451,320.00"},"COMPARACIÓN DE PRECIOS","ANTICIPO FINANCIERO",{"$nulls":6},"4222 - Productos para administración intravenosa y arterial"]
["5121 - Categorías de medicamentos varios","OXITOCINA 10 U.I 1ML AMP.","UNIDAD",6000,6000,6000,6000,{"$f":"SUM('PACC - SNCC.F.053'!$D159:$G159)","v":24000},{"v":12.37,"d":"RD$12.37"},{"v":296880,"d":"RD$296,880.00"},{"v":320880,"d":"RD$320,880.00"},"COMPARACIÓN DE PRECIOS","ANTICIPO FINANCIERO",{"$nulls":6},"4223 - Nutrición clínica"]
["5117 - Medicamentos que afectan al sistema gastrointestinal","SONDA LEVIN NO.16","UNIDAD",300,300,300,300,{"$f":"SUM('PACC - SNCC.F.053'!$D160:$G160)","v":1200},{"v":20,"d":"RD$20.00"},{"v":24000,"d":"RD$24,000.00"},{"v":48000,"d":"RD$48,000.00"},"COMPARACIÓN DE PRECIOS","ANTICIPO FINANCIERO",{"$nulls":6},"4224 - Productos medicinales de deportes y prostético y ortopédico"]
["5121 - Categorías de medicamentos varios","DEXAMETASONA","UNIDAD",300,300,300,300,{"$f":"SUM('PACC - SNCC.F.053'!$D161:$G161)","v":1200},{"v":20,"d":"RD$20.00"},{"v":24000,"d":"RD$24,000.00"},{"v":168000,"d":"RD$168,000.00"},"COMPARACIÓN DE PRECIOS","ANTICIPO FINANCIERO",{"$nulls":6},"4225 - Productos de rehabilitación y terapia ocupacional y física"]
["5121 - Categorías de medicamentos varios","DIMENHIDRINATO","UNIDAD",1200,1200,1200,1200,{"$f":"SUM('PACC - SNCC.F.053'!$D162:$G162)","v":4800},{"v":30,"d":"RD$30.00"},{"v":144000,"d":"RD$144,000.00"},{"v":1944000,"d":"RD$1,944,000.00"},"COMPARACIÓN DE PRECIOS","ANTICIPO FINANCIERO",{"$nulls":6},"4226 - Equipo y suministros post mortem y funerarios"]
["5121 - Categorías de medicamentos varios","PARACETAMOL IF","UNIDAD ",1500,1500,1500,1500,{"$f":"SUM('PACC - SNCC.F.053'!$D163:$G163)","v":6000},{"v":300,"d":"RD$300.00"},{"v":1800000,"d":"RD$1,800,000.00"},{"v":1810800,"d":"RD$1,810,800.00"},"COMPARACIÓN DE PRECIOS","ANTICIPO FINANCIERO",{"$nulls":6},"4227 - Productos de resucitación y anestesia y respiratorio"]
["5121 - Categorías de medicamentos varios","SIERRE DE GIGLE","CAJA",6,6,6,6,{"$f":"SUM('PACC - SNCC.F.053'!$D164:$G164)","v":24},{"v":450,"d":"RD$450.00"},{"v":10800,"d":"RD$10,800.00"},{"v":103200,"d":"RD$103,200.00"},"COMPARACIÓN DE PRECIOS","ANTICIPO FINANCIERO",{"$nulls":6},"4228 - Productos para la esterilización médica"]
["5121 - Categorías de medicamentos varios","FITOMENADIONA 1MG/1ML","UNIDAD",1500,1500,1500,1500,{"$f":"SUM('PACC - SNCC.F.053'!$D165:$G165)","v":6000},{"v":15.4,"d":"RD$15.40"},{"v":92400,"d":"RD$92,400.00"},{"v":635040,"d":"RD$635,040.00"},"COMPARACIÓN DE PRECIOS","ANTICIPO FINANCIERO",{"$nulls":6},"4229 - Productos quirúrgicos"]
["5114 - Medicamentos para el sistema nervioso central","SULFATO DE MAGNESIO 20% 10ML.","UNIDAD",5100,5100,5100,5100,{"$f":"SUM('PACC - SNCC.F.053'!$D166:$G166)","v":20400},{"v":26.6,"d":"RD$26.60"},{"v":542640,"d":"RD$542,640.00"},{"v":732240,"d":"RD$732,240.00"},"COMPARACIÓN DE PRECIOS","ANTICIPO FINANCIERO",{"$nulls":6},"4230 - Suministros para formación y estudios de medicina"]
["5117 - Medicamentos que afectan al sistema gastrointestinal","LEVIN NO.10","UNIDAD",300,300,300,300,{"$f":"SUM('PACC - SNCC.F.053'!$D167:$G167)","v":1200},{"v":158,"d":"RD$158.00"},{"v":189600,"d":"RD$189,600.00"},{"v":3501600,"d":"RD$3,501,600.00"},"COMPARACIÓN DE PRECIOS","ANTICIPO FINANCIERO",{"$nulls":6},"4231 - Productos para el cuidado de heridas"]
["5121 - Categorías de medicamentos varios","SOLUCION SALINA 0.9% 1000 ML.","UNIDAD",12000,12000,12000,12000,{"$f":"SUM('PACC - SNCC.F.053'!$D168:$G168)","v":48000},{"v":69,"d":"RD$69.00"},{"v":3312000,"d":"RD$3,312,000.00"},{"v":3478320,"d":"RD$3,478,320.00"},"COMPARACIÓN DE PRECIOS","ANTICIPO FINANCIERO",{"$nulls":6},"4319 - Dispositivos de comunicaciones y accesorios"]
["5121 - Categorías de medicamentos varios","SOLUCION MIXTA 0.33% 1000 ML.","UNIDAD ",540,540,540,540,{"$f":"SUM('PACC - SNCC.F.053'!$D169:$G169)","v":2160},{"v":77,"d":"RD$77.00"},{"v":166320,"d":"RD$166,320.00"},{"v":481320,"d":"RD$481,320.00"},"COMPARACIÓN DE PRECIOS","ANTICIPO FINANCIERO",{"$nulls":6},"4320 - Componentes para tecnología de la información, difusión o telecomunicaciones"]
["5122 - Categorías de medicamentos varios","CANULA YANKAUER ","UNIDAD ",1050,1050,1050,1050,{"$f":"SUM('PACC - SNCC.F.053'!$D170:$G170)","v":4200},{"v":75,"d":"RD$75.00"},{"v":315000,"d":"RD$315,000.00"},{"v":408600,"d":"RD$408,600.00"},"COMPARACIÓN DE PRECIOS","ANTICIPO FINANCIERO",{"$nulls":6},"4321 - Equipo informático y accesorios"]
["5123 - Categorías de medicamentos varios","CAL SODADA ","CAJA",18,18,18,18,{"$f":"SUM('PACC - SNCC.F.053'!$D171:$G171)","v":72},{"v":1300,"d":"RD$1,300.00"},{"v":93600,"d":"RD$93,600.00"},{"v":1533600,"d":"RD$1,533,600.00"},"COMPARACIÓN DE PRECIOS","ANTICIPO FINANCIERO",{"$nulls":6},"4322 - Datos-voz, equipo de red multimedia, plataformas y accesorios"]
["5124 - Categorías de medicamentos varios","CUBRE ZAPATOS (PAR)","UNIDAD ",36000,36000,36000,36000,{"$f":"SUM('PACC - SNCC.F.053'!$D172:$G172)","v":144000},{"v":10,"d":"RD$10.00"},{"v":1440000,"d":"RD$1,440,000.00"},{"v":2448000,"d":"RD$2,448,000.00"},"COMPARACIÓN DE PRECIOS","ANTICIPO FINANCIERO",{"$nulls":6},"4323 - Software"]
["5125 - Categorías de medicamentos varios","TRAJE DE PROTECCION M","UNIDAD ",180,180,180,180,{"$f":"SUM('PACC - SNCC.F.053'!$D173:$G173)","v":720},{"v":1400,"d":"RD$1,400.00"},{"v":1008000,"d":"RD$1,008,000.00"},{"v":1368000,"d":"RD$1,368,000.00"},"COMPARACIÓN DE PRECIOS","ANTICIPO FINANCIERO",{"$nulls":6},"4410 - Maquinaria, suministros y accesorios de oficina"]
["5126 - Categorías de medicamentos varios","SULFATO DE EFEDRINA 60MG. 1 ML.","UNIDAD",900,900,900,900,{"$f":"SUM('PACC - SNCC.F.053'!$D174:$G174)","v":3600},{"v":100,"d":"RD$100.00"},{"v":360000,"d":"RD$360,000.00"},{"v":720000,"d":"RD$720,000.00"},"COMPARACIÓN DE PRECIOS","ANTICIPO FINANCIERO",{"$nulls":6},"4411 - Accesorios de oficina y escritorio"]
["5127 - Categorías de medicamentos varios","GORRO DE ENFERMERA 100/1","CAJA ",240,240,240,240,{"$f":"SUM('PACC - SNCC.F.053'!$D175:$G175)","v":960},{"v":375,"d":"RD$375.00"},{"v":360000,"d":"RD$360,000.00"},{"v":2700000,"d":"RD$2,700,000.00"},"COMPARACIÓN DE PRECIOS","ANTICIPO FINANCIERO",{"$nulls":6},"4412 - Suministros de oficina"]
["5128 - Categorías de medicamentos varios","MASCARILLA N95/KN95","UNIDAD",3000,3000,3000,3000,{"$f":"SUM('PACC - SNCC.F.053'!$D176:$G176)","v":12000},{"v":195,"d":"RD$195.00"},{"v":2340000,"d":"RD$2,340,000.00"},{"v":5880000,"d":"RD$5,880,000.00"},"COMPARACIÓN DE PRECIOS","ANTICIPO FINANCIERO",{"$nulls":6},"4510 - Equipo de imprenta y publicación"]
["5129 - Categorías de medicamentos varios","BATA QUIRURGICA NIVEL 2 MANGA LARGA","UNIDAD ",3000,3000,3000,3000,{"$f":"SUM('PACC - SNCC.F.053'!$D177:$G177)","v":12000},{"v":295,"d":"RD$295.00"},{"v":3540000,"d":"RD$3,540,000.00"},{"v":3972000,"d":"RD$3,972,000.00"},"COMPARACIÓN DE PRECIOS","ANTICIPO FINANCIERO",{"$nulls":6},"4511 - Equipos de audio y video para presentación y composición"]
["5130 - Categorías de medicamentos varios","MASCARILLA DE NEBULIZACION CON RESERVORIO","UNIDAD ",60,60,60,60,{"$f":"SUM('PACC - SNCC.F.053'!$D178:$G178)","v":240},{"v":1800,"d":"RD$1,800.00"},{"v":432000,"d":"RD$432,000.00"},{"v":2208000,"d":"RD$2,208,000.00"},"COMPARACIÓN DE PRECIOS","ANTICIPO FINANCIERO",{"$nulls":6},"4512 - Equipo de vídeo, filmación o fotografía"]
["4214 - Suministros y productos de tratamiento y cuidado del enfermo","BATAS PARA PACIENTES MANGAS CORTAS","UNIDAD",3000,3000,3000,3000,{"$f":"SUM('PACC - SNCC.F.053'!$D179:$G179)","v":12000},{"v":148,"d":"RD$148.00"},{"v":1776000,"d":"RD$1,776,000.00"},{"v":3216000,"d":"RD$3,216,000.00"},"COMPARACIÓN DE PRECIOS","ANTICIPO FINANCIERO",{"$nulls":6},"4513 - Medios fotográficos y de grabación"]
["5132 - Categorías de medicamentos varios","MASCARILLAS KN95","UNIDAD ",3000,3000,3000,3000,{"$f":"SUM('PACC - SNCC.F.053'!$D180:$G180)","v":12000},{"v":120,"d":"RD$120.00"},{"v":1440000,"d":"RD$1,440,000.00"},{"v":1880532,"d":"RD$1,880,532.00"},"COMPARACIÓN DE PRECIOS","ANTICIPO FINANCIERO",{"$nulls":6},"4514 - Suministros fotográficos para cine"]
["5133 - Categorías de medicamentos varios","LAPIZ P/ELECTROCAUTERIO","UNIDAD ",900,900,900,900,{"$f":"SUM('PACC - SNCC.F.053'!$D181:$G181)","v":3600},{"v":122.37,"d":"RD$122.37"},{"v":440532,"d":"RD$440,532.00"},{"v":505536,"d":"RD$505,536.00"},"COMPARACIÓN DE PRECIOS","ANTICIPO FINANCIERO",{"$nulls":6},"4610 - Armas ligeras y munición"]
["5134 - Categorías de medicamentos varios","MASCARILLA NEBULIZAR PED.","UNIDAD ",300,300,300,300,{"$f":"SUM('PACC - SNCC.F.053'!$D182:$G182)","v":1200},{"v":54.17,"d":"RD$54.17"},{"v":65004,"d":"RD$65,004.00"},{"v":106389,"d":"RD$106,389.00"},"COMPARACIÓN DE PRECIOS","ANTICIPO FINANCIERO",{"$nulls":6},"4611 - Armas de guerra convencionales"]
["5135 - Categorías de medicamentos varios","GEL SONOGRAFIA","UNIDAD",15,15,15,15,{"$f":"SUM('PACC - SNCC.F.053'!$D183:$G183)","v":60},{"v":689.75,"d":"RD$689.75"},{"v":41385,"d":"RD$41,385.00"},{"v":51141,"d":"RD$51,141.00"},"COMPARACIÓN DE PRECIOS","ANTICIPO FINANCIERO",{"$nulls":6},"4612 - Misiles"]
["5136 - Categorías de medicamentos varios","LISINOPRIL 20MG TAB.","UNIDAD ",900,900,900,900,{"$f":"SUM('PACC - SNCC.F.053'!$D184:$G184)","v":3600},{"v":2.71,"d":"RD$2.71"},{"v":9756,"d":"RD$9,756.00"},{"v":13356,"d":"RD$13,356.00"},"COMPARACIÓN DE PRECIOS","ANTICIPO FINANCIERO",{"$nulls":6},"4613 - Cohetes y subsistemas"]
["5137 - Categorías de medicamentos varios","NIFEDIPINA 10MG TAB.","UNIDAD ",900,900,900,900,{"$f":"SUM('PACC - SNCC.F.053'!$D185:$G185)","v":3600},{"v":1,"d":"RD$1.00"},{"v":3600,"d":"RD$3,600.00"},{"v":13032,"d":"RD$13,032.00"},"COMPARACIÓN DE PRECIOS","ANTICIPO FINANCIERO",{"$nulls":6},"4614 - Lanzadores"]
["5138 - Categorías de medicamentos varios","NIFEDIPINA 20MG TAB.","UNIDAD",1800,1800,1800,1800,{"$f":"SUM('PACC - SNCC.F.053'!$D186:$G186)","v":7200},{"v":1.31,"d":"RD$1.31"},{"v":9432,"d":"RD$9,432.00"},{"v":562932,"d":"RD$562,932.00"},"COMPARACIÓN DE PRECIOS","ANTICIPO FINANCIERO",{"$nulls":6},"4615 - Orden Público"]
["5139 - Categorías de medicamentos varios","ALCOHOL ISIPROPILICO AL 70%","GALON",150,150,150,150,{"$f":"SUM('PACC - SNCC.F.053'!$D187:$G187)","v":600},{"v":922.5,"d":"RD$922.50"},{"v":553500,"d":"RD$553,500.00"},{"v":3556500,"d":"RD$3,556,500.00"},"COMPARACIÓN DE PRECIOS","ANTICIPO FINANCIERO",{"$nulls":6},"4616 - Seguridad y control público"]
["4214 - Suministros y productos de tratamiento y cuidado del enfermo","GUANTES DESECHABLES MARCA POLIMED C/100","CAJA",1155,1155,1155,1155,{"$f":"SUM('PACC - SNCC.F.053'!$D188:$G188)","v":4620},{"v":650,"d":"RD$650.00"},{"v":3003000,"d":"RD$3,003,000.00"},{"v":3693000,"d":"RD$3,693,000.00"},"COMPARACIÓN DE PRECIOS","ANTICIPO FINANCIERO",{"$nulls":6},"4617 - Seguridad, vigilancia y detección"]
["4214 - Suministros y productos de tratamiento y cuidado del enfermo","GUANTES DESECHABLES MARCA FAR STAR C/100","CAJA",345,345,345,345,{"$f":"SUM('PACC - SNCC.F.053'!$D189:$G189)","v":1380},{"v":500,"d":"RD$500.00"},{"v":690000,"d":"RD$690,000.00"},{"v":1140000,"d":"RD$1,140,000.00"},"COMPARACIÓN DE PRECIOS","ANTICIPO FINANCIERO",{"$nulls":6},"4618 - Seguridad y protección personal"]
["5142 - Categorías de medicamentos varios","CIRCUITO PARA VENTILADOR UNIVERSAL CON TRAMPA","UNIDAD",75,75,75,75,{"$f":"SUM('PACC - SNCC.F.053'!$D190:$G190)","v":300},{"v":1500,"d":"RD$1,500.00"},{"v":450000,"d":"RD$450,000.00"},{"v":463920,"d":"RD$463,920.00"},"COMPARACIÓN DE PRECIOS","ANTICIPO FINANCIERO",{"$nulls":6},"4619 - Protección contra incendios"]
["5143 - Categorías de medicamentos varios","BRAZALETE PED.AZUL","UNIDAD",600,600,600,600,{"$f":"SUM('PACC - SNCC.F.053'!$D191:$G191)","v":2400},{"v":5.8,"d":"RD$5.80"},{"v":13920,"d":"RD$13,920.00"},{"v":553920,"d":"RD$553,920.00"},"COMPARACIÓN DE PRECIOS","ANTICIPO FINANCIERO",{"$nulls":6},"4710 - Tratamiento, suministros y eliminación de agua y aguas residuales"]
["5144 - Categorías de medicamentos varios","BUPIVACAINA PESADA 0.5%/4ML","UNIDAD",1500,1500,1500,1500,{"$f":"SUM('PACC - SNCC.F.053'!$D192:$G192)","v":6000},{"v":90,"d":"RD$90.00"},{"v":540000,"d":"RD$540,000.00"},{"v":1234080,"d":"RD$1,234,080.00"},"COMPARACIÓN DE PRECIOS","ANTICIPO FINANCIERO",{"$nulls":6},"4711 - Equipo industrial de lavandería y limpieza en seco"]
["5145 - Categorías de medicamentos varios","BAJANTE DE SUERO ","UNIDAD",9000,9000,9000,9000,{"$f":"SUM('PACC - SNCC.F.053'!$D193:$G193)","v":36000},{"v":19.28,"d":"RD$19.28"},{"v":694080,"d":"RD$694,080.00"},{"v":850498.56,"d":"RD$850,498.56"},"COMPARACIÓN DE PRECIOS","ANTICIPO FINANCIERO",{"$nulls":6},"4712 - Equipo de limpieza"]
["5146 - Categorías de medicamentos varios","IVERMETRINA 6MG","UNIDAD",864,864,864,864,{"$f":"SUM('PACC - SNCC.F.053'!$D194:$G194)","v":3456},{"v":45.26,"d":"RD$45.26"},{"v":156418.56,"d":"RD$156,418.56"},{"v":240118.56,"d":"RD$240,118.56"},"COMPARACIÓN DE PRECIOS","ANTICIPO FINANCIERO",{"$nulls":6},"4713 - Suministros de limpieza"]
["5147 - Categorías de medicamentos varios","CANULA DE OXIGENO P/ADULTO","UNIDAD",750,750,750,750,{"$f":"SUM('PACC - SNCC.F.053'!$D195:$G195)","v":3000},{"v":27.9,"d":"RD$27.90"},{"v":83700,"d":"RD$83,700.00"},{"v":191700,"d":"RD$191,700.00"},"COMPARACIÓN DE PRECIOS","ANTICIPO FINANCIERO",{"$nulls":6},"4810 - Equipos de servicios de alimentación para instituciones"]
["5148 - Categorías de medicamentos varios","OMEPRAZOL CLINAR 40MG","UNIDAD",450,450,450,450,{"$f":"SUM('PACC - SNCC.F.053'!$D196:$G196)","v":1800},{"v":60,"d":"RD$60.00"},{"v":108000,"d":"RD$108,000.00"},{"v":120000,"d":"RD$120,000.00"},"COMPARACIÓN DE PRECIOS","ANTICIPO FINANCIERO",{"$nulls":6},"4811 - Máquinas expendedoras"]
["5149 - Categorías de medicamentos varios","FRASCO SANGRE DE CARNERO","UNIDAD",6,6,6,6,{"$f":"SUM('PACC - SNCC.F.053'!$D197:$G197)","v":24},{"v":500,"d":"RD$500.00"},{"v":12000,"d":"RD$12,000.00"},{"v":126829.56,"d":"RD$126,829.56"},"COMPARACIÓN DE PRECIOS","ANTICIPO FINANCIERO",{"$nulls":6},"4812 - Equipo de Juego o de Apostar"]
["5150 - Categorías de medicamentos varios","MAGLUMI WASH CONCENTRATE","CAJA",9,9,9,9,{"$f":"SUM('PACC - SNCC.F.053'!$D198:$G198)","v":36},{"v":3189.71,"d":"RD$3,189.71"},{"v":114829.56,"d":"RD$114,829.56"},{"v":232105.08,"d":"RD$232,105.08"},"COMPARACIÓN DE PRECIOS","ANTICIPO FINANCIERO",{"$nulls":6},"4910 - Coleccionables y condecoraciones"]
["5151 - Categorías de medicamentos varios","MAGLUMI HB CBA","CAJA",3,3,3,3,{"$f":"SUM('PACC - SNCC.F.053'!$D199:$G199)","v":12},{"v":9772.96,"d":"RD$9,772.96"},{"v":117275.51999999999,"d":"RD$117,275.52"},{"v":159275.52,"d":"RD$159,275.52"},"COMPARACIÓN DE PRECIOS","ANTICIPO FINANCIERO",{"$nulls":6},"4912 - Equipos y accesorios para acampada y exterior"]
["5152 - Categorías de medicamentos varios","BATERIA UPS 12V AMP-H G","UNIDAD",6,6,6,6,{"$f":"SUM('PACC - SNCC.F.053'!$D200:$G200)","v":24},{"v":1750,"d":"RD$1,750.00"},{"v":42000,"d":"RD$42,000.00"},{"v":348515.64,"d":"RD$348,515.64"},"COMPARACIÓN DE PRECIOS","ANTICIPO FINANCIERO",{"$nulls":6},"4913 - Equipos de pesca y caza"]
["5153 - Categorías de medicamentos varios","MAGLUMI HIV AB/AG COMBI ","CAJA",3,3,3,3,{"$f":"SUM('PACC - SNCC.F.053'!$D201:$G201)","v":12},{"v":25542.97,"d":"RD$25,542.97"},{"v":306515.64,"d":"RD$306,515.64"},{"v":483012.84,"d":"RD$483,012.84"},"COMPARACIÓN DE PRECIOS","ANTICIPO FINANCIERO",{"$nulls":6},"4914 - Equipos para deportes acuáticos"]
["5154 - Categorías de medicamentos varios","MAGLUMI REACTION ","CAJA",3,3,3,3,{"$f":"SUM('PACC - SNCC.F.053'!$D202:$G202)","v":12},{"v":14708.1,"d":"RD$14,708.10"},{"v":176497.2,"d":"RD$176,497.20"},{"v":247379.64,"d":"RD$247,379.64"},"COMPARACIÓN DE PRECIOS","ANTICIPO FINANCIERO",{"$nulls":6},"4915 - Equipos para deportes de invierno"]
["5155 - Categorías de medicamentos varios","MAGLUMI STARTER 1+2","CAJA",3,3,3,3,{"$f":"SUM('PACC - SNCC.F.053'!$D203:$G203)","v":12},{"v":5906.87,"d":"RD$5,906.87"},{"$f":"+H203*I203","v":{"v":70882.44,"d":"RD$70,882.44"}},{"v":165442.44,"d":"RD$165,442.44"},"COMPARACIÓN DE PRECIOS","ANTICIPO FINANCIERO",{"$nulls":6},"4916 - Equipos deportivos para campos y canchas"]
["5156 - Categorías de medicamentos varios","TIRILLA DE ORINA DIRUI H-10 100/1","CAJA",30,30,30,30,{"$f":"SUM('PACC - SNCC.F.053'!$D204:$G204)","v":120},{"v":788,"d":"RD$788.00"},{"v":94560,"d":"RD$94,560.00"},{"v":252000,"d":"RD$252,000.00"},"COMPARACIÓN DE PRECIOS","ANTICIPO FINANCIERO",{"$nulls":6},"4917 - Equipos de gimnasia y boxeo"]
["5157 - Categorías de medicamentos varios","LABTEST VDRL REF.119-250 PRUEBAS","CAJA",30,30,30,30,{"$f":"SUM('PACC - SNCC.F.053'!$D205:$G205)","v":120},{"v":1312,"d":"RD$1,312.00"},{"v":157440,"d":"RD$157,440.00"},{"v":172440,"d":"RD$172,440.00"},"COMPARACIÓN DE PRECIOS","ANTICIPO FINANCIERO",{"$nulls":6},"4918 - Juegos y equipo de tiro y mesa"]
["5158 - Categorías de medicamentos varios","V-LAB HEPATITIS B 30/1","CAJA",3,3,3,3,{"$f":"SUM('PACC - SNCC.F.053'!$D206:$G206)","v":12},{"v":1250,"d":"RD$1,250.00"},{"v":15000,"d":"RD$15,000.00"},{"v":106800,"d":"RD$106,800.00"},"COMPARACIÓN DE PRECIOS","ANTICIPO FINANCIERO",{"$nulls":6},"4920 - Equipo para entrenamiento físico"]
["5159 - Categorías de medicamentos varios","HUMATYPE ANTI D X 10ML","CAJA",30,30,30,30,{"$f":"SUM('PACC - SNCC.F.053'!$D207:$G207)","v":120},{"v":765,"d":"RD$765.00"},{"v":91800,"d":"RD$91,800.00"},{"v":165600,"d":"RD$165,600.00"},"COMPARACIÓN DE PRECIOS","ANTICIPO FINANCIERO",{"$nulls":6},"4921 - Otros deportes"]
["5160 - Categorías de medicamentos varios","TIRILLAS 10 LEUCOCITOS /100 PRUEBAS","CAJA",30,30,30,30,{"$f":"SUM('PACC - SNCC.F.053'!$D208:$G208)","v":120},{"v":615,"d":"RD$615.00"},{"v":73800,"d":"RD$73,800.00"},{"v":100680,"d":"RD$100,680.00"},"COMPARACIÓN DE PRECIOS","ANTICIPO FINANCIERO",{"$nulls":6},"4922 - Equipo de deporte y accesorios"]
["5161 - Categorías de medicamentos varios","HEMOCULTIVO PEDIATRICO   ","UNIDAD ",120,120,120,120,{"$f":"SUM('PACC - SNCC.F.053'!$D209:$G209)","v":480},{"v":56,"d":"RD$56.00"},{"v":26880,"d":"RD$26,880.00"},{"v":72480,"d":"RD$72,480.00"},"COMPARACIÓN DE PRECIOS","ANTICIPO FINANCIERO",{"$nulls":6},"4924 - Equipo de recreo y parques infantiles y equipo y suministros de natación y de spa"]
["5162 - Categorías de medicamentos varios","HEPATITIS C","UNIDAD",150,150,150,150,{"$f":"SUM('PACC - SNCC.F.053'!$D210:$G210)","v":600},{"v":76,"d":"RD$76.00"},{"v":45600,"d":"RD$45,600.00"},{"$f":"SUM(J210:J211)","v":{"v":506640,"d":"RD$506,640.00"}},"COMPARACIÓN DE PRECIOS","ANTICIPO FINANCIERO",{"$nulls":6},"5010 - Frutas, verduras y frutos secos"]
["5163 - Categorías de medicamentos varios","FALCEMIA 100 ","CAJA",12,12,12,12,{"$f":"SUM('PACC - SNCC.F.053'!$D211:$G211)","v":48},{"v":9605,"d":"RD$9,605.00"},{"v":461040,"d":"RD$461,040.00"},{"v":474072,"d":"RD$474,072.00"},"COMPARACIÓN DE PRECIOS","ANTICIPO FINANCIERO",{"$nulls":6},"5011 - Productos de carne y aves de corral"]
["5164 - Categorías de medicamentos varios","PIPERACILINA 50 DISCO 100","UNIDAD",18,18,18,18,{"$f":"SUM('PACC - SNCC.F.053'!$D212:$G212)","v":72},{"v":181,"d":"RD$181.00"},{"v":13032,"d":"RD$13,032.00"},{"v":186912,"d":"RD$186,912.00"},"COMPARACIÓN DE PRECIOS","ANTICIPO FINANCIERO",{"$nulls":6},"5012 - Pescados y mariscos"]
["5165 - Categorías de medicamentos varios","BIOSYSTEMS PCR (PROTEINA C REACTIVA) 150P","CAJA",18,18,18,18,{"$f":"SUM('PACC - SNCC.F.053'!$D213:$G213)","v":72},{"v":2415,"d":"RD$2,415.00"},{"v":173880,"d":"RD$173,880.00"},{"v":640954.8,"d":"RD$640,954.80"},"COMPARACIÓN DE PRECIOS","ANTICIPO FINANCIERO",{"$nulls":6},"5013 - Productos lácteos y huevos"]
["5166 - Categorías de medicamentos varios","SYSMEX STROMATOLYZER-WH 1FC/500M","CAJA",18,18,18,18,{"$f":"SUM('PACC - SNCC.F.053'!$D214:$G214)","v":72},{"v":6487.15,"d":"RD$6,487.15"},{"v":467074.8,"d":"RD$467,074.80"},{"v":562501.8,"d":"RD$562,501.80"},"COMPARACIÓN DE PRECIOS","ANTICIPO FINANCIERO",{"$nulls":6},"5015 - Aceites y grasas comestibles"]
["5167 - Categorías de medicamentos varios","CONTROL SYSMEX EIGHTCHECK 12X2ML","CAJA",3,3,3,3,{"$f":"SUM('PACC - SNCC.F.053'!$D215:$G215)","v":12},{"v":7952.25,"d":"RD$7,952.25"},{"v":95427,"d":"RD$95,427.00"},{"v":116127,"d":"RD$116,127.00"},"COMPARACIÓN DE PRECIOS","ANTICIPO FINANCIERO",{"$nulls":6},"5016 - Chocolates, azúcares, edulcorantes y productos de confitería"]
["5168 - Categorías de medicamentos varios","CK-MB CAL 1X1ML","UNIDAD",30,30,30,30,{"$f":"SUM('PACC - SNCC.F.053'!$D216:$G216)","v":120},{"v":172.5,"d":"RD$172.50"},{"v":20700,"d":"RD$20,700.00"},{"v":176640,"d":"RD$176,640.00"},"COMPARACIÓN DE PRECIOS","ANTICIPO FINANCIERO",{"$nulls":6},"5017 - Condimentos y conservantes"]
["5169 - Categorías de medicamentos varios","BOLSA DE SANGRE SIMPLE 450ML","UNIDAD",300,300,300,300,{"$f":"SUM('PACC - SNCC.F.053'!$D217:$G217)","v":1200},{"v":129.95,"d":"RD$129.95"},{"v":155940,"d":"RD$155,940.00"},{"v":279312,"d":"RD$279,312.00"},"COMPARACIÓN DE PRECIOS","ANTICIPO FINANCIERO",{"$nulls":6},"5018 - Productos de panadería"]
["5170 - Categorías de medicamentos varios","CULTURE SWAB (AMIES AGAR) P/50 ","CAJA ",30,30,30,30,{"$f":"SUM('PACC - SNCC.F.053'!$D218:$G218)","v":120},{"v":1028.1,"d":"RD$1,028.10"},{"v":123371.99999999999,"d":"RD$123,372.00"},{"v":206172,"d":"RD$206,172.00"},"COMPARACIÓN DE PRECIOS","ANTICIPO FINANCIERO",{"$nulls":6},"5019 - Alimentos preparados y conservados"]
["5171 - Categorías de medicamentos varios","PRUEBA EMBARAZO RAPID 25T","CAJA",30,30,30,30,{"$f":"SUM('PACC - SNCC.F.053'!$D219:$G219)","v":120},{"v":690,"d":"RD$690.00"},{"v":82800,"d":"RD$82,800.00"},{"v":146280,"d":"RD$146,280.00"},"COMPARACIÓN DE PRECIOS","ANTICIPO FINANCIERO",{"$nulls":6},"5020 - Bebidas"]
["5172 - Categorías de medicamentos varios","UREA UV","CAJA",3,3,3,3,{"$f":"SUM('PACC - SNCC.F.053'!$D220:$G220)","v":12},{"v":5290,"d":"RD$5,290.00"},{"v":63480,"d":"RD$63,480.00"},{"v":171120,"d":"RD$171,120.00"},"COMPARACIÓN DE PRECIOS","ANTICIPO FINANCIERO",{"$nulls":6},"5021 - Tabaco y productos de fumar y substitutos"]
["5173 - Categorías de medicamentos varios","CREATININA 390T","CAJA",3,3,3,3,{"$f":"SUM('PACC - SNCC.F.053'!$D221:$G221)","v":12},{"v":8970,"d":"RD$8,970.00"},{"v":107640,"d":"RD$107,640.00"},{"v":171120,"d":"RD$171,120.00"},"COMPARACIÓN DE PRECIOS","ANTICIPO FINANCIERO",{"$nulls":6},"5022 - Productos de Cereales y Legumbres"]
["5174 - Categorías de medicamentos varios","BIL DIRECTA 230T","CAJA",3,3,3,3,{"$f":"SUM('PACC - SNCC.F.053'!$D222:$G222)","v":12},{"v":5290,"d":"RD$5,290.00"},{"v":63480,"d":"RD$63,480.00"},{"v":126960,"d":"RD$126,960.00"},"COMPARACIÓN DE PRECIOS","ANTICIPO FINANCIERO",{"$nulls":6},"5110 - Medicamentos antiinfecciosos"]
["5175 - Categorías de medicamentos varios","FOSFATASA ALCALINA 230T","CAJA",3,3,3,3,{"$f":"SUM('PACC - SNCC.F.053'!$D223:$G223)","v":12},{"v":5290,"d":"RD$5,290.00"},{"v":63480,"d":"RD$63,480.00"},{"v":126960,"d":"RD$126,960.00"},"COMPARACIÓN DE PRECIOS","ANTICIPO FINANCIERO",{"$nulls":6},"5111 - Agentes antitumorales"]
["5176 - Categorías de medicamentos varios","TGP/ALT 230T","CAJA",3,3,3,3,{"$f":"SUM('PACC - SNCC.F.053'!$D224:$G224)","v":12},{"v":5290,"d":"RD$5,290.00"},{"v":63480,"d":"RD$63,480.00"},{"v":85080,"d":"RD$85,080.00"},"COMPARACIÓN DE PRECIOS","ANTICIPO FINANCIERO",{"$nulls":6},"5112 - Medicamentos cardiovasculares"]
["5177 - Categorías de medicamentos varios","ACID WASHING SOLUTION C/4X20ML","CAJA",3,3,3,3,{"$f":"SUM('PACC - SNCC.F.053'!$D225:$G225)","v":12},{"v":1800,"d":"RD$1,800.00"},{"v":21600,"d":"RD$21,600.00"},{"v":332100,"d":"RD$332,100.00"},"COMPARACIÓN DE PRECIOS","ANTICIPO FINANCIERO",{"$nulls":6},"5113 - Medicamentos hematólicos"]
["5178 - Categorías de medicamentos varios","IRMA CC COMBO GASES+ELECTROLITOS","CAJA",150,150,150,150,{"$f":"SUM('PACC - SNCC.F.053'!$D226:$G226)","v":600},{"v":517.5,"d":"RD$517.50"},{"v":310500,"d":"RD$310,500.00"},{"v":509220,"d":"RD$509,220.00"},"COMPARACIÓN DE PRECIOS","ANTICIPO FINANCIERO",{"$nulls":6},"5114 - Medicamentos para el sistema nervioso central"]
["5179 - Categorías de medicamentos varios","DICYNONE 250MG AMP.","CAJA",144,144,144,144,{"$f":"SUM('PACC - SNCC.F.053'!$D227:$G227)","v":576},{"v":345,"d":"RD$345.00"},{"v":198720,"d":"RD$198,720.00"},{"v":244320,"d":"RD$244,320.00"},"COMPARACIÓN DE PRECIOS","ANTICIPO FINANCIERO",{"$nulls":6},"5115 - Medicamentos para el sistema nervioso autónomo"]
["5180 - Categorías de medicamentos varios","SONDA NASOGASTRICA (LEVIN) NO.10","UNIDAD",300,300,300,300,{"$f":"SUM('PACC - SNCC.F.053'!$D228:$G228)","v":1200},{"v":38,"d":"RD$38.00"},{"v":45600,"d":"RD$45,600.00"},{"v":261600,"d":"RD$261,600.00"},"COMPARACIÓN DE PRECIOS","ANTICIPO FINANCIERO",{"$nulls":6},"5116 - Medicamentos que afectan al tracto respiratorio"]
["5181 - Categorías de medicamentos varios","ACIDO ASCORBICO 500MG 5ML AMP.","UNIDAD",900,900,900,900,{"$f":"SUM('PACC - SNCC.F.053'!$D229:$G229)","v":3600},{"v":60,"d":"RD$60.00"},{"v":216000,"d":"RD$216,000.00"},{"v":369600,"d":"RD$369,600.00"},"COMPARACIÓN DE PRECIOS","ANTICIPO FINANCIERO",{"$nulls":6},"5117 - Medicamentos que afectan al sistema gastrointestinal"]
["5182 - Categorías de medicamentos varios","OXITOCINA AMP.","UNIDAD",2400,2400,2400,2400,{"$f":"SUM('PACC - SNCC.F.053'!$D230:$G230)","v":9600},{"v":16,"d":"RD$16.00"},{"v":153600,"d":"RD$153,600.00"},{"v":189600,"d":"RD$189,600.00"},"COMPARACIÓN DE PRECIOS","ANTICIPO FINANCIERO",{"$nulls":6},"5118 - Hormonas y antagonistas hormonales"]
["5183 - Categorías de medicamentos varios","SONDA GASTROTOMIA NO.22","CAJA",3,3,3,3,{"$f":"SUM('PACC - SNCC.F.053'!$D231:$G231)","v":12},{"v":3000,"d":"RD$3,000.00"},{"v":36000,"d":"RD$36,000.00"},{"v":3156000,"d":"RD$3,156,000.00"},"COMPARACIÓN DE PRECIOS","ANTICIPO FINANCIERO",{"$nulls":6},"5119 - Agentes que afectan el agua y los electrolitos"]
["4214 - Suministros y productos de tratamiento y cuidado del enfermo","BATAS M/L","UNIDAD",3000,3000,3000,3000,{"$f":"SUM('PACC - SNCC.F.053'!$D232:$G232)","v":12000},{"v":260,"d":"RD$260.00"},{"v":3120000,"d":"RD$3,120,000.00"},{"v":3660000,"d":"RD$3,660,000.00"},"COMPARACIÓN DE PRECIOS","ANTICIPO FINANCIERO",{"$nulls":6},"5120 - Medicamentos inmunomoduladores"]
["5185 - Categorías de medicamentos varios","ALCOHOL GL","GALON ",180,180,180,180,{"$f":"SUM('PACC - SNCC.F.053'!$D233:$G233)","v":720},{"v":750,"d":"RD$750.00"},{"v":540000,"d":"RD$540,000.00"},{"v":960000,"d":"RD$960,000.00"},"COMPARACIÓN DE PRECIOS","ANTICIPO FINANCIERO",{"$nulls":6},"5121 - Categorías de medicamentos varios"]
["5186 - Categorías de medicamentos varios","OMEPRAZOL INF.","UNIDAD",1500,1500,1500,1500,{"$f":"SUM('PACC - SNCC.F.053'!$D234:$G234)","v":6000},{"v":70,"d":"RD$70.00"},{"v":420000,"d":"RD$420,000.00"},{"v":1061592,"d":"RD$1,061,592.00"},"COMPARACIÓN DE PRECIOS","ANTICIPO FINANCIERO",{"$nulls":6},"5124 - Fármacos que afectan a los oídos, los ojos, la nariz y la piel"]
["5187 - Categorías de medicamentos varios","AMIODARONA 150 MG.","UNIDAD",600,600,600,600,{"$f":"SUM('PACC - SNCC.F.053'!$D235:$G235)","v":2400},{"v":267.33,"d":"RD$267.33"},{"v":641592,"d":"RD$641,592.00"},{"v":1991592,"d":"RD$1,991,592.00"},"COMPARACIÓN DE PRECIOS","ANTICIPO FINANCIERO",{"$nulls":6},"5125 - Suplementos alimenticios veterinarios"]
["5188 - Categorías de medicamentos varios","DURAMORPH GRAY 0.1MG/ML X1ML","CAJA",750,750,750,750,{"$f":"SUM('PACC - SNCC.F.053'!$D236:$G236)","v":3000},{"v":450,"d":"RD$450.00"},{"v":1350000,"d":"RD$1,350,000.00"},{"v":2263401,"d":"RD$2,263,401.00"},"COMPARACIÓN DE PRECIOS","ANTICIPO FINANCIERO",{"$nulls":6},"5210 - Revestimientos de suelos"]
["4214 - Suministros y productos de tratamiento y cuidado del enfermo","HILO CROMICO 1 C/36","UNIDAD",45,45,45,45,{"$f":"SUM('PACC - SNCC.F.053'!$D237:$G237)","v":180},{"v":5074.45,"d":"RD$5,074.45"},{"v":913401,"d":"RD$913,401.00"},{"v":1777401,"d":"RD$1,777,401.00"},"COMPARACIÓN DE PRECIOS","ANTICIPO FINANCIERO",{"$nulls":6},"5212 - Ropa de cama, mantelerías, paños de cocina y toallas"]
["5190 - Categorías de medicamentos varios","MIDAZOLAN 15MG./3ML","UNIDAD",1200,1200,1200,1200,{"$f":"SUM('PACC - SNCC.F.053'!$D238:$G238)","v":4800},{"v":180,"d":"RD$180.00"},{"v":864000,"d":"RD$864,000.00"},{"v":4752000,"d":"RD$4,752,000.00"},"COMPARACIÓN DE PRECIOS","ANTICIPO FINANCIERO",{"$nulls":6},"5213 - Tratamientos de ventanas"]
["4214 - Suministros y productos de tratamiento y cuidado del enfermo","GUANTES DE EXAMEN M C/100","CAJA",1500,1500,1500,1500,{"$f":"SUM('PACC - SNCC.F.053'!$D239:$G239)","v":6000},{"v":648,"d":"RD$648.00"},{"v":3888000,"d":"RD$3,888,000.00"},{"v":3974328,"d":"RD$3,974,328.00"},"COMPARACIÓN DE PRECIOS","ANTICIPO FINANCIERO",{"$nulls":6},"5214 - Aparatos electrodomésticos"]
["5192 - Categorías de medicamentos varios","ELECTRODO P/50","CAJA6",1800,1800,1800,1800,{"$f":"SUM('PACC - SNCC.F.053'!$D240:$G240)","v":7200},{"v":11.99,"d":"RD$11.99"},{"v":86328,"d":"RD$86,328.00"},{"v":120528,"d":"RD$120,528.00"},"COMPARACIÓN DE PRECIOS","ANTICIPO FINANCIERO",{"$nulls":6},"5215 - Utensilios de cocina domésticos"]
["5193 - Categorías de medicamentos varios","PEIO-CLOR 0.12% GALON ENJUAGUE","GALON ",9,9,9,9,{"$f":"SUM('PACC - SNCC.F.053'!$D241:$G241)","v":36},{"v":950,"d":"RD$950.00"},{"v":34200,"d":"RD$34,200.00"},{"v":46879.8,"d":"RD$46,879.80"},"COMPARACIÓN DE PRECIOS","ANTICIPO FINANCIERO",{"$nulls":6},"5216 - Electrónica de consumo"]
["5194 - Categorías de medicamentos varios","AGUJA HIPODERMICA NO.18 C/100","CAJA",21,21,21,21,{"$f":"SUM('PACC - SNCC.F.053'!$D242:$G242)","v":84},{"v":150.95,"d":"RD$150.95"},{"v":12679.8,"d":"RD$12,679.80"},{"v":768679.8,"d":"RD$768,679.80"},"COMPARACIÓN DE PRECIOS","ANTICIPO FINANCIERO",{"$nulls":6},"5217 - Tratamientos de pared doméstica"]
["5195 - Categorías de medicamentos varios","GALON JABON LIQUIDO ANTIBACTERIAL","GALON ",270,270,270,270,{"$f":"SUM('PACC - SNCC.F.053'!$D243:$G243)","v":1080},{"v":700,"d":"RD$700.00"},{"v":756000,"d":"RD$756,000.00"},{"v":787050,"d":"RD$787,050.00"},"COMPARACIÓN DE PRECIOS","ANTICIPO FINANCIERO",{"$nulls":6},"5310 - Ropa"]
["5196 - Categorías de medicamentos varios","AGUA DESTILADA GAL.","GALON ",45,45,45,45,{"$f":"SUM('PACC - SNCC.F.053'!$D244:$G244)","v":180},{"v":172.5,"d":"RD$172.50"},{"v":31050,"d":"RD$31,050.00"},{"v":1111050,"d":"RD$1,111,050.00"},"COMPARACIÓN DE PRECIOS","ANTICIPO FINANCIERO",{"$nulls":6},"5311 - Calzado"]
["5197 - Categorías de medicamentos varios","MASCARILLA CON RESERVORIO-ADULTO","UNIDAD ",600,600,600,600,{"$f":"SUM('PACC - SNCC.F.053'!$D245:$G245)","v":2400},{"v":450,"d":"RD$450.00"},{"v":1080000,"d":"RD$1,080,000.00"},{"v":1126800,"d":"RD$1,126,800.00"},"COMPARACIÓN DE PRECIOS","ANTICIPO FINANCIERO",{"$nulls":6},"5312 - Maletas, bolsos de mano, mochilas y estuches"]
["5198 - Categorías de medicamentos varios","DEXAMETASONA 8MG/2ML","UNIDAD ",900,900,900,900,{"$f":"SUM('PACC - SNCC.F.053'!$D246:$G246)","v":3600},{"v":13,"d":"RD$13.00"},{"v":46800,"d":"RD$46,800.00"},{"v":162240,"d":"RD$162,240.00"},"COMPARACIÓN DE PRECIOS","ANTICIPO FINANCIERO",{"$nulls":6},"5313 - Artículos de tocador"]
["5199 - Categorías de medicamentos varios","OXITOCINA 1ML/V","UNIDAD ",3000,3000,3000,3000,{"$f":"SUM('PACC - SNCC.F.053'!$D247:$G247)","v":12000},{"v":9.62,"d":"RD$9.62"},{"v":115439.99999999999,"d":"RD$115,440.00"},{"v":192480,"d":"RD$192,480.00"},"COMPARACIÓN DE PRECIOS","ANTICIPO FINANCIERO",{"$nulls":6},"5314 - Fuentes y accesorios de costura"]
["5200 - Categorías de medicamentos varios","LIDOCAINA S/EPINEFRINA 50ML","UNIDAD",180,180,180,180,{"$f":"SUM('PACC - SNCC.F.053'!$D248:$G248)","v":720},{"v":107,"d":"RD$107.00"},{"v":77040,"d":"RD$77,040.00"},{"v":160082.76,"d":"RD$160,082.76"},"COMPARACIÓN DE PRECIOS","ANTICIPO FINANCIERO",{"$nulls":6},"5410 - Joyería"]
["5201 - Categorías de medicamentos varios","REGULADOR DE OXIGENO GENTEC 0-151PM","UNIDAD",3,3,3,3,{"$f":"SUM('PACC - SNCC.F.053'!$D249:$G249)","v":12},{"v":6920.23,"d":"RD$6,920.23"},{"v":83042.76,"d":"RD$83,042.76"},{"v":112418.76,"d":"RD$112,418.76"},"COMPARACIÓN DE PRECIOS","ANTICIPO FINANCIERO",{"$nulls":6},"5411 - Relojes"]
["5202 - Categorías de medicamentos varios","SONDA NASOGASTRICA (LEVIN) NO.16","UNIDAD",900,900,900,900,{"$f":"SUM('PACC - SNCC.F.053'!$D250:$G250)","v":3600},{"v":8.16,"d":"RD$8.16"},{"v":29376,"d":"RD$29,376.00"},{"v":56988,"d":"RD$56,988.00"},"COMPARACIÓN DE PRECIOS","ANTICIPO FINANCIERO",{"$nulls":6},"5412 - Gemas"]
["5203 - Categorías de medicamentos varios","CANULA DE OXIGENO PED.","UNIDAD",300,300,300,300,{"$f":"SUM('PACC - SNCC.F.053'!$D251:$G251)","v":1200},{"v":23.01,"d":"RD$23.01"},{"v":27612.000000000004,"d":"RD$27,612.00"},{"v":79212,"d":"RD$79,212.00"},"COMPARACIÓN DE PRECIOS","ANTICIPO FINANCIERO",{"$nulls":6},"5510 - Medios impresos"]
["5204 - Categorías de medicamentos varios","CATETER JELCO NO.20","UNIDAD",300,300,300,300,{"$f":"SUM('PACC - SNCC.F.053'!$D252:$G252)","v":1200},{"v":43,"d":"RD$43.00"},{"v":51600,"d":"RD$51,600.00"},{"v":3921600,"d":"RD$3,921,600.00"},"COMPARACIÓN DE PRECIOS","ANTICIPO FINANCIERO",{"$nulls":6},"5511 - Material electrónico de referencia"]
["5205 - Categorías de medicamentos varios","GUANTES DE LATEX SIZE M C/100","CAJA ",1500,1500,1500,1500,{"$f":"SUM('PACC - SNCC.F.053'!$D253:$G253)","v":6000},{"v":645,"d":"RD$645.00"},{"v":3870000,"d":"RD$3,870,000.00"},{"v":4111920,"d":"RD$4,111,920.00"},"COMPARACIÓN DE PRECIOS","ANTICIPO FINANCIERO",{"$nulls":6},"5512 - Etiquetado y accesorios"]
["5206 - Categorías de medicamentos varios","HILO NYLON 2-0","UNIDAD",432,432,432,432,{"$f":"SUM('PACC - SNCC.F.053'!$D254:$G254)","v":1728},{"v":140,"d":"RD$140.00"},{"v":241920,"d":"RD$241,920.00"},{"v":541920,"d":"RD$541,920.00"},"COMPARACIÓN DE PRECIOS","ANTICIPO FINANCIERO",{"$nulls":6},"5610 - Muebles de alojamiento"]
["5207 - Categorías de medicamentos varios","BAJANTE REGULADOR DE FLUJO E-Z","UNIDAD ",300,300,300,300,{"$f":"SUM('PACC - SNCC.F.053'!$D255:$G255)","v":1200},{"v":250,"d":"RD$250.00"},{"v":300000,"d":"RD$300,000.00"},{"v":378000,"d":"RD$378,000.00"},"COMPARACIÓN DE PRECIOS","ANTICIPO FINANCIERO",{"$nulls":6},"5611 - Muebles comerciales e industriales"]
["5208 - Categorías de medicamentos varios","DEXAMETASONA 8MG AMP.","UNIDAD",1500,1500,1500,1500,{"$f":"SUM('PACC - SNCC.F.053'!$D256:$G256)","v":6000},{"v":13,"d":"RD$13.00"},{"v":78000,"d":"RD$78,000.00"},{"v":510000,"d":"RD$510,000.00"},"COMPARACIÓN DE PRECIOS","ANTICIPO FINANCIERO",{"$nulls":6},"5612 - Mobiliario institucional, escolar y educativo y accesorios"]
["5209 - Categorías de medicamentos varios","TIRILLAS ADVOCATE REDI-CODE 50/1","CAJA ",90,90,90,90,{"$f":"SUM('PACC - SNCC.F.053'!$D257:$G257)","v":360},{"v":1200,"d":"RD$1,200.00"},{"v":432000,"d":"RD$432,000.00"},{"v":484881.12,"d":"RD$484,881.12"},"COMPARACIÓN DE PRECIOS","ANTICIPO FINANCIERO",{"$nulls":6},"6010 - Materiales didácticos profesionales y de desarrollo y accesorios y suministros"]
["5210 - Categorías de medicamentos varios","RESINA ORTODONTICA ","CAJA ",6,6,6,6,{"$f":"SUM('PACC - SNCC.F.053'!$D258:$G258)","v":24},{"v":2203.38,"d":"RD$2,203.38"},{"v":52881.12,"d":"RD$52,881.12"},{"v":79281.12,"d":"RD$79,281.12"},"COMPARACIÓN DE PRECIOS","ANTICIPO FINANCIERO",{"$nulls":6},"6011 - Decoraciones y suministros del aula"]
["5211 - Categorías de medicamentos varios","ADHESIVO PRIME-DENT LIGHT CURE 7ML","CAJA ",6,6,6,6,{"$f":"SUM('PACC - SNCC.F.053'!$D259:$G259)","v":24},{"v":1100,"d":"RD$1,100.00"},{"v":26400,"d":"RD$26,400.00"},{"v":37789.92,"d":"RD$37,789.92"},"COMPARACIÓN DE PRECIOS","ANTICIPO FINANCIERO",{"$nulls":6},"6012 - Equipo de arte y manualidades, accesorios y suministros"]
["5212 - Categorías de medicamentos varios","GRABADO ACIDO AL 37% FOSFORICO","CAJA ",6,6,6,6,{"$f":"SUM('PACC - SNCC.F.053'!$D260:$G260)","v":24},{"v":474.58,"d":"RD$474.58"},{"v":11389.92,"d":"RD$11,389.92"},{"v":1638505.92,"d":"RD$1,638,505.92"},"COMPARACIÓN DE PRECIOS","ANTICIPO FINANCIERO",{"$nulls":6},"6013 - Instrumentos musicales, piezas y accesorios"]
["5213 - Categorías de medicamentos varios","BRACKET MORELLI ROTH LIGHT 0.22","CAJA ",30,30,30,30,{"$f":"SUM('PACC - SNCC.F.053'!$D261:$G261)","v":120},{"v":13559.3,"d":"RD$13,559.30"},{"v":1627116,"d":"RD$1,627,116.00"},{"v":1911852,"d":"RD$1,911,852.00"},"COMPARACIÓN DE PRECIOS","ANTICIPO FINANCIERO",{"$nulls":6},"6014 - Juguetes y juegos"]
["5214 - Categorías de medicamentos varios","TUBO ROTH (UR-16) P CEMENTADO IMD","UNIDAD ",60,60,60,60,{"$f":"SUM('PACC - SNCC.F.053'!$D262:$G262)","v":240},{"v":1186.4,"d":"RD$1,186.40"},{"v":284736,"d":"RD$284,736.00"},{"v":569472,"d":"RD$569,472.00"},"COMPARACIÓN DE PRECIOS","ANTICIPO FINANCIERO",{"$nulls":6},"7010 - Pesquerías y acuicultura"]
["5215 - Categorías de medicamentos varios","TUBO ROTH (UR-26) P CEMENTADO IMD","UNIDAD",60,60,60,60,{"$f":"SUM('PACC - SNCC.F.053'!$D263:$G263)","v":240},{"v":1186.4,"d":"RD$1,186.40"},{"v":284736,"d":"RD$284,736.00"},{"v":1505136,"d":"RD$1,505,136.00"},"COMPARACIÓN DE PRECIOS","ANTICIPO FINANCIERO",{"$nulls":6},"7011 - Horticultura"]
["5216 - Categorías de medicamentos varios","ANILLOS DE LIGADURAS","UNIDAD",300,300,300,300,{"$f":"SUM('PACC - SNCC.F.053'!$D264:$G264)","v":1200},{"v":1017,"d":"RD$1,017.00"},{"v":1220400,"d":"RD$1,220,400.00"},{"v":1244807.04,"d":"RD$1,244,807.04"},"COMPARACIÓN DE PRECIOS","ANTICIPO FINANCIERO",{"$nulls":6},"7012 - Servicios de ganadería"]
["5217 - Categorías de medicamentos varios","ARCO DE NITI 0.14 UPPER (SUPERIOR)","UNIDAD",6,6,6,6,{"$f":"SUM('PACC - SNCC.F.053'!$D265:$G265)","v":24},{"v":1016.96,"d":"RD$1,016.96"},{"v":24407.04,"d":"RD$24,407.04"},{"v":48813.600000000006,"d":"RD$48,813.60"},"COMPARACIÓN DE PRECIOS","ANTICIPO FINANCIERO",{"$nulls":6},"7013 - Preparación, gestión y protección del terreno y del suelo"]
["5218 - Categorías de medicamentos varios","ARCO DE NITI 0.14 LOWER (INFERIOR)","UNIDAD",6,6,6,6,{"$f":"SUM('PACC - SNCC.F.053'!$D266:$G266)","v":24},{"v":1016.94,"d":"RD$1,016.94"},{"v":24406.56,"d":"RD$24,406.56"},{"v":144005.76,"d":"RD$144,005.76"},"COMPARACIÓN DE PRECIOS","ANTICIPO FINANCIERO",{"$nulls":6},"70140000 Producción, gestión y protección de cultivos"]
["5219 - Categorías de medicamentos varios","GOMAS ELASTICAS TRANSP 3MM","CAJA ",42,42,42,42,{"$f":"SUM('PACC - SNCC.F.053'!$D267:$G267)","v":168},{"v":711.9,"d":"RD$711.90"},{"$f":"+H267*I267","v":{"v":119599.2,"d":"RD$119,599.20"}},{"v":160787.16,"d":"RD$160,787.16"},"COMPARACIÓN DE PRECIOS","ANTICIPO FINANCIERO",{"$nulls":6},"7015 - Cultivos forestales"]
["5220 - Categorías de medicamentos varios","TIRA LIJA METAL 6MM","CAJA",9,9,9,9,{"$f":"SUM('PACC - SNCC.F.053'!$D268:$G268)","v":36},{"v":1144.11,"d":"RD$1,144.11"},{"v":41187.96,"d":"RD$41,187.96"},{"v":146787.96,"d":"RD$146,787.96"},"COMPARACIÓN DE PRECIOS","ANTICIPO FINANCIERO",{"$nulls":6},"7016 - Fauna y flora"]
["5221 - Categorías de medicamentos varios","DESINFECTANTE BACTERICIDA EN SPRAY","CAJA ",12,12,12,12,{"$f":"SUM('PACC - SNCC.F.053'!$D269:$G269)","v":48},{"v":2200,"d":"RD$2,200.00"},{"v":105600,"d":"RD$105,600.00"},{"v":153360,"d":"RD$153,360.00"},"COMPARACIÓN DE PRECIOS","ANTICIPO FINANCIERO",{"$nulls":6},"7017 - Desarrollo y vigilancia de recursos hidráulicos"]
["5222 - Categorías de medicamentos varios","DYCAL LATIN VERDE DENTSPLAY ","CAJA ",6,6,6,6,{"$f":"SUM('PACC - SNCC.F.053'!$D270:$G270)","v":24},{"v":1990,"d":"RD$1,990.00"},{"v":47760,"d":"RD$47,760.00"},{"v":88437.12,"d":"RD$88,437.12"},"COMPARACIÓN DE PRECIOS","ANTICIPO FINANCIERO",{"$nulls":6},"7110 - Servicios de minería"]
["5223 - Categorías de medicamentos varios","EYECTORESDE SALIVA ","CAJA ",12,12,12,12,{"$f":"SUM('PACC - SNCC.F.053'!$D271:$G271)","v":48},{"v":847.44,"d":"RD$847.44"},{"v":40677.12,"d":"RD$40,677.12"},{"v":54914.4,"d":"RD$54,914.40"},"COMPARACIÓN DE PRECIOS","ANTICIPO FINANCIERO",{"$nulls":6},"7111 - Servicios de perforación y prospección petrolífera y de gas"]
["5224 - Categorías de medicamentos varios","OXIDO DE ZINC 360G","CAJA ",6,6,6,6,{"$f":"SUM('PACC - SNCC.F.053'!$D272:$G272)","v":24},{"v":593.22,"d":"RD$593.22"},{"v":14237.28,"d":"RD$14,237.28"},{"v":24000,"d":"RD$24,000.00"},"COMPARACIÓN DE PRECIOS","ANTICIPO FINANCIERO",{"$nulls":6},"7112 - Servicios de mantenimiento y construcción de perforación de pozos"]
["5225 - Categorías de medicamentos varios","EUGENOL ","CAJA ",6,6,6,6,{"$f":"SUM('PACC - SNCC.F.053'!$D273:$G273)","v":24},{"v":406.78,"d":"RD$406.78"},{"v":9762.72,"d":"RD$9,762.72"},{"v":220722.72,"d":"RD$220,722.72"},"COMPARACIÓN DE PRECIOS","ANTICIPO FINANCIERO",{"$nulls":6},"7113 - Servicios de aumento de la extracción producción de gas y petróleo"]
["5226 - Categorías de medicamentos varios","FUJI 1 GRANDE GOLD LABEL IONOMERO","CAJA",6,6,6,6,{"$f":"SUM('PACC - SNCC.F.053'!$D274:$G274)","v":24},{"v":8790,"d":"RD$8,790.00"},{"v":210960,"d":"RD$210,960.00"},{"$f":"SUM(J274:J275)","v":{"v":216900,"d":"RD$216,900.00"}},"COMPARACIÓN DE PRECIOS","ANTICIPO FINANCIERO",{"$nulls":6},"7114 - Servicios de restauración y recuperación de gas y aceite"]
["5227 - Categorías de medicamentos varios","CEMENTO SELLADOR CAVITARIO MD-TEMP","CAJA ",3,3,3,3,{"$f":"SUM('PACC - SNCC.F.053'!$D275:$G275)","v":12},{"v":495,"d":"RD$495.00"},{"v":5940,"d":"RD$5,940.00"},{"v":38100,"d":"RD$38,100.00"},"COMPARACIÓN DE PRECIOS","ANTICIPO FINANCIERO",{"$nulls":6},"7115 - Servicios de procesar y gestión de datos del aceite y gas"]
["5228 - Categorías de medicamentos varios","PASTA PROFILACTICA GELATO 12OZ","CAJA ",6,6,6,6,{"$f":"SUM('PACC - SNCC.F.053'!$D276:$G276)","v":24},{"v":1340,"d":"RD$1,340.00"},{"v":32160,"d":"RD$32,160.00"},{"v":66939.23999999999,"d":"RD$66,939.24"},"COMPARACIÓN DE PRECIOS","ANTICIPO FINANCIERO",{"$nulls":6},"7116 - Servicios de gerencia del proyecto de aceite y gas del pozo"]
["5229 - Categorías de medicamentos varios","ALGODÓN","FUNDA ",9,9,9,9,{"$f":"SUM('PACC - SNCC.F.053'!$D277:$G277)","v":36},{"v":966.09,"d":"RD$966.09"},{"v":34779.24,"d":"RD$34,779.24"},{"v":169779.24,"d":"RD$169,779.24"},"COMPARACIÓN DE PRECIOS","ANTICIPO FINANCIERO",{"$nulls":6},"7210 - Construcción de edificios, atención, mantenimiento y servicios de reparaciones"]
["5230 - Categorías de medicamentos varios","ANESTESIA LIDOCAINA 2%","UNIDAD",9,9,9,9,{"$f":"SUM('PACC - SNCC.F.053'!$D278:$G278)","v":36},{"v":3750,"d":"RD$3,750.00"},{"v":135000,"d":"RD$135,000.00"},{"v":280800,"d":"RD$280,800.00"},"COMPARACIÓN DE PRECIOS","ANTICIPO FINANCIERO",{"$nulls":6},"7213 - Construcción general de edificios"]
["5231 - Categorías de medicamentos varios","ANESTESIA ODONTOCAINA 3%","UNIDAD ",9,9,9,9,{"$f":"SUM('PACC - SNCC.F.053'!$D279:$G279)","v":36},{"v":4050,"d":"RD$4,050.00"},{"v":145800,"d":"RD$145,800.00"},{"v":191400,"d":"RD$191,400.00"},"COMPARACIÓN DE PRECIOS","ANTICIPO FINANCIERO",{"$nulls":6},"7310 - Industrias de plásticos y productos químicos"]
["5232 - Categorías de medicamentos varios","ANESTESIA SPRAY OPAHL-S","UNIDAD ",6,6,6,6,{"$f":"SUM('PACC - SNCC.F.053'!$D280:$G280)","v":24},{"v":1900,"d":"RD$1,900.00"},{"v":45600,"d":"RD$45,600.00"},{"v":49159.32,"d":"RD$49,159.32"},"COMPARACIÓN DE PRECIOS","ANTICIPO FINANCIERO",{"$nulls":6},"7311 - Industrias de la madera y el papel"]
["5233 - Categorías de medicamentos varios","AGUJA LARGAS 27G","CAJA",3,3,3,3,{"$f":"SUM('PACC - SNCC.F.053'!$D281:$G281)","v":12},{"v":296.61,"d":"RD$296.61"},{"v":3559.32,"d":"RD$3,559.32"},{"v":7118.64,"d":"RD$7,118.64"},"COMPARACIÓN DE PRECIOS","ANTICIPO FINANCIERO",{"$nulls":6},"7312 - Industrias del metal y de minerales"]
["5234 - Categorías de medicamentos varios","AGUJA 27G","CAJA ",3,3,3,3,{"$f":"SUM('PACC - SNCC.F.053'!$D282:$G282)","v":12},{"v":296.61,"d":"RD$296.61"},{"v":3559.32,"d":"RD$3,559.32"},{"v":31017,"d":"RD$31,017.00"},"COMPARACIÓN DE PRECIOS","ANTICIPO FINANCIERO",{"$nulls":6},"7313 - Industrias de alimentos y bebidas"]
["5235 - Categorías de medicamentos varios","PLACAS P/RX FLOE DV 58 1X100 ADULTO","CAJA",3,3,3,3,{"$f":"SUM('PACC - SNCC.F.053'!$D283:$G283)","v":12},{"v":2288.14,"d":"RD$2,288.14"},{"v":27457.68,"d":"RD$27,457.68"},{"v":93457.68,"d":"RD$93,457.68"},"COMPARACIÓN DE PRECIOS","ANTICIPO FINANCIERO",{"$nulls":6},"7314 - Industrias de fibras, textiles y de tejidos"]
["5236 - Categorías de medicamentos varios","KIT DE RESINAS ","CAJA ",3,3,3,3,{"$f":"SUM('PACC - SNCC.F.053'!$D284:$G284)","v":12},{"v":5500,"d":"RD$5,500.00"},{"v":66000,"d":"RD$66,000.00"},{"v":71520,"d":"RD$71,520.00"},"COMPARACIÓN DE PRECIOS","ANTICIPO FINANCIERO",{"$nulls":6},"7315 - Servicios de apoyo a la fabricación"]
["5237 - Categorías de medicamentos varios","PAPEL ARTICULAR CAJA 1X12","CAJA ",3,3,3,3,{"$f":"SUM('PACC - SNCC.F.053'!$D285:$G285)","v":12},{"v":460,"d":"RD$460.00"},{"v":5520,"d":"RD$5,520.00"},{"v":11621.64,"d":"RD$11,621.64"},"COMPARACIÓN DE PRECIOS","ANTICIPO FINANCIERO",{"$nulls":6},"7316 - Fabricación de maquinaria y equipo de transporte"]
["5238 - Categorías de medicamentos varios","FREEVAC","CAJA",3,3,3,3,{"$f":"SUM('PACC - SNCC.F.053'!$D286:$G286)","v":12},{"v":508.47,"d":"RD$508.47"},{"v":6101.64,"d":"RD$6,101.64"},{"v":135649.80000000002,"d":"RD$135,649.80"},"COMPARACIÓN DE PRECIOS","ANTICIPO FINANCIERO",{"$nulls":6},"7317 - Fabricación de productos eléctricos e instrumentos de precisión"]
["5239 - Categorías de medicamentos varios","ELASTICOS WILDLIFE M","CAJA ",42,42,42,42,{"$f":"SUM('PACC - SNCC.F.053'!$D287:$G287)","v":168},{"v":771.12,"d":"RD$771.12"},{"v":129548.16,"d":"RD$129,548.16"},{"v":6231548.16,"d":"RD$6,231,548.16"},"COMPARACIÓN DE PRECIOS","ANTICIPO FINANCIERO",{"$nulls":6},"7318 - Servicios de labrado y procesado"]
["5240 - Categorías de medicamentos varios","AMALGA","CAJA ",300,300,300,300,{"$f":"SUM('PACC - SNCC.F.053'!$D288:$G288)","v":1200},{"v":5085,"d":"RD$5,085.00"},{"v":6102000,"d":"RD$6,102,000.00"},{"v":6149034,"d":"RD$6,149,034.00"},"COMPARACIÓN DE PRECIOS","ANTICIPO FINANCIERO",{"$nulls":6},"7610 - Servicios de descontaminación"]
["5241 - Categorías de medicamentos varios","FRASA JHOMSON HP-4","CAJA ",15,15,15,15,{"$f":"SUM('PACC - SNCC.F.053'!$D289:$G289)","v":60},{"v":783.9,"d":"RD$783.90"},{"v":47034,"d":"RD$47,034.00"},{"v":94068,"d":"RD$94,068.00"},"COMPARACIÓN DE PRECIOS","ANTICIPO FINANCIERO",{"$nulls":6},"7611 - Servicios de limpieza y de consejería"]
["5242 - Categorías de medicamentos varios","FRESA SS WHITE HP-6","CAJA ",15,15,15,15,{"$f":"SUM('PACC - SNCC.F.053'!$D290:$G290)","v":60},{"v":783.9,"d":"RD$783.90"},{"v":47034,"d":"RD$47,034.00"},{"v":62135.64,"d":"RD$62,135.64"},"COMPARACIÓN DE PRECIOS","ANTICIPO FINANCIERO",{"$nulls":6},"7612 - Eliminación y tratamiento de desechos"]
["5243 - Categorías de medicamentos varios","FRESA SS WHITE HP-8","CAJA ",9,9,9,9,{"$f":"SUM('PACC - SNCC.F.053'!$D291:$G291)","v":36},{"v":419.49,"d":"RD$419.49"},{"v":15101.64,"d":"RD$15,101.64"},{"v":21813.48,"d":"RD$21,813.48"},"COMPARACIÓN DE PRECIOS","ANTICIPO FINANCIERO",{"$nulls":6},"7613 - Limpieza de residuos tóxicos y peligrosos"]
["5244 - Categorías de medicamentos varios","FRESAS HP-8 ANELSAN","CAJA ",6,6,6,6,{"$f":"SUM('PACC - SNCC.F.053'!$D292:$G292)","v":24},{"v":279.66,"d":"RD$279.66"},{"v":6711.84,"d":"RD$6,711.84"},{"v":53745.84,"d":"RD$53,745.84"},"COMPARACIÓN DE PRECIOS","ANTICIPO FINANCIERO",{"$nulls":6},"7710 - Gestión medioambiental"]
["5245 - Categorías de medicamentos varios","FRESA QUIRURGICA HP-701","CAJA ",15,15,15,15,{"$f":"SUM('PACC - SNCC.F.053'!$D293:$G293)","v":60},{"v":783.9,"d":"RD$783.90"},{"v":47034,"d":"RD$47,034.00"},{"v":94068,"d":"RD$94,068.00"},"COMPARACIÓN DE PRECIOS","ANTICIPO FINANCIERO",{"$nulls":6},"7711 - Protección medioambiental"]
["5246 - Categorías de medicamentos varios","FRESA QUIRURGICA HP-702","CAJA ",15,15,15,15,{"$f":"SUM('PACC - SNCC.F.053'!$D294:$G294)","v":60},{"v":783.9,"d":"RD$783.90"},{"v":47034,"d":"RD$47,034.00"},{"v":94068,"d":"RD$94,068.00"},"COMPARACIÓN DE PRECIOS","ANTICIPO FINANCIERO",{"$nulls":6},"7712 - Seguimiento, control y rehabilitación de la contaminación"]
["5247 - Categorías de medicamentos varios","FRESA SS WHITE HP-703","CAJA ",15,15,15,15,{"$f":"SUM('PACC - SNCC.F.053'!$D295:$G295)","v":60},{"v":783.9,"d":"RD$783.90"},{"v":47034,"d":"RD$47,034.00"},{"v":167441.04,"d":"RD$167,441.04"},"COMPARACIÓN DE PRECIOS","ANTICIPO FINANCIERO",{"$nulls":6},"7713 - Servicios de seguimiento, control o rehabilitación de contaminantes"]
["5248 - Categorías de medicamentos varios","FRESA SS WHITE FG-6","CAJA ",24,24,24,24,{"$f":"SUM('PACC - SNCC.F.053'!$D296:$G296)","v":96},{"v":1254.24,"d":"RD$1,254.24"},{"v":120407.04000000001,"d":"RD$120,407.04"},{"v":127932.48000000001,"d":"RD$127,932.48"},"COMPARACIÓN DE PRECIOS","ANTICIPO FINANCIERO",{"$nulls":6},"7810 - Transporte de correo y carga"]
["5249 - Categorías de medicamentos varios","FRESA SS WHITE FG-4","CAJA ",6,6,6,6,{"$f":"SUM('PACC - SNCC.F.053'!$D297:$G297)","v":24},{"v":313.56,"d":"RD$313.56"},{"v":7525.4400000000005,"d":"RD$7,525.44"},{"v":54559.44,"d":"RD$54,559.44"},"COMPARACIÓN DE PRECIOS","ANTICIPO FINANCIERO",{"$nulls":6},"7811 - Transporte de pasajeros"]
["5250 - Categorías de medicamentos varios","FRESA CARBORUNDO FG-1","CAJA ",15,15,15,15,{"$f":"SUM('PACC - SNCC.F.053'!$D298:$G298)","v":60},{"v":783.9,"d":"RD$783.90"},{"v":47034,"d":"RD$47,034.00"},{"v":94068,"d":"RD$94,068.00"},"COMPARACIÓN DE PRECIOS","ANTICIPO FINANCIERO",{"$nulls":6},"7812 - Manejo y embalaje de material"]
["5251 - Categorías de medicamentos varios","FRESA SS WHITE FG-701","CAJA ",15,15,15,15,{"$f":"SUM('PACC - SNCC.F.053'!$D299:$G299)","v":60},{"v":783.9,"d":"RD$783.90"},{"v":47034,"d":"RD$47,034.00"},{"v":94068,"d":"RD$94,068.00"},"COMPARACIÓN DE PRECIOS","ANTICIPO FINANCIERO",{"$nulls":6},"7813 - Almacenaje"]
["5252 - Categorías de medicamentos varios","FRESA SS WHITE FG-702","CAJA ",15,15,15,15,{"$f":"SUM('PACC - SNCC.F.053'!$D300:$G300)","v":60},{"v":783.9,"d":"RD$783.90"},{"v":47034,"d":"RD$47,034.00"},{"v":88983,"d":"RD$88,983.00"},"COMPARACIÓN DE PRECIOS","ANTICIPO FINANCIERO",{"$nulls":6},"7814 - Operaciones de transporte"]
["5253 - Categorías de medicamentos varios","FRESA SS WHITE FG-703","CAJA ",15,15,15,15,{"$f":"SUM('PACC - SNCC.F.053'!$D301:$G301)","v":60},{"v":699.15,"d":"RD$699.15"},{"v":41949,"d":"RD$41,949.00"},{"v":505677,"d":"RD$505,677.00"},"COMPARACIÓN DE PRECIOS","ANTICIPO FINANCIERO",{"$nulls":6},"7818 - Servicios de mantenimiento o reparaciones de transportes"]
["5254 - Categorías de medicamentos varios","TUBOS SIMPLE CON MALLA LR-36","CAJA ",60,60,60,60,{"$f":"SUM('PACC - SNCC.F.053'!$D302:$G302)","v":240},{"v":1932.2,"d":"RD$1,932.20"},{"v":463728,"d":"RD$463,728.00"},{"v":927456,"d":"RD$927,456.00"},"COMPARACIÓN DE PRECIOS","ANTICIPO FINANCIERO",{"$nulls":6},"8010 - Servicios de asesoría de gestión"]
["5255 - Categorías de medicamentos varios","TUBOS SIMPLE CON MALLA LL-46","CAJA ",60,60,60,60,{"$f":"SUM('PACC - SNCC.F.053'!$D303:$G303)","v":240},{"v":1932.2,"d":"RD$1,932.20"},{"v":463728,"d":"RD$463,728.00"},{"v":524088,"d":"RD$524,088.00"},"COMPARACIÓN DE PRECIOS","ANTICIPO FINANCIERO",{"$nulls":6},"8011 - Servicios de recursos humanos"]
["5256 - Categorías de medicamentos varios","V-LAB EMBARAZO 30/1","CAJA ",15,15,15,15,{"$f":"SUM('PACC - SNCC.F.053'!$D304:$G304)","v":60},"1,006.00",{"v":60360,"d":"RD$60,360.00"},{"v":673391.28,"d":"RD$673,391.28"},"COMPARACIÓN DE PRECIOS","ANTICIPO FINANCIERO",{"$nulls":6},"8012 - Servicios legales"]
["5257 - Categorías de medicamentos varios","MAGLUMI HTLV1+11","CAJA ",6,6,6,6,{"$f":"SUM('PACC - SNCC.F.053'!$D305:$G305)","v":24},"25,542.97",{"v":613031.28,"d":"RD$613,031.28"},{"v":982631.28,"d":"RD$982,631.28"},"COMPARACIÓN DE PRECIOS","ANTICIPO FINANCIERO",{"$nulls":6},"8013 - Servicios inmobiliarios"]
["5258 - Categorías de medicamentos varios","PT 4ML VIAL","CAJA ",240,240,240,240,{"$f":"SUM('PACC - SNCC.F.053'!$D306:$G306)","v":960},"385.00",{"v":369600,"d":"RD$369,600.00"},{"v":798240,"d":"RD$798,240.00"},"COMPARACIÓN DE PRECIOS","ANTICIPO FINANCIERO",{"$nulls":6},"8014 - Comercialización y distribución"]
["5259 - Categorías de medicamentos varios","CUBETAS P/COAGULOMETRO PAQ/200","UNIDAD",60,60,60,60,{"$f":"SUM('PACC - SNCC.F.053'!$D307:$G307)","v":240},"1,786.00",{"v":428640,"d":"RD$428,640.00"},{"v":588960,"d":"RD$588,960.00"},"COMPARACIÓN DE PRECIOS","ANTICIPO FINANCIERO",{"$nulls":6},"8015 - Política comercial y servicios"]
["5260 - Categorías de medicamentos varios","CLORURO CALCIO 4ML","UNIDAD ",120,120,120,120,{"$f":"SUM('PACC - SNCC.F.053'!$D308:$G308)","v":480},"334.00",{"v":160320,"d":"RD$160,320.00"},{"v":177772.8,"d":"RD$177,772.80"},"COMPARACIÓN DE PRECIOS","ANTICIPO FINANCIERO",{"$nulls":6},"8016 - Servicios de administración de empresas"]
["5261 - Categorías de medicamentos varios","AMOXICILINA/ACIDO CLAVULANICO 30","UNIDAD ",18,18,18,18,{"$f":"SUM('PACC - SNCC.F.053'!$D309:$G309)","v":72},"242.40",{"v":17452.8,"d":"RD$17,452.80"},{"v":108652.8,"d":"RD$108,652.80"},"COMPARACIÓN DE PRECIOS","ANTICIPO FINANCIERO",{"$nulls":6},"8110 - Servicios profesionales de ingeniería"]
["5262 - Categorías de medicamentos varios","FALCEMIA","CAJA ",6,6,6,6,{"$f":"SUM('PACC - SNCC.F.053'!$D310:$G310)","v":24},"3,800.00",{"v":91200,"d":"RD$91,200.00"},{"v":325800,"d":"RD$325,800.00"},"COMPARACIÓN DE PRECIOS","ANTICIPO FINANCIERO",{"$nulls":6},"8111 - Servicios informáticos"]
["5263 - Categorías de medicamentos varios","PROTEINA C REACTIVA,100 PRUEBAS","CAJA ",30,30,30,30,{"$f":"SUM('PACC - SNCC.F.053'!$D311:$G311)","v":120},"1,955.00",{"v":234600,"d":"RD$234,600.00"},{"v":267720,"d":"RD$267,720.00"},"COMPARACIÓN DE PRECIOS","ANTICIPO FINANCIERO",{"$nulls":6},"8112 - Economía"]
["5264 - Categorías de medicamentos varios"," AMILASA DIRECTA 60T","CAJA ",6,6,6,6,{"$f":"SUM('PACC - SNCC.F.053'!$D312:$G312)","v":24},"1,380.00",{"v":33120,"d":"RD$33,120.00"},{"v":540960,"d":"RD$540,960.00"},"COMPARACIÓN DE PRECIOS","ANTICIPO FINANCIERO",{"$nulls":6},"8113 - Estadística"]
["5265 - Categorías de medicamentos varios","BIL TOTAL 230T","CAJA ",24,24,24,24,{"$f":"SUM('PACC - SNCC.F.053'!$D313:$G313)","v":96},"5,290.00",{"v":507840,"d":"RD$507,840.00"},{"v":717600,"d":"RD$717,600.00"},"COMPARACIÓN DE PRECIOS","ANTICIPO FINANCIERO",{"$nulls":6},"8114 - Tecnologías de fabricación"]
["5266 - Categorías de medicamentos varios","TRIGLICERIDOS 190T","CAJA ",12,12,12,12,{"$f":"SUM('PACC - SNCC.F.053'!$D314:$G314)","v":48},"4,370.00",{"v":209760,"d":"RD$209,760.00"},{"v":313260,"d":"RD$313,260.00"},"COMPARACIÓN DE PRECIOS","ANTICIPO FINANCIERO",{"$nulls":6},"8115 - Servicios de pedología"]
["5267 - Categorías de medicamentos varios","AGUA DESTILADA GAL","GALON ",150,150,150,150,{"$f":"SUM('PACC - SNCC.F.053'!$D315:$G315)","v":600},"172.50",{"v":103500,"d":"RD$103,500.00"},{"v":706394.3999999999,"d":"RD$706,394.40"},"COMPARACIÓN DE PRECIOS","ANTICIPO FINANCIERO",{"$nulls":6},"8210 - Publicidad"]
["5268 - Categorías de medicamentos varios","SYSMEX CELLPACK 20L","UNIDAD ",24,24,24,24,{"$f":"SUM('PACC - SNCC.F.053'!$D316:$G316)","v":96},"6,280.15",{"v":602894.3999999999,"d":"RD$602,894.40"},{"v":878894.3999999999,"d":"RD$878,894.40"},"COMPARACIÓN DE PRECIOS","ANTICIPO FINANCIERO",{"$nulls":6},"8211 - Escritura y traducciones"]
["5269 - Categorías de medicamentos varios","PROTEINA TOTAL","CAJA ",12,12,12,12,{"$f":"SUM('PACC - SNCC.F.053'!$D317:$G317)","v":48},"5,750.00",{"v":276000,"d":"RD$276,000.00"},{"v":972000,"d":"RD$972,000.00"},"COMPARACIÓN DE PRECIOS","ANTICIPO FINANCIERO",{"$nulls":6},"8212 -  Servicios de reproducción"]
["5270 - Categorías de medicamentos varios","EASYLYTE NA/K/CL 400ML","CAJA ",6,6,6,6,{"$f":"SUM('PACC - SNCC.F.053'!$D318:$G318)","v":24},"29,000.00",{"v":696000,"d":"RD$696,000.00"},{"v":1535040,"d":"RD$1,535,040.00"},"COMPARACIÓN DE PRECIOS","ANTICIPO FINANCIERO",{"$nulls":6},"8213 - Servicios fotográficos"]
["5271 - Categorías de medicamentos varios","GLUCOSA 190T","CAJA ",48,48,48,48,{"$f":"SUM('PACC - SNCC.F.053'!$D319:$G319)","v":192},"4,370.00",{"v":839040,"d":"RD$839,040.00"},{"v":1149540,"d":"RD$1,149,540.00"},"COMPARACIÓN DE PRECIOS","ANTICIPO FINANCIERO",{"$nulls":6},"8214 - Diseño gráfico"]
["5272 - Categorías de medicamentos varios","IRMA CC COMBO GASES+ELECTROLITOS ","CAJA ",150,150,150,150,{"$f":"SUM('PACC - SNCC.F.053'!$D320:$G320)","v":600},"517.50",{"v":310500,"d":"RD$310,500.00"},{"v":327060,"d":"RD$327,060.00"},"COMPARACIÓN DE PRECIOS","ANTICIPO FINANCIERO",{"$nulls":6},"8215 - Artistas e intérpretes profesionales"]
["5273 - Categorías de medicamentos varios","BD CLINDAMICIN 2MCG V/50","UNIDAD ",18,18,18,18,{"$f":"SUM('PACC - SNCC.F.053'!$D321:$G321)","v":72},"230.00",{"v":16560,"d":"RD$16,560.00"},{"v":143520,"d":"RD$143,520.00"},"COMPARACIÓN DE PRECIOS","ANTICIPO FINANCIERO",{"$nulls":6},"8310 - Servicios públicos"]
["5274 - Categorías de medicamentos varios","CK 230T","CAJA",6,6,6,6,{"$f":"SUM('PACC - SNCC.F.053'!$D322:$G322)","v":24},"5,290.00",{"v":126960,"d":"RD$126,960.00"},{"v":441600,"d":"RD$441,600.00"},"COMPARACIÓN DE PRECIOS","ANTICIPO FINANCIERO",{"$nulls":6},"8311 - Servicios de medios de telecomunicaciones"]
["5275 - Categorías de medicamentos varios","ACIDO URICO 190T","CAJA ",18,18,18,18,{"$f":"SUM('PACC - SNCC.F.053'!$D323:$G323)","v":72},"4,370.00",{"v":314640,"d":"RD$314,640.00"},{"v":713808,"d":"RD$713,808.00"},"COMPARACIÓN DE PRECIOS","ANTICIPO FINANCIERO",{"$nulls":6},"8312 - Servicios de información"]
["5276 - Categorías de medicamentos varios","JERINGUILLA HEPARINIZADA 3ML NO.23 C/100","CAJA",18,18,18,18,{"$f":"SUM('PACC - SNCC.F.053'!$D324:$G324)","v":72},"5,544.00",{"v":399168,"d":"RD$399,168.00"},{"v":716568,"d":"RD$716,568.00"},"COMPARACIÓN DE PRECIOS","ANTICIPO FINANCIERO",{"$nulls":6},"8410 - Finanzas de desarrollo"]
["5277 - Categorías de medicamentos varios","BIL DIRECTA DPD 230T","CAJA ",15,15,15,15,{"$f":"SUM('PACC - SNCC.F.053'!$D325:$G325)","v":60},"5,290.00",{"v":317400,"d":"RD$317,400.00"},{"v":527160,"d":"RD$527,160.00"},"COMPARACIÓN DE PRECIOS","ANTICIPO FINANCIERO",{"$nulls":6},"8411 - Contabilidad y auditorias"]
["5278 - Categorías de medicamentos varios","ALBUMINA 190T","CAJA ",12,12,12,12,{"$f":"SUM('PACC - SNCC.F.053'!$D326:$G326)","v":48},"4,370.00",{"v":209760,"d":"RD$209,760.00"},{"v":471960,"d":"RD$471,960.00"},"COMPARACIÓN DE PRECIOS","ANTICIPO FINANCIERO",{"$nulls":6},"8412 - Banca e inversiones"]
["5279 - Categorías de medicamentos varios","CALCIO 190T","CAJA ",15,15,15,15,{"$f":"SUM('PACC - SNCC.F.053'!$D327:$G327)","v":60},"4,370.00",{"v":262200,"d":"RD$262,200.00"},{"v":643080,"d":"RD$643,080.00"},"COMPARACIÓN DE PRECIOS","ANTICIPO FINANCIERO",{"$nulls":6},"8413 - Servicios de seguros y jubilación"]
["5280 - Categorías de medicamentos varios","UREA UV 190T","CAJA",18,18,18,18,{"$f":"SUM('PACC - SNCC.F.053'!$D328:$G328)","v":72},"5,290.00",{"v":380880,"d":"RD$380,880.00"},{"v":628560,"d":"RD$628,560.00"},"COMPARACIÓN DE PRECIOS","ANTICIPO FINANCIERO",{"$nulls":6},"8414 - Agencias de crédito"]
["5281 - Categorías de medicamentos varios","LIPASA 150T KIT","CAJA",6,6,6,6,{"$f":"SUM('PACC - SNCC.F.053'!$D329:$G329)","v":24},"10,320.00",{"v":247680,"d":"RD$247,680.00"},{"v":457440,"d":"RD$457,440.00"},"COMPARACIÓN DE PRECIOS","ANTICIPO FINANCIERO",{"$nulls":6},"8510 - Servicios sanitarios integrales"]
["5282 - Categorías de medicamentos varios","COLESTEROL 190T","CAJA ",12,12,12,12,{"$f":"SUM('PACC - SNCC.F.053'!$D330:$G330)","v":48},"4,370.00",{"v":209760,"d":"RD$209,760.00"},{"v":400200,"d":"RD$400,200.00"},"COMPARACIÓN DE PRECIOS","ANTICIPO FINANCIERO",{"$nulls":6},"8511 - Prevención y control de enfermedades"]
["5283 - Categorías de medicamentos varios","TGO/AST 230T","CAJA",9,9,9,9,{"$f":"SUM('PACC - SNCC.F.053'!$D331:$G331)","v":36},"5,290.00",{"$f":"+H331*I331","v":{"v":190440,"d":"RD$190,440.00"}},{"v":289800,"d":"RD$289,800.00"},"COMPARACIÓN DE PRECIOS","ANTICIPO FINANCIERO",{"$nulls":6},"8512 -  Práctica médica"]
["5284 - Categorías de medicamentos varios","WASH SOLUTION CONC 500ML","CAJA",3,3,3,3,{"$f":"SUM('PACC - SNCC.F.053'!$D332:$G332)","v":12},"8,280.00",{"v":99360,"d":"RD$99,360.00"},{"v":326160,"d":"RD$326,160.00"},"COMPARACIÓN DE PRECIOS","ANTICIPO FINANCIERO",{"$nulls":6}," 8513 - Ciencia médica, investigación y experimentación"]
["5285 - Categorías de medicamentos varios","FOSFORO 210T","CAJA ",12,12,12,12,{"$f":"SUM('PACC - SNCC.F.053'!$D333:$G333)","v":48},"4,725.00",{"v":226800,"d":"RD$226,800.00"},{"v":270000,"d":"RD$270,000.00"},"COMPARACIÓN DE PRECIOS","ANTICIPO FINANCIERO",{"$nulls":6},"8514 - Medicina alternativa y holística"]
["5286 - Categorías de medicamentos varios","AMIODARONA CLORH.","UNIDAD",300,300,300,300,{"$f":"SUM('PACC - SNCC.F.053'!$D334:$G334)","v":1200},"36.00",{"v":43200,"d":"RD$43,200.00"},{"v":73200,"d":"RD$73,200.00"},"COMPARACIÓN DE PRECIOS","ANTICIPO FINANCIERO",{"$nulls":6},"8515 - Servicios alimentarios y de nutrición"]
["4220 - Productos de hacer imágenes diagnósticas médicas y de medicina nuclear","GEL SONOGRAFIA GAL.","GALON ",15,15,15,15,{"$f":"SUM('PACC - SNCC.F.053'!$D335:$G335)","v":60},"500.00",{"v":30000,"d":"RD$30,000.00"},{"v":298032,"d":"RD$298,032.00"},"COMPARACIÓN DE PRECIOS","ANTICIPO FINANCIERO",{"$nulls":6},"8610 - Formación profesional"]
["5288 - Categorías de medicamentos varios","ANPICILINA 1GR INY.","UNIDAD ",2400,2400,2400,2400,{"$f":"SUM('PACC - SNCC.F.053'!$D336:$G336)","v":9600},"27.92",{"v":268032,"d":"RD$268,032.00"},{"v":724032,"d":"RD$724,032.00"},"COMPARACIÓN DE PRECIOS","ANTICIPO FINANCIERO",{"$nulls":6},"8611 - Sistemas educativos alternativos"]
["5289 - Categorías de medicamentos varios","AGUJA RAQUI NO.23","UNIDAD",1200,1200,1200,1200,{"$f":"SUM('PACC - SNCC.F.053'!$D337:$G337)","v":4800},"95.00",{"v":456000,"d":"RD$456,000.00"},{"v":518352,"d":"RD$518,352.00"},"COMPARACIÓN DE PRECIOS","ANTICIPO FINANCIERO",{"$nulls":6},"8612 - Instituciones educativas"]
["5290 - Categorías de medicamentos varios","LEVIN (PED) NO.6","UNIDAD",1200,1200,1200,1200,{"$f":"SUM('PACC - SNCC.F.053'!$D338:$G338)","v":4800},"12.99",{"v":62352,"d":"RD$62,352.00"},{"$f":"SUM(J338:J339)","v":{"v":2141688,"d":"RD$2,141,688.00"}},"COMPARACIÓN DE PRECIOS","ANTICIPO FINANCIERO",{"$nulls":6},"8613 - Servicios educativos especializados"]
["5291 - Categorías de medicamentos varios","SABANITAS DESECHABLES (MOVIBLES)","CAJA",2100,2100,2100,2100,{"$f":"SUM('PACC - SNCC.F.053'!$D339:$G339)","v":8400},"247.54",{"v":2079336,"d":"RD$2,079,336.00"},{"v":3767736,"d":"RD$3,767,736.00"},"COMPARACIÓN DE PRECIOS","ANTICIPO FINANCIERO",{"$nulls":6},"8614 - Instalaciones educativas"]
["5292 - Categorías de medicamentos varios","GASA TIPO ALMOHADA 20X12/36X100","CAJA ",450,450,450,450,{"$f":"SUM('PACC - SNCC.F.053'!$D340:$G340)","v":1800},"938.00",{"v":1688400,"d":"RD$1,688,400.00"},{"v":1707062.4,"d":"RD$1,707,062.40"},"COMPARACIÓN DE PRECIOS","ANTICIPO FINANCIERO",{"$nulls":6},"9010 - Restaurantes y catering (servicios de comidas y bebidas)"]
["5293 - Categorías de medicamentos varios","ELECTRODOS ADULTOS (PAQ 50)","UNIDAD",486,486,486,486,{"$f":"SUM('PACC - SNCC.F.053'!$D341:$G341)","v":1944},"9.60",{"v":18662.399999999998,"d":"RD$18,662.40"},{"v":828662.4,"d":"RD$828,662.40"},"COMPARACIÓN DE PRECIOS","ANTICIPO FINANCIERO",{"$nulls":6},"9011 - Instalaciones hoteleras, alojamientos y centros de encuentros"]
["5294 - Categorías de medicamentos varios","DURAMORPH GRAY 0.1MG/ML X 1ML","CAJA ",450,450,450,450,{"$f":"SUM('PACC - SNCC.F.053'!$D342:$G342)","v":1800},"450.00",{"v":810000,"d":"RD$810,000.00"},{"v":918000,"d":"RD$918,000.00"},"COMPARACIÓN DE PRECIOS","ANTICIPO FINANCIERO",{"$nulls":6},"9012 - Facilitación de viajes"]
["5295 - Categorías de medicamentos varios","OMEPRAZOL CLINAR  40MG","UNIDAD ",450,450,450,450,{"$f":"SUM('PACC - SNCC.F.053'!$D343:$G343)","v":1800},"60.00",{"v":108000,"d":"RD$108,000.00"},{"v":410400,"d":"RD$410,400.00"},"COMPARACIÓN DE PRECIOS","ANTICIPO FINANCIERO",{"$nulls":6},"9013 - Artes interpretativas"]
["5296 - Categorías de medicamentos varios","BUPIVACINA PESADA 5MG 10ML INY","UNIDAD ",840,840,840,840,{"$f":"SUM('PACC - SNCC.F.053'!$D344:$G344)","v":3360},"90.00",{"v":302400,"d":"RD$302,400.00"},{"v":429084,"d":"RD$429,084.00"},"COMPARACIÓN DE PRECIOS","ANTICIPO FINANCIERO",{"$nulls":6},"9014 - Deportes comerciales"]
["5297 - Categorías de medicamentos varios","SOLUCIONES SALINA AL 45%  1000ML","UNIDAD",612,612,612,612,{"$f":"SUM('PACC - SNCC.F.053'!$D345:$G345)","v":2448},"51.75",{"v":126684,"d":"RD$126,684.00"},{"v":202284,"d":"RD$202,284.00"},"COMPARACIÓN DE PRECIOS","ANTICIPO FINANCIERO",{"$nulls":6},"9015 - Servicios de entretenimiento"]
["5298 - Categorías de medicamentos varios","DIMENHIDRINATO 50MG 1ML AMP.","UNIDAD ",900,900,900,900,{"$f":"SUM('PACC - SNCC.F.053'!$D346:$G346)","v":3600},"21.00",{"v":75600,"d":"RD$75,600.00"},{"v":779016,"d":"RD$779,016.00"},"COMPARACIÓN DE PRECIOS","ANTICIPO FINANCIERO",{"$nulls":6},"9110 - Aspecto personal"]
["5299 - Categorías de medicamentos varios","ESPARATRAPO BASE SEDA","UNIDAD",2100,2100,2100,2100,{"$f":"SUM('PACC - SNCC.F.053'!$D347:$G347)","v":8400},"83.74",{"v":703416,"d":"RD$703,416.00"},{"v":1106558.4,"d":"RD$1,106,558.40"},"COMPARACIÓN DE PRECIOS","ANTICIPO FINANCIERO",{"$nulls":6},"9111 - Asistencia doméstica y personal"]
["5300 - Categorías de medicamentos varios","SEDA NEGRA TRENZADA 3-0","UNIDAD ",864,864,864,864,{"$f":"SUM('PACC - SNCC.F.053'!$D348:$G348)","v":3456},"116.65",{"v":403142.4,"d":"RD$403,142.40"},{"v":1314576,"d":"RD$1,314,576.00"},"COMPARACIÓN DE PRECIOS","ANTICIPO FINANCIERO",{"$nulls":6},"9210 - Orden público y seguridad"]
["5301 - Categorías de medicamentos varios","ACIDO POLIGLICOLICO 0","UNIDAD ",1080,1080,1080,1080,{"$f":"SUM('PACC - SNCC.F.053'!$D349:$G349)","v":4320},"210.98",{"v":911433.6,"d":"RD$911,433.60"},{"v":987153.6,"d":"RD$987,153.60"},"COMPARACIÓN DE PRECIOS","ANTICIPO FINANCIERO",{"$nulls":6},"9211 - Servicios militares o defensa nacional"]
["5302 - Categorías de medicamentos varios","ELECTRODOS DESECHABLES","UNIDAD ",1500,1500,1500,1500,{"$f":"SUM('PACC - SNCC.F.053'!$D350:$G350)","v":6000},"12.62",{"v":75720,"d":"RD$75,720.00"},{"v":95304,"d":"RD$95,304.00"},"COMPARACIÓN DE PRECIOS","ANTICIPO FINANCIERO",{"$nulls":6},"9212 - Seguridad y protección personal"]
["5303 - Categorías de medicamentos varios","SONDA NASOGASTRICA (LEVIN NO.8)","UNIDAD ",600,600,600,600,{"$f":"SUM('PACC - SNCC.F.053'!$D351:$G351)","v":2400},"8.16",{"v":19584,"d":"RD$19,584.00"},{"v":22923,"d":"RD$22,923.00"},"COMPARACIÓN DE PRECIOS","ANTICIPO FINANCIERO",{"$nulls":6},"9310 - Sistemas e instituciones políticas"]
["5304 - Categorías de medicamentos varios","SONDA NASOGASTRICA (LEVIN NO.16)","UNIDAD ",75,75,75,75,{"$f":"SUM('PACC - SNCC.F.053'!$D352:$G352)","v":300},"11.13",{"v":3339.0000000000005,"d":"RD$3,339.00"},{"v":72531,"d":"RD$72,531.00"},"COMPARACIÓN DE PRECIOS","ANTICIPO FINANCIERO",{"$nulls":6},"9311 - Condiciones sociopolíticas"]
["5305 - Categorías de medicamentos varios","MASCARILLA PARA NEBULIZAR ADULTO","UNIDAD ",300,300,300,300,{"$f":"SUM('PACC - SNCC.F.053'!$D353:$G353)","v":1200},"57.66",{"v":69192,"d":"RD$69,192.00"},{"v":355752,"d":"RD$355,752.00"},"COMPARACIÓN DE PRECIOS","ANTICIPO FINANCIERO",{"$nulls":6},"9312 - Relaciones internacionales"]
["5306 - Categorías de medicamentos varios","TUBO ENDOTRAQUEAL 3.0","UNIDAD ",1500,1500,1500,1500,{"$f":"SUM('PACC - SNCC.F.053'!$D354:$G354)","v":6000},"47.76",{"v":286560,"d":"RD$286,560.00"},{"v":370548,"d":"RD$370,548.00"},"COMPARACIÓN DE PRECIOS","ANTICIPO FINANCIERO",{"$nulls":6},"9313 - Ayuda y asistencia humanitaria"]
["5307 - Categorías de medicamentos varios","SEDA NEGRA 0","UNIDAD ",180,180,180,180,{"$f":"SUM('PACC - SNCC.F.053'!$D355:$G355)","v":720},"116.65",{"v":83988,"d":"RD$83,988.00"},{"v":167976,"d":"RD$167,976.00"},"COMPARACIÓN DE PRECIOS","ANTICIPO FINANCIERO",{"$nulls":6},"9314 - Servicios comunitarios y sociales"]
["5308 - Categorías de medicamentos varios","SEDA NEGRA TRENZADA 4-0","UNIDAD",180,180,180,180,{"$f":"SUM('PACC - SNCC.F.053'!$D356:$G356)","v":720},"116.65",{"v":83988,"d":"RD$83,988.00"},{"v":2730996,"d":"RD$2,730,996.00"},"COMPARACIÓN DE PRECIOS","ANTICIPO FINANCIERO",{"$nulls":6},"9315 - Servicios de administración y financiación pública"]
["5309 - Categorías de medicamentos varios","CROMICO 0","UNIDAD",3636,3636,3636,3636,{"$f":"SUM('PACC - SNCC.F.053'!$D357:$G357)","v":14544},"182.00",{"v":2647008,"d":"RD$2,647,008.00"},{"v":3721536,"d":"RD$3,721,536.00"},"COMPARACIÓN DE PRECIOS","ANTICIPO FINANCIERO",{"$nulls":6},"9316 - Tributación"]
["5310 - Categorías de medicamentos varios","CROMICO 1","UNIDAD",1476,1476,1476,1476,{"$f":"SUM('PACC - SNCC.F.053'!$D358:$G358)","v":5904},"182.00",{"v":1074528,"d":"RD$1,074,528.00"},{"v":1539036,"d":"RD$1,539,036.00"},"COMPARACIÓN DE PRECIOS","ANTICIPO FINANCIERO",{"$nulls":6},"9317 - Política y regulación comercial"]
["5311 - Categorías de medicamentos varios","BAJANTE SUERO C/CONTROL FLUJO CUANTIF. ML/H","UNIDAD",1530,1530,1530,1530,{"$f":"SUM('PACC - SNCC.F.053'!$D359:$G359)","v":6120},"75.90",{"v":464508.00000000006,"d":"RD$464,508.00"},{"v":837727.2000000001,"d":"RD$837,727.20"},"COMPARACIÓN DE PRECIOS","ANTICIPO FINANCIERO",{"$nulls":6},"9410 - Organizaciones laborales"]
["5312 - Categorías de medicamentos varios","CIRCUITO DE VENTILACION UNIVERSAL","UNIDAD",90,90,90,90,{"$f":"SUM('PACC - SNCC.F.053'!$D360:$G360)","v":360},"1,036.72",{"v":373219.2,"d":"RD$373,219.20"},{"v":430819.2,"d":"RD$430,819.20"},"COMPARACIÓN DE PRECIOS","ANTICIPO FINANCIERO",{"$nulls":6},"9411 - Organizaciones religiosas"]
["5313 - Categorías de medicamentos varios","OXITOCINA 10 UI/1 ML","UNIDAD",900,900,900,900,{"$f":"SUM('PACC - SNCC.F.053'!$D361:$G361)","v":3600},"16.00",{"v":57600,"d":"RD$57,600.00"},{"v":4737600,"d":"RD$4,737,600.00"},"COMPARACIÓN DE PRECIOS","ANTICIPO FINANCIERO",{"$nulls":6},"9412 - Clubes"]
["5314 - Categorías de medicamentos varios","INTRAX ACIDO TRANEXAMINICO 500MG. 5 ML AMP.","CAJA ",1500,1500,1500,1500,{"$f":"SUM('PACC - SNCC.F.053'!$D362:$G362)","v":6000},"780.00",{"v":4680000,"d":"RD$4,680,000.00"},{"v":4836000,"d":"RD$4,836,000.00"},"COMPARACIÓN DE PRECIOS","ANTICIPO FINANCIERO",{"$nulls":6},"9413 - Organizaciones, asociaciones y movimientos cívicos"]
["5315 - Categorías de medicamentos varios","CAL SODADA CANISTER PACK (FUNDA)","CAJA",30,30,30,30,{"$f":"SUM('PACC - SNCC.F.053'!$D363:$G363)","v":120},"1,300.00",{"v":156000,"d":"RD$156,000.00"},{"v":175200,"d":"RD$175,200.00"},"COMPARACIÓN DE PRECIOS","ANTICIPO FINANCIERO"]
["5316 - Categorías de medicamentos varios","ALGODÓN 1/2 LB. ROLLO ","UNIDAD ",60,60,60,60,{"$f":"SUM('PACC - SNCC.F.053'!$D364:$G364)","v":240},"80.00",{"v":19200,"d":"RD$19,200.00"},{"v":389700,"d":"RD$389,700.00"},"COMPARACIÓN DE PRECIOS","ANTICIPO FINANCIERO"]
["5317 - Categorías de medicamentos varios","YODO SOLUCION 10% GL.","CALON ",75,75,75,75,{"$f":"SUM('PACC - SNCC.F.053'!$D365:$G365)","v":300},"1,235.00",{"v":370500,"d":"RD$370,500.00"},{"v":838500,"d":"RD$838,500.00"},"COMPARACIÓN DE PRECIOS","ANTICIPO FINANCIERO"]
["5318 - Categorías de medicamentos varios","DOBUTAMINA 250 MG/5ML.","UNIDAD ",300,300,300,300,{"$f":"SUM('PACC - SNCC.F.053'!$D366:$G366)","v":1200},"390.00",{"v":468000,"d":"RD$468,000.00"},{"v":560400,"d":"RD$560,400.00"},"COMPARACIÓN DE PRECIOS","ANTICIPO FINANCIERO"]
["5319 - Categorías de medicamentos varios","FITOMENADIONA 1 MG./1ML.","UNIDAD ",1500,1500,1500,1500,{"$f":"SUM('PACC - SNCC.F.053'!$D367:$G367)","v":6000},"15.40",{"v":92400,"d":"RD$92,400.00"},{"v":263400,"d":"RD$263,400.00"},"COMPARACIÓN DE PRECIOS","ANTICIPO FINANCIERO"]
["5320 - Categorías de medicamentos varios","BACTRIX PLUS 2% 5LT.","UNIDAD ",45,45,45,45,{"$f":"SUM('PACC - SNCC.F.053'!$D368:$G368)","v":180},"950.00",{"v":171000,"d":"RD$171,000.00"},{"v":330600,"d":"RD$330,600.00"},"COMPARACIÓN DE PRECIOS","ANTICIPO FINANCIERO"]
["5321 - Categorías de medicamentos varios","SULFATO DE MAGNESIO 20% 10 ML.","UNIDAD",1500,1500,1500,1500,{"$f":"SUM('PACC - SNCC.F.053'!$D369:$G369)","v":6000},"26.60",{"v":159600,"d":"RD$159,600.00"},{"v":3279600,"d":"RD$3,279,600.00"},"COMPARACIÓN DE PRECIOS","ANTICIPO FINANCIERO"]
["5322 - Categorías de medicamentos varios","SOLUCIONES SALINA 0.9% 100 ML.","UNIDAD",15000,15000,15000,15000,{"$f":"SUM('PACC - SNCC.F.053'!$D370:$G370)","v":60000},"52.00",{"v":3120000,"d":"RD$3,120,000.00"},{"v":3744000,"d":"RD$3,744,000.00"},"COMPARACIÓN DE PRECIOS","ANTICIPO FINANCIERO"]
["5323 - Categorías de medicamentos varios","SOLUCIONES SALINA 0.9% 500 ML.","UNIDAD",3000,3000,3000,3000,{"$f":"SUM('PACC - SNCC.F.053'!$D371:$G371)","v":12000},"52.00",{"v":624000,"d":"RD$624,000.00"},{"v":720000,"d":"RD$720,000.00"},"COMPARACIÓN DE PRECIOS","ANTICIPO FINANCIERO"]
["5324 - Categorías de medicamentos varios","CLOPIDOGREL 75MG X 100 TAB","UNIDAD",300,300,300,300,{"$f":"SUM('PACC - SNCC.F.053'!$D372:$G372)","v":1200},"80.00",{"v":96000,"d":"RD$96,000.00"},{"v":480000,"d":"RD$480,000.00"},"COMPARACIÓN DE PRECIOS","ANTICIPO FINANCIERO"]
["5325 - Categorías de medicamentos varios","NIFEDIPINA RET 60MG X 30 TAB.","UNIDAD",1200,1200,1200,1200,{"$f":"SUM('PACC - SNCC.F.053'!$D373:$G373)","v":4800},"80.00",{"v":384000,"d":"RD$384,000.00"},{"v":672000,"d":"RD$672,000.00"},"COMPARACIÓN DE PRECIOS","ANTICIPO FINANCIERO"]
["5326 - Categorías de medicamentos varios","ROSUVASTATINA 20MG X 30 TAB.","UNIDAD",900,900,900,900,{"$f":"SUM('PACC - SNCC.F.053'!$D374:$G374)","v":3600},"80.00",{"v":288000,"d":"RD$288,000.00"},{"v":336768,"d":"RD$336,768.00"},"COMPARACIÓN DE PRECIOS","ANTICIPO FINANCIERO"]
["5327 - Categorías de medicamentos varios","SULFATO FERROSO 300MG","UNIDAD",2400,2400,2400,2400,{"$f":"SUM('PACC - SNCC.F.053'!$D375:$G375)","v":9600},"5.08",{"v":48768,"d":"RD$48,768.00"},{"v":102768,"d":"RD$102,768.00"},"COMPARACIÓN DE PRECIOS","ANTICIPO FINANCIERO"]
["5328 - Categorías de medicamentos varios","COMPLEJO B INY 10ML","UNIDAD",450,450,450,450,{"$f":"SUM('PACC - SNCC.F.053'!$D376:$G376)","v":1800},"30.00",{"v":54000,"d":"RD$54,000.00"},{"v":162000,"d":"RD$162,000.00"},"COMPARACIÓN DE PRECIOS","ANTICIPO FINANCIERO"]
["5329 - Categorías de medicamentos varios","ATROVASTATINA 40MG","UNIDAD",300,300,300,300,{"$f":"SUM('PACC - SNCC.F.053'!$D377:$G377)","v":1200},"90.00",{"v":108000,"d":"RD$108,000.00"},{"v":144000,"d":"RD$144,000.00"},"COMPARACIÓN DE PRECIOS","ANTICIPO FINANCIERO"]
["5330 - Categorías de medicamentos varios","CLONIDINA 0.1 X 30 TAB","UNIDAD",300,300,300,300,{"$f":"SUM('PACC - SNCC.F.053'!$D378:$G378)","v":1200},"30.00",{"v":36000,"d":"RD$36,000.00"},{"v":57600,"d":"RD$57,600.00"},"COMPARACIÓN DE PRECIOS","ANTICIPO FINANCIERO"]
["5331 - Categorías de medicamentos varios","CANDESARTAN 16MG TAB","UNIDAD",120,120,120,120,{"$f":"SUM('PACC - SNCC.F.053'!$D379:$G379)","v":480},"45.00",{"v":21600,"d":"RD$21,600.00"},{"v":62400,"d":"RD$62,400.00"},"COMPARACIÓN DE PRECIOS","ANTICIPO FINANCIERO"]
["5332 - Categorías de medicamentos varios","DEXTROSA 50% AMP INY.","UNIDAD",120,120,120,120,{"$f":"SUM('PACC - SNCC.F.053'!$D380:$G380)","v":480},"85.00",{"v":40800,"d":"RD$40,800.00"},{"v":868800,"d":"RD$868,800.00"},"COMPARACIÓN DE PRECIOS","ANTICIPO FINANCIERO"]
["5333 - Categorías de medicamentos varios","HIDRALAZINA 20MG/ML AMP.","UNIDAD",300,300,300,300,{"$f":"SUM('PACC - SNCC.F.053'!$D381:$G381)","v":1200},"690.00",{"v":828000,"d":"RD$828,000.00"},{"v":856800,"d":"RD$856,800.00"},"COMPARACIÓN DE PRECIOS","ANTICIPO FINANCIERO"]
["5334 - Categorías de medicamentos varios","LISINOPRIL 10MG X 100 TAB.","UNIDAD",600,600,600,600,{"$f":"SUM('PACC - SNCC.F.053'!$D382:$G382)","v":2400},"12.00",{"v":28800,"d":"RD$28,800.00"},{"v":34560,"d":"RD$34,560.00"},"COMPARACIÓN DE PRECIOS","ANTICIPO FINANCIERO"]
["5335 - Categorías de medicamentos varios","LISINOPRIL 20MG X 100 TAB.","UNIDAD",90,90,90,90,{"$f":"SUM('PACC - SNCC.F.053'!$D383:$G383)","v":360},"16.00",{"v":5760,"d":"RD$5,760.00"},{"v":425760,"d":"RD$425,760.00"},"COMPARACIÓN DE PRECIOS","ANTICIPO FINANCIERO"]
["5336 - Categorías de medicamentos varios","ACIDO ASCORBICO","UNIDAD",3000,3000,3000,3000,{"$f":"SUM('PACC - SNCC.F.053'!$D384:$G384)","v":12000},"35.00",{"v":420000,"d":"RD$420,000.00"},{"v":888000,"d":"RD$888,000.00"},"COMPARACIÓN DE PRECIOS","ANTICIPO FINANCIERO"]
["4222 - Productos para administración intravenosa y arterial","LAPIZ DE CAUTERIO","UNIDAD",900,900,900,900,{"$f":"SUM('PACC - SNCC.F.053'!$D385:$G385)","v":3600},"130.00",{"v":468000,"d":"RD$468,000.00"},{"v":569340,"d":"RD$569,340.00"},"COMPARACIÓN DE PRECIOS","ANTICIPO FINANCIERO"]
["5338 - Categorías de medicamentos varios","DEXAMETASONA AMP.","UNIDAD",1689,1689,1689,1689,{"$f":"SUM('PACC - SNCC.F.053'!$D386:$G386)","v":6756},"15.00",{"v":101340,"d":"RD$101,340.00"},{"v":481500,"d":"RD$481,500.00"},"COMPARACIÓN DE PRECIOS","ANTICIPO FINANCIERO"]
["4214 - Suministros y productos de tratamiento y cuidado del enfermo","BAJANTE DE SUERO","UNIDAD",5280,5280,5280,5280,{"$f":"SUM('PACC - SNCC.F.053'!$D387:$G387)","v":21120},{"v":18,"d":"RD$18.00"},{"v":380160,"d":"RD$380,160.00"},{"v":942960,"d":"RD$942,960.00"},"COMPARACIÓN DE PRECIOS","ANTICIPO FINANCIERO"]
["5340 - Categorías de medicamentos varios","DICYNONE 250MG","UNIDAD",420,420,420,420,{"$f":"SUM('PACC - SNCC.F.053'!$D388:$G388)","v":1680},"335.00",{"v":562800,"d":"RD$562,800.00"},{"v":1100912.6400000001,"d":"RD$1,100,912.64"},"COMPARACIÓN DE PRECIOS","ANTICIPO FINANCIERO"]
["5341 - Categorías de medicamentos varios","CITEX 200MG X 30 COMPRIMIDO","CAJA ",39,39,39,39,{"$f":"SUM('PACC - SNCC.F.053'!$D389:$G389)","v":156},"3,449.44",{"v":538112.64,"d":"RD$538,112.64"},{"v":2308112.64,"d":"RD$2,308,112.64"},"COMPARACIÓN DE PRECIOS","ANTICIPO FINANCIERO"]
["4214 - Suministros y productos de tratamiento y cuidado del enfermo","BATA QUIRURGICA NIVEL 2-MANGAS LARGAS","UNIDAD",1500,1500,1500,1500,{"$f":"SUM('PACC - SNCC.F.053'!$D390:$G390)","v":6000},"295.00",{"v":1770000,"d":"RD$1,770,000.00"},{"v":2190000,"d":"RD$2,190,000.00"},"COMPARACIÓN DE PRECIOS","ANTICIPO FINANCIERO"]
["4214 - Suministros y productos de tratamiento y cuidado del enfermo","GALON JABON LIQUIDO ANTIBACTERIAL ","GALON ",150,150,150,150,{"$f":"SUM('PACC - SNCC.F.053'!$D391:$G391)","v":600},"700.00",{"v":420000,"d":"RD$420,000.00"},{"v":742176,"d":"RD$742,176.00"},"COMPARACIÓN DE PRECIOS","ANTICIPO FINANCIERO"]
["4214 - Suministros y productos de tratamiento y cuidado del enfermo","GUANTES QUIRURGICOS ESTERIL 8","UNIDAD",4800,4800,4800,4800,{"$f":"SUM('PACC - SNCC.F.053'!$D392:$G392)","v":19200},"16.78",{"v":322176,"d":"RD$322,176.00"},{"v":422856,"d":"RD$422,856.00"},"COMPARACIÓN DE PRECIOS","ANTICIPO FINANCIERO"]
["4214 - Suministros y productos de tratamiento y cuidado del enfermo","GUANTES QUIRURGICOS ESTERIL 7","UNIDAD",1500,1500,1500,1500,{"$f":"SUM('PACC - SNCC.F.053'!$D393:$G393)","v":6000},"16.78",{"v":100680,"d":"RD$100,680.00"},{"v":146544,"d":"RD$146,544.00"},"COMPARACIÓN DE PRECIOS","ANTICIPO FINANCIERO"]
["5346 - Categorías de medicamentos varios","GORRO DE CIRUJANO","UNIDAD",3900,3900,3900,3900,{"$f":"SUM('PACC - SNCC.F.053'!$D394:$G394)","v":15600},"2.94",{"v":45864,"d":"RD$45,864.00"},{"v":114624,"d":"RD$114,624.00"},"COMPARACIÓN DE PRECIOS","ANTICIPO FINANCIERO"]
["5347 - Categorías de medicamentos varios","JERINGA 1CC ","UNIDAD",9000,9000,9000,9000,{"$f":"SUM('PACC - SNCC.F.053'!$D395:$G395)","v":36000},"1.91",{"$f":"+H395*I395","v":{"v":68760,"d":"RD$68,760.00"}},{"v":117480,"d":"RD$117,480.00"},"COMPARACIÓN DE PRECIOS","ANTICIPO FINANCIERO"]
["5348 - Categorías de medicamentos varios","JERINGA HIPODERMICA 3ML","UNIDAD",6000,6000,6000,6000,{"$f":"SUM('PACC - SNCC.F.053'!$D396:$G396)","v":24000},"2.03",{"v":48719.99999999999,"d":"RD$48,720.00"},{"v":332124,"d":"RD$332,124.00"},"COMPARACIÓN DE PRECIOS","ANTICIPO FINANCIERO"]
["5349 - Categorías de medicamentos varios","JERINGA HIPODERMICA 5ML","UNIDAD",33900,33900,33900,33900,{"$f":"SUM('PACC - SNCC.F.053'!$D397:$G397)","v":135600},"2.09",{"v":283404,"d":"RD$283,404.00"},{"v":1275564,"d":"RD$1,275,564.00"},"COMPARACIÓN DE PRECIOS","ANTICIPO FINANCIERO"]
["5350 - Categorías de medicamentos varios","JERINGA 10 ML.","UNIDAD",78000,78000,78000,78000,{"$f":"SUM('PACC - SNCC.F.053'!$D398:$G398)","v":312000},"3.18",{"v":992160,"d":"RD$992,160.00"},{"v":1025712,"d":"RD$1,025,712.00"},"COMPARACIÓN DE PRECIOS","ANTICIPO FINANCIERO"]
["5351 - Categorías de medicamentos varios","MASCARILLA P/NEBULIZAR PED.","UNIDAD",150,150,150,150,{"$f":"SUM('PACC - SNCC.F.053'!$D399:$G399)","v":600},"55.92",{"v":33552,"d":"RD$33,552.00"},{"v":309456,"d":"RD$309,456.00"},"COMPARACIÓN DE PRECIOS","ANTICIPO FINANCIERO"]
["5352 - Categorías de medicamentos varios","DIFENHIDRAMINA 20MG","UNIDAD",1800,1800,1800,1800,{"$f":"SUM('PACC - SNCC.F.053'!$D400:$G400)","v":7200},"38.32",{"v":275904,"d":"RD$275,904.00"},{"v":1391904,"d":"RD$1,391,904.00"},"COMPARACIÓN DE PRECIOS","ANTICIPO FINANCIERO"]
["5353 - Categorías de medicamentos varios","SOLUCION SALINA 1000ML","UNIDAD",4500,4500,4500,4500,{"$f":"SUM('PACC - SNCC.F.053'!$D401:$G401)","v":18000},"62.00",{"v":1116000,"d":"RD$1,116,000.00"},{"v":8616000,"d":"RD$8,616,000.00"},"COMPARACIÓN DE PRECIOS","ANTICIPO FINANCIERO"]
["4214 - Suministros y productos de tratamiento y cuidado del enfermo","GUANTES DE EXAMEN DESECHABLE C/100","CAJA ",3000,3000,3000,3000,{"$f":"SUM('PACC - SNCC.F.053'!$D402:$G402)","v":12000},"625.00",{"v":7500000,"d":"RD$7,500,000.00"},{"$f":"SUM(J402:J403)","v":{"v":7626000,"d":"RD$7,626,000.00"}},"COMPARACIÓN DE PRECIOS","ANTICIPO FINANCIERO"]
["5355 - Categorías de medicamentos varios","AGUA PARA INYECTABLE AMP. 10CC","UNIDAD",4500,4500,4500,4500,{"$f":"SUM('PACC - SNCC.F.053'!$D403:$G403)","v":18000},"7.00",{"v":126000,"d":"RD$126,000.00"},{"v":3126000,"d":"RD$3,126,000.00"},"COMPARACIÓN DE PRECIOS","ANTICIPO FINANCIERO"]
["5356 - Categorías de medicamentos varios","ENOXAPARINA SODICA 10 MG ","CAJA ",1500,1500,1500,1500,{"$f":"SUM('PACC - SNCC.F.053'!$D404:$G404)","v":6000},"500.00",{"v":3000000,"d":"RD$3,000,000.00"},{"v":4620000,"d":"RD$4,620,000.00"},"COMPARACIÓN DE PRECIOS","ANTICIPO FINANCIERO"]
["4214 - Suministros y productos de tratamiento y cuidado del enfermo","MASCARILLA KN95","UNIDAD ",3000,3000,3000,3000,{"$f":"SUM('PACC - SNCC.F.053'!$D405:$G405)","v":12000},"135.00",{"v":1620000,"d":"RD$1,620,000.00"},{"v":1647000,"d":"RD$1,647,000.00"},"COMPARACIÓN DE PRECIOS","ANTICIPO FINANCIERO"]
["5358 - Categorías de medicamentos varios","AGUA DESTILADA 5CC","UNIDAD ",1500,1500,1500,1500,{"$f":"SUM('PACC - SNCC.F.053'!$D406:$G406)","v":6000},"4.50",{"v":27000,"d":"RD$27,000.00"},{"v":111000,"d":"RD$111,000.00"},"COMPARACIÓN DE PRECIOS","ANTICIPO FINANCIERO"]
["5359 - Categorías de medicamentos varios","CANULA DE YANKAWER","UNIDAD ",300,300,300,300,{"$f":"SUM('PACC - SNCC.F.053'!$D407:$G407)","v":1200},"70.00",{"v":84000,"d":"RD$84,000.00"},{"v":180000,"d":"RD$180,000.00"},"COMPARACIÓN DE PRECIOS","ANTICIPO FINANCIERO"]
["5360 - Categorías de medicamentos varios","CATHETER NO.20","UNIDAD ",600,600,600,600,{"$f":"SUM('PACC - SNCC.F.053'!$D408:$G408)","v":2400},"40.00",{"v":96000,"d":"RD$96,000.00"},{"v":192000,"d":"RD$192,000.00"},"COMPARACIÓN DE PRECIOS","ANTICIPO FINANCIERO"]
["5361 - Categorías de medicamentos varios","CATHETER NO.24","UNIDAD ",600,600,600,600,{"$f":"SUM('PACC - SNCC.F.053'!$D409:$G409)","v":2400},"40.00",{"v":96000,"d":"RD$96,000.00"},{"v":456000,"d":"RD$456,000.00"},"COMPARACIÓN DE PRECIOS","ANTICIPO FINANCIERO"]
["5362 - Categorías de medicamentos varios","CITICOLINA 500MG.","UNIDAD ",450,450,450,450,{"$f":"SUM('PACC - SNCC.F.053'!$D410:$G410)","v":1800},"200.00",{"v":360000,"d":"RD$360,000.00"},{"v":504000,"d":"RD$504,000.00"},"COMPARACIÓN DE PRECIOS","ANTICIPO FINANCIERO"]
["5363 - Categorías de medicamentos varios","HIDROCORTISONA FCOS.","UNIDAD ",900,900,900,900,{"$f":"SUM('PACC - SNCC.F.053'!$D411:$G411)","v":3600},"40.00",{"v":144000,"d":"RD$144,000.00"},{"v":444000,"d":"RD$444,000.00"},"COMPARACIÓN DE PRECIOS","ANTICIPO FINANCIERO"]
["5364 - Categorías de medicamentos varios","LEVOFLOXACINA 500 MG/100ML INFUSION IV.","UNIDAD ",300,300,300,300,{"$f":"SUM('PACC - SNCC.F.053'!$D412:$G412)","v":1200},"250.00",{"v":300000,"d":"RD$300,000.00"},{"v":345000,"d":"RD$345,000.00"},"COMPARACIÓN DE PRECIOS","ANTICIPO FINANCIERO"]
["5365 - Categorías de medicamentos varios","LIDOCAINA AL 2% SIN EPINEFRINA","UNIDAD ",150,150,150,150,{"$f":"SUM('PACC - SNCC.F.053'!$D413:$G413)","v":600},"75.00",{"v":45000,"d":"RD$45,000.00"},{"v":59400,"d":"RD$59,400.00"},"COMPARACIÓN DE PRECIOS","ANTICIPO FINANCIERO"]
["5366 - Categorías de medicamentos varios","LOSARTAN 100 MG C/100","UNIDAD ",12,12,12,12,{"$f":"SUM('PACC - SNCC.F.053'!$D414:$G414)","v":48},"300.00",{"v":14400,"d":"RD$14,400.00"},{"v":224400,"d":"RD$224,400.00"},"COMPARACIÓN DE PRECIOS","ANTICIPO FINANCIERO"]
["4220 - Productos de hacer imágenes diagnósticas médicas y de medicina nuclear","PAPEL DE ELECTRO 63X30","UNIDAD ",150,150,150,150,{"$f":"SUM('PACC - SNCC.F.053'!$D415:$G415)","v":600},"350.00",{"v":210000,"d":"RD$210,000.00"},{"v":397200,"d":"RD$397,200.00"},"COMPARACIÓN DE PRECIOS","ANTICIPO FINANCIERO"]
["5368 - Categorías de medicamentos varios","NEBULIZADOR","UNIDAD ",18,18,18,18,{"$f":"SUM('PACC - SNCC.F.053'!$D416:$G416)","v":72},"2,600.00",{"v":187200,"d":"RD$187,200.00"},{"v":355200,"d":"RD$355,200.00"},"COMPARACIÓN DE PRECIOS","ANTICIPO FINANCIERO"]
["5369 - Categorías de medicamentos varios","JACKSON PRATT","CAJA ",60,60,60,60,{"$f":"SUM('PACC - SNCC.F.053'!$D417:$G417)","v":240},"700.00",{"v":168000,"d":"RD$168,000.00"},{"v":198000,"d":"RD$198,000.00"},"COMPARACIÓN DE PRECIOS","ANTICIPO FINANCIERO"]
["5370 - Categorías de medicamentos varios","BUPIVACAINA PESADA ","UNIDAD",60,60,60,60,{"$f":"SUM('PACC - SNCC.F.053'!$D418:$G418)","v":240},"125.00",{"v":30000,"d":"RD$30,000.00"},{"v":1410000,"d":"RD$1,410,000.00"},"COMPARACIÓN DE PRECIOS","ANTICIPO FINANCIERO"]
["5371 - Categorías de medicamentos varios","OMEPRAZOL 40 MG AMP.","UNIDAD",3000,3000,3000,3000,{"$f":"SUM('PACC - SNCC.F.053'!$D419:$G419)","v":12000},"115.00",{"v":1380000,"d":"RD$1,380,000.00"},{"v":3151200,"d":"RD$3,151,200.00"},"COMPARACIÓN DE PRECIOS","ANTICIPO FINANCIERO"]
["5372 - Categorías de medicamentos varios","METRONIDAZOL 500 MG.AMP.","UNIDAD",6150,6150,6150,6150,{"$f":"SUM('PACC - SNCC.F.053'!$D420:$G420)","v":24600},"72.00",{"v":1771200,"d":"RD$1,771,200.00"},{"v":2073600,"d":"RD$2,073,600.00"},"COMPARACIÓN DE PRECIOS","ANTICIPO FINANCIERO"]
["5373 - Categorías de medicamentos varios","CIPROFLOXACINA INY. ","UNIDAD",1800,1800,1800,1800,{"$f":"SUM('PACC - SNCC.F.053'!$D421:$G421)","v":7200},"42.00",{"v":302400,"d":"RD$302,400.00"},{"v":422400,"d":"RD$422,400.00"},"COMPARACIÓN DE PRECIOS","ANTICIPO FINANCIERO"]
["5374 - Categorías de medicamentos varios","GENTAMICINA 80 MG AMP.","UMIDAD",3000,3000,3000,3000,{"$f":"SUM('PACC - SNCC.F.053'!$D422:$G422)","v":12000},"10.00",{"v":120000,"d":"RD$120,000.00"},{"v":3672000,"d":"RD$3,672,000.00"},"COMPARACIÓN DE PRECIOS","ANTICIPO FINANCIERO"]
["5375 - Categorías de medicamentos varios","BROMURO DE IPATROPIO 250MG","PAQUETE",12000,12000,12000,12000,{"$f":"SUM('PACC - SNCC.F.053'!$D423:$G423)","v":48000},"74.00",{"v":3552000,"d":"RD$3,552,000.00"},{"v":3571800,"d":"RD$3,571,800.00"},"COMPARACIÓN DE PRECIOS","ANTICIPO FINANCIERO"]
["4214 - Suministros y productos de tratamiento y cuidado del enfermo","FUNDA ESTERILIZADACION 3 1/2 X 10 ","PAQUETE",6,6,6,6,{"$f":"SUM('PACC - SNCC.F.053'!$D424:$G424)","v":24},"825.00",{"v":19800,"d":"RD$19,800.00"},{"v":42840,"d":"RD$42,840.00"},"COMPARACIÓN DE PRECIOS","ANTICIPO FINANCIERO"]
["4214 - Suministros y productos de tratamiento y cuidado del enfermo","FUNDA ESTERILIZADACION 5 1/4 X 10 ","PAQUETE",6,6,6,6,{"$f":"SUM('PACC - SNCC.F.053'!$D425:$G425)","v":24},"960.00",{"v":23040,"d":"RD$23,040.00"},{"v":71040,"d":"RD$71,040.00"},"COMPARACIÓN DE PRECIOS","ANTICIPO FINANCIERO"]
["4213 - Telas y vestidos médicos","ROPA ESTERIL","UNIDAD",12,12,12,12,{"$f":"SUM('PACC - SNCC.F.053'!$D426:$G426)","v":48},"1,000.00",{"v":48000,"d":"RD$48,000.00"},{"v":88800,"d":"RD$88,800.00"},"COMPRA MENOR","VENTA DE SERVICIO"]
["4213 - Telas y vestidos médicos","BATAS IMPERMEABLES","UNIDAD",12,12,12,12,{"$f":"SUM('PACC - SNCC.F.053'!$D427:$G427)","v":48},"850.00",{"v":40800,"d":"RD$40,800.00"},{"v":60800,"d":"RD$60,800.00"},"COMPRA MENOR","VENTA DE SERVICIO"]
["3116 - Ferretería","BOMBILLOS ","UNIDAD",50,50,50,50,{"$f":"SUM('PACC - SNCC.F.053'!$D428:$G428)","v":200},{"v":100,"d":"RD$100.00"},{"$f":"+H428*I428","v":{"v":20000,"d":"RD$20,000.00"}},{"$f":"SUM(J428:J432)","v":{"v":112000,"d":"RD$112,000.00"}},"COMPRA MENOR","VENTA DE SERVICIO"]
["3116 - Ferretería","SOCALOS ","UNIDAD",10,10,10,10,{"$f":"SUM('PACC - SNCC.F.053'!$D429:$G429)","v":40},{"v":120,"d":"RD$120.00"},{"v":4800,"d":"RD$4,800.00"},{"v":97000,"d":"RD$97,000.00"},"COMPRA MENOR","VENTA DE SERVICIO"]
["3116 - Ferretería","TOMA CORRIENTES","UNIDAD ",10,10,10,10,{"$f":"SUM('PACC - SNCC.F.053'!$D430:$G430)","v":40},{"v":150,"d":"RD$150.00"},{"v":6000,"d":"RD$6,000.00"},{"v":95800,"d":"RD$95,800.00"},"COMPRA MENOR","VENTA DE SERVICIO"]
["3116 - Ferretería","ALAMBRE ","PIE",25,25,25,25,{"$f":"SUM('PACC - SNCC.F.053'!$D431:$G431)","v":100},{"v":12,"d":"RD$12.00"},{"v":1200,"d":"RD$1,200.00"},{"v":113800,"d":"RD$113,800.00"},"COMPRA MENOR","VENTA DE SERVICIO"]
["3116 - Ferretería","LAMPARAS LED ","UNIDAD",10,10,10,10,{"$f":"SUM('PACC - SNCC.F.053'!$D432:$G432)","v":40},{"v":2000,"d":"RD$2,000.00"},{"v":80000,"d":"RD$80,000.00"},{"v":742600,"d":"RD$742,600.00"},"COMPRA MENOR","VENTA DE SERVICIO"]
["3116 - Ferretería","CANALETAS PLANA ","UNIDAD",5,5,5,5,{"$f":"SUM('PACC - SNCC.F.053'!$D433:$G433)","v":20},{"v":250,"d":"RD$250.00"},{"v":5000,"d":"RD$5,000.00"},{"v":1256600,"d":"RD$1,256,600.00"},"COMPRA MENOR","VENTA DE SERVICIO"]
["3116 - Ferretería","INTERRUPTOR ","UNIDAD ",5,5,5,5,{"$f":"SUM('PACC - SNCC.F.053'!$D434:$G434)","v":20},{"v":180,"d":"RD$180.00"},{"v":3600,"d":"RD$3,600.00"},{"v":3031800,"d":"RD$3,031,800.00"},"COMPRA MENOR","VENTA DE SERVICIO"]
["3116 - Ferretería","MATERIAL VARIADO PARA PLOMERIA ","UNIDAD ",20,20,20,20,{"$f":"SUM('PACC - SNCC.F.053'!$D435:$G435)","v":80},{"v":300,"d":"RD$300.00"},{"v":24000,"d":"RD$24,000.00"},{"v":3028200,"d":"RD$3,028,200.00"},"COMPRA MENOR","VENTA DE SERVICIO"]
["4110 - Equipo de laboratorio y científico","Set de diagnóstico portátil","Unidad",30,30,30,32,122,{"v":21000,"d":"RD$21,000.00"},{"v":630000,"d":"RD$630,000.00"},{"v":2520000,"d":"RD$2,520,000.00"},"COMPRA MENOR","VENTA DE SERVICIOS",{"$nulls":6},"1011 - Productos de casa para el animal doméstico",null,null,"LICITACIÓN PÚBLICA NACIONAL"]
["4111 - Instrumentos de medida, observación y ensayo","Esfigmomanómetro portátil con brazalete para adulto","Unidad",50,50,50,48,198,{"v":3000,"d":"RD$3,000.00"},{"v":594000,"d":"RD$594,000.00"},{"v":3114000,"d":"RD$3,114,000.00"},"COMPRA MENOR","VENTA DE SERVICIOS",{"$nulls":6},"1012 - Pienso para animales",null,null,"LICITACIÓN RESTRINGIDA"]
["4111 - Instrumentos de medida, observación y ensayo","Esfigmomanómetro de pared para adulto","Unidad",50,50,50,57,207,{"v":8600,"d":"RD$8,600.00"},{"$f":"+H438*I438","v":{"v":1780200,"d":"RD$1,780,200.00"}},{"v":4894200,"d":"RD$4,894,200.00"},"COMPRA MENOR","VENTA DE SERVICIOS"]
["4111 - Instrumentos de medida, observación y ensayo","Esfigmomanometro con brasalete para niño","Unidad",50,50,50,57,{"$f":"SUM('PACC - SNCC.F.053 (3)'!$D439:$G439)","v":0},{"v":2300,"d":"RD$2,300.00"},{"$f":"+H439*I439","v":{"v":0,"d":"RD$0.00"}},{"v":5370300,"d":"RD$5,370,300.00"},"COMPRA DIRECTA","VENTA DE SERVICIOS"]
["4111 - Instrumentos de medida, observación y ensayo","Estetoscopio doble campana","Unidad",40,40,40,35,175,{"v":950,"d":"RD$950.00"},{"v":166250,"d":"RD$166,250.00"},{"v":5536550,"d":"RD$5,536,550.00"},"COMPRA DIRECTA","VENTA DE SERVICIOS",{"$nulls":6},"1013 - Recipientes y hábitat para animales",null,null,"SORTEO DE OBRAS"]
["4111 - Instrumentos de medida, observación y ensayo","Set de Cura","Unidad",40,40,40,28,148,{"v":9500,"d":"RD$9,500.00"},{"$f":"+H441*I441","v":{"v":1406000,"d":"RD$1,406,000.00"}},{"v":6942550,"d":"RD$6,942,550.00"},"COMPRA MENOR","VENTA DE SERVICIOS"]
["5612 - Mobiliario institucional, escolar y educativo y accesorios","Vitrina de Metal para Medicamentos","Unidad",25,25,25,34,109,{"v":27500,"d":"RD$27,500.00"},{"v":2997500,"d":"RD$2,997,500.00"},{"v":9940050,"d":"RD$9,940,050.00"},"COMPRA MENOR","VENTA DE SERVICIOS"]
["5612 - Mobiliario institucional, escolar y educativo y accesorios","Camilla de 3 Posiciones","Unidad",25,25,25,24,99,{"v":104465.4,"d":"RD$104,465.40"},{"v":10342074.6,"d":"RD$10,342,074.60"},{"v":20282124,"d":"RD$20,282,124.00"},"COMPARACIÓN DE PRECIOS","VENTA DE SERVICIOS"]
["4111 - Instrumentos de medida, observación y ensayo","Balanza Pediatrica","Unidad",20,20,20,20,80,{"v":10050,"d":"RD$10,050.00"},{"v":804000,"d":"RD$804,000.00"},{"v":21086124,"d":"RD$21,086,124.00"},"COMPRA MENOR","VENTA DE SERVICIOS"]
["4111 - Instrumentos de medida, observación y ensayo","Ballanza de Adulto","Unidad",25,25,25,20,95,{"v":23010,"d":"RD$23,010.00"},{"v":2185950,"d":"RD$2,185,950.00"},{"v":23272074,"d":"RD$23,272,074.00"},"COMPRA MENOR","VENTA DE SERVICIOS"]
["5612 - Mobiliario institucional, escolar y educativo y accesorios","Lampara Cuello Ganzo","Unidad",25,25,25,39,114,{"v":15104,"d":"RD$15,104.00"},{"v":1721856,"d":"RD$1,721,856.00"},{"v":24993930,"d":"RD$24,993,930.00"},"COMPRA MENOR","VENTA DE SERVICIOS",{"$nulls":6},"1015 - Semillas, bulbos, plántulas y esquejes",null,null,"COMPRA MENOR"]
["4111 - Instrumentos de medida, observación y ensayo","Nebulizador","Unidad",11,11,11,11,44,{"v":2550,"d":"RD$2,550.00"},{"v":112200,"d":"RD$112,200.00"},{"v":25106130,"d":"RD$25,106,130.00"},"COMPRA DIRECTA","VENTA DE SERVICIOS",{"$nulls":6},"1016 - Productos de floricultura y silvicultura",null,null,"COMPRA DIRECTA"]
["5612 - Mobiliario institucional, escolar y educativo y accesorios","Extintores","Unidad",17,17,17,17,68,{"v":2300,"d":"RD$2,300.00"},{"$f":"+H448*I448","v":{"v":156400,"d":"RD$156,400.00"}},{"v":25262530,"d":"RD$25,262,530.00"},"COMPRA DIRECTA","VENTA DE SERVICIOS"]
["4111 - Instrumentos de medida, observación y ensayo","Estetoscopio Pediatrico","Unidad",50,50,50,55,205,{"v":3800,"d":"RD$3,800.00"},{"$f":"+H449*I449","v":{"v":779000,"d":"RD$779,000.00"}},{"v":29081000,"d":"RD$29,081,000.00"},"COMPRA MENOR","VENTA DE SERVICIOS"]
["5612 - Mobiliario institucional, escolar y educativo y accesorios","Esterilizador de Equipos (Autoclaves)","Unidad",6,6,6,6,24,{"v":75000,"d":"RD$75,000.00"},{"$f":"+H450*I450","v":{"v":1800000,"d":"RD$1,800,000.00"}},{"v":30881000,"d":"RD$30,881,000.00"},"COMPRA MENOR","VENTA DE SERVICIOS"]
["4713 - Suministros de limpieza","Material Gastable de Limpieza","Unidad",1,1,1,1,4,{"v":800000,"d":"RD$800,000.00"},{"$f":"+H451*I451","v":{"v":3200000,"d":"RD$3,200,000.00"}},{"v":34081000,"d":"RD$34,081,000.00"},"COMPRA MENOR","VENTA DE SERVICIOS",{"$nulls":6},"1019 - Productos para el control de plagas y malas hierbas "]

{"sheet":"PACC - SNCC.F.053 (3)","index":1,"n_rows":356,"n_cols":23,"rows_kept":356,"merged":[[2,0,4,0],[5,0,5,14],[6,0,6,1],[8,3,8,6]]}
[]
["SNCC.F.053",{"$nulls":12},"Fecha de Revisión","2012-12-04"]
[{"$nulls":13},"Fecha de Aprobación","2012-12-05"]
[{"$nulls":13},"Versión",1]
[{"$nulls":13},"No. de Páginas",10]
["NOMBRE DE LA ENTIDAD: SERVICIO REGIONAL DE SALUD NORCENTRAL II"]
["PLAN ANUAL DE COMPRAS Y CONTRATACIONES AÑO 2020"]
[]
[{"$nulls":3},"FECHA DE NECESIDAD"]
["CÓDIGO DEL CATÁLOGO DE BIENES Y SERVICIOS (CBS) ","DESCRIPCIÓN DE LA COMPRA O CONTRATACIÓN","UNIDAD DE MEDIDA","PRIMER TRIMESTRE","SEGUNDO TRIMESTRE","TERCER TRIMESTRE","CUARTO TRIMESTRE","CANTIDAD TOTAL","PRECIO UNITARIO ESTIMADO","COSTO TOTAL UNITARIO ESTIMADO","COSTO TOTAL POR CÓDIGO DE CATÁLOGO DE BIENES Y SERVICIOS (CBS)"," PROCEDIMIENTO DE SELECCIÓN ","FUENTE DE FINANCIAMIENTO","VALOR ADQUIRIDO","OBSERVACIÓN"]
["4110 - Equipo de laboratorio y científico","Set de diagnóstico portátil","Unidad",30,30,30,32,122,{"v":21000,"d":"RD$21,000.00"},{"v":630000,"d":"RD$630,000.00"},{"v":2520000,"d":"RD$2,520,000.00"},"COMPRA MENOR","VENTA DE SERVICIOS",{"$nulls":6},"1011 - Productos de casa para el animal doméstico",null,null,"LICITACIÓN PÚBLICA NACIONAL"]
["4111 - Instrumentos de medida, observación y ensayo","Esfigmomanómetro portátil con brazalete para adulto","Unidad",50,50,50,48,198,{"v":3000,"d":"RD$3,000.00"},{"v":594000,"d":"RD$594,000.00"},{"v":3114000,"d":"RD$3,114,000.00"},"COMPRA MENOR","VENTA DE SERVICIOS",{"$nulls":6},"1012 - Pienso para animales",null,null,"LICITACIÓN RESTRINGIDA"]
["4111 - Instrumentos de medida, observación y ensayo","Esfigmomanómetro de pared para adulto","Unidad",50,50,50,57,207,{"v":8600,"d":"RD$8,600.00"},{"$f":"+H13*I13","v":{"v":1780200,"d":"RD$1,780,200.00"}},{"v":4894200,"d":"RD$4,894,200.00"},"COMPRA MENOR","VENTA DE SERVICIOS"]
["4111 - Instrumentos de medida, observación y ensayo","Esfigmomanometro con brasalete para niño","Unidad",50,50,50,57,{"$f":"SUM('PACC - SNCC.F.053 (3)'!$D14:$G14)","v":207},{"v":2300,"d":"RD$2,300.00"},{"$f":"+H14*I14","v":{"v":476100,"d":"RD$476,100.00"}},{"v":5370300,"d":"RD$5,370,300.00"},"COMPRA DIRECTA","VENTA DE SERVICIOS"]
["4111 - Instrumentos de medida, observación y ensayo","Estetoscopio doble campana","Unidad",40,40,40,35,175,{"v":950,"d":"RD$950.00"},{"v":166250,"d":"RD$166,250.00"},{"v":5536550,"d":"RD$5,536,550.00"},"COMPRA DIRECTA","VENTA DE SERVICIOS",{"$nulls":6},"1013 - Recipientes y hábitat para animales",null,null,"SORTEO DE OBRAS"]
["4111 - Instrumentos de medida, observación y ensayo","Set de Cura","Unidad",40,40,40,28,148,{"v":9500,"d":"RD$9,500.00"},{"$f":"+H16*I16","v":{"v":1406000,"d":"RD$1,406,000.00"}},{"v":6942550,"d":"RD$6,942,550.00"},"COMPRA MENOR","VENTA DE SERVICIOS"]
["5612 - Mobiliario institucional, escolar y educativo y accesorios","Vitrina de Metal para Medicamentos","Unidad",25,25,25,34,109,{"v":27500,"d":"RD$27,500.00"},{"v":2997500,"d":"RD$2,997,500.00"},{"v":9940050,"d":"RD$9,940,050.00"},"COMPRA MENOR","VENTA DE SERVICIOS"]
["5612 - Mobiliario institucional, escolar y educativo y accesorios","Camilla de 3 Posiciones","Unidad",25,25,25,24,99,{"v":104465.4,"d":"RD$104,465.40"},{"v":10342074.6,"d":"RD$10,342,074.60"},{"v":20282124,"d":"RD$20,282,124.00"},"COMPARACIÓN DE PRECIOS","VENTA DE SERVICIOS"]
["4111 - Instrumentos de medida, observación y ensayo","Balanza Pediatrica","Unidad",20,20,20,20,80,{"v":10050,"d":"RD$10,050.00"},{"v":804000,"d":"RD$804,000.00"},{"v":21086124,"d":"RD$21,086,124.00"},"COMPRA MENOR","VENTA DE SERVICIOS"]
["4111 - Instrumentos de medida, observación y ensayo","Ballanza de Adulto","Unidad",25,25,25,20,95,{"v":23010,"d":"RD$23,010.00"},{"v":2185950,"d":"RD$2,185,950.00"},{"v":23272074,"d":"RD$23,272,074.00"},"COMPRA MENOR","VENTA DE SERVICIOS"]
["5612 - Mobiliario institucional, escolar y educativo y accesorios","Lampara Cuello Ganzo","Unidad",25,25,25,39,114,{"v":15104,"d":"RD$15,104.00"},{"v":1721856,"d":"RD$1,721,856.00"},{"v":24993930,"d":"RD$24,993,930.00"},"COMPRA MENOR","VENTA DE SERVICIOS",{"$nulls":6},"1015 - Semillas, bulbos, plántulas y esquejes",null,null,"COMPRA MENOR"]
["4111 - Instrumentos de medida, observación y ensayo","Nebulizador","Unidad",11,11,11,11,44,{"v":2550,"d":"RD$2,550.00"},{"v":112200,"d":"RD$112,200.00"},{"v":25106130,"d":"RD$25,106,130.00"},"COMPRA DIRECTA","VENTA DE SERVICIOS",{"$nulls":6},"1016 - Productos de floricultura y silvicultura",null,null,"COMPRA DIRECTA"]
["5612 - Mobiliario institucional, escolar y educativo y accesorios","Extintores","Unidad",17,17,17,17,68,{"v":2300,"d":"RD$2,300.00"},{"$f":"+H23*I23","v":{"v":156400,"d":"RD$156,400.00"}},{"v":25262530,"d":"RD$25,262,530.00"},"COMPRA DIRECTA","VENTA DE SERVICIOS"]
["4111 - Instrumentos de medida, observación y ensayo","Estetoscopio Pediatrico","Unidad",50,50,50,55,205,{"v":3800,"d":"RD$3,800.00"},{"$f":"+H24*I24","v":{"v":779000,"d":"RD$779,000.00"}},{"v":29081000,"d":"RD$29,081,000.00"},"COMPRA MENOR","VENTA DE SERVICIOS"]
["5612 - Mobiliario institucional, escolar y educativo y accesorios","Esterilizador de Equipos (Autoclaves)","Unidad",6,6,6,6,24,{"v":75000,"d":"RD$75,000.00"},{"$f":"+H25*I25","v":{"v":1800000,"d":"RD$1,800,000.00"}},{"v":30881000,"d":"RD$30,881,000.00"},"COMPRA MENOR","VENTA DE SERVICIOS"]
["4713 - Suministros de limpieza","Material Gastable de Limpieza","Unidad",1,1,1,1,4,{"v":800000,"d":"RD$800,000.00"},{"$f":"+Tabla13[[#This Row],[CANTIDAD TOTAL]]*Tabla13[[#This Row],[PRECIO UNITARIO ESTIMADO]]","v":{"v":3200000,"d":"RD$3,200,000.00"}},{"v":34081000,"d":"RD$34,081,000.00"},"COMPRA MENOR","VENTA DE SERVICIOS",{"$nulls":6},"1019 - Productos para el control de plagas y malas hierbas "]
["8212 -  Servicios de reproducción","Impresos","Unidad",3,3,3,3,{"$f":"SUM('PACC - SNCC.F.053 (3)'!$D27:$G27)","v":12},{"v":500000,"d":"RD$500,000.00"},{"$f":"+H27*I27","v":{"v":6000000,"d":"RD$6,000,000.00"}},{"v":40081000,"d":"RD$40,081,000.00"},"COMPRA MENOR","VENTA DE SERVICIOS"]
["3020 - Estructuras prefabricadas","Refrigerios y Almuerzos","Unidad",1,1,1,1,{"$f":"SUM('PACC - SNCC.F.053 (3)'!$D28:$G28)","v":4},{"v":750000,"d":"RD$750,000.00"},{"v":3000000,"d":"RD$3,000,000.00"},{"v":43081000,"d":"RD$43,081,000.00"},"COMPRA MENOR","VENTA DE SERVICIOS"]
["1411 - Productos de papel","Material gastable de oficina","Unidad",1,1,1,1,{"$f":"SUM('PACC - SNCC.F.053 (3)'!$D29:$G29)","v":4},{"v":300000,"d":"RD$300,000.00"},{"v":1200000,"d":"RD$1,200,000.00"},{"v":44281000,"d":"RD$44,281,000.00"},"COMPRA MENOR","VENTA DE SERVICIOS"]
["5121 - Categorías de medicamentos varios","Medicamentos","Unidad",1,1,1,1,{"$f":"SUM('PACC - SNCC.F.053 (3)'!$D30:$G30)","v":4},{"v":2000000,"d":"RD$2,000,000.00"},{"v":8000000,"d":"RD$8,000,000.00"},{"v":52281000,"d":"RD$52,281,000.00"},"COMPRA MENOR","VENTA DE SERVICIOS"]
["4112 - Suministros y accesorios de laboratorio","Productos Quimicos de Laboratorio","Unidad",1,1,1,1,{"$f":"SUM('PACC - SNCC.F.053 (3)'!$D31:$G31)","v":4},{"v":2000000,"d":"RD$2,000,000.00"},{"v":8000000,"d":"RD$8,000,000.00"},{"v":60281000,"d":"RD$60,281,000.00"},"COMPRA MENOR"]
["1510 - Combustibles","Combustible (Gasoil, Gasolina y Gas Propano)","Unidad",4,4,4,4,{"$f":"SUM('PACC - SNCC.F.053 (3)'!$D32:$G32)","v":16},{"v":3000000,"d":"RD$3,000,000.00"},{"v":48000000,"d":"RD$48,000,000.00"},{"v":98281000,"d":"RD$98,281,000.00"},"COMPRA MENOR","VENTA DE SERVICIOS"]
["2510 - Vehículos de motor","Mantenimiento de Vehículos","Unidad",1,1,1,1,4,{"v":500000,"d":"RD$500,000.00"},{"$f":"+H33*I33","v":{"v":2000000,"d":"RD$2,000,000.00"}},{"v":100281000,"d":"RD$100,281,000.00"},"COMPRA DIRECTA","VENTA DE SERVICIOS",{"$nulls":6},"1112 - Productos no comestibles de planta y silvicultura"]
["5612 - Mobiliario institucional, escolar y educativo y accesorios","Armario para Medicamentos","Unidad",10,10,10,10,40,{"v":42500,"d":"RD$42,500.00"},{"$f":"+H34*I34","v":{"v":1700000,"d":"RD$1,700,000.00"}},{"v":101981000,"d":"RD$101,981,000.00"},"COMPRA MENOR","VENTA DE SERVICIOS",{"$nulls":6},"1112 - Productos no comestibles de planta y silvicultura"]
["5612 - Mobiliario institucional, escolar y educativo y accesorios","Bancada de Metal","Unidad",10,10,10,10,40,{"v":10000,"d":"RD$10,000.00"},{"v":400000,"d":"RD$400,000.00"},{"v":102381000,"d":"RD$102,381,000.00"},"COMPRA DIRECTA","VENTA DE SERVICIOS",{"$nulls":6},"1112 - Productos no comestibles de planta y silvicultura"]
["5612 - Mobiliario institucional, escolar y educativo y accesorios","Sillon Ejecutivo","Unidad",5,5,5,15,30,{"v":9000,"d":"RD$9,000.00"},{"v":270000,"d":"RD$270,000.00"},{"v":102651000,"d":"RD$102,651,000.00"},"COMPRA DIRECTA","VENTA DE SERVICIOS",{"$nulls":6},"1112 - Productos no comestibles de planta y silvicultura"]
["5612 - Mobiliario institucional, escolar y educativo y accesorios","Sillas Secretariales","Unidad",5,5,5,5,20,{"v":4000,"d":"RD$4,000.00"},{"v":80000,"d":"RD$80,000.00"},{"v":102731000,"d":"RD$102,731,000.00"},"COMPRA DIRECTA","VENTA DE SERVICIOS",{"$nulls":6},"1112 - Productos no comestibles de planta y silvicultura"]
["5612 - Mobiliario institucional, escolar y educativo y accesorios","Escritorios","Unidad",5,5,5,5,20,{"v":10000,"d":"RD$10,000.00"},{"v":200000,"d":"RD$200,000.00"},{"v":102931000,"d":"RD$102,931,000.00"},"COMPRA DIRECTA","VENTA DE SERVICIOS",{"$nulls":6},"1112 - Productos no comestibles de planta y silvicultura"]
["5612 - Mobiliario institucional, escolar y educativo y accesorios","Archivos de Metal de 4 Gabetas","Unidad",8,8,8,6,30,{"v":8500,"d":"RD$8,500.00"},{"v":255000,"d":"RD$255,000.00"},{"v":103186000,"d":"RD$103,186,000.00"},"COMPRA DIRECTA","VENTA DE SERVICIOS",{"$nulls":6},"1112 - Productos no comestibles de planta y silvicultura"]
["5612 - Mobiliario institucional, escolar y educativo y accesorios","Archivos de Metal de 2 Gabetas","Unidad",8,8,8,6,30,{"v":5500,"d":"RD$5,500.00"},{"v":165000,"d":"RD$165,000.00"},{"v":103351000,"d":"RD$103,351,000.00"},"COMPRA DIRECTA","VENTA DE SERVICIOS",{"$nulls":6},"1112 - Productos no comestibles de planta y silvicultura"]
["5612 - Mobiliario institucional, escolar y educativo y accesorios","Sillas de Visitas","Unidad",10,10,10,10,40,{"v":1400,"d":"RD$1,400.00"},{"v":56000,"d":"RD$56,000.00"},{"v":103407000,"d":"RD$103,407,000.00"},"COMPRA DIRECTA","VENTA DE SERVICIOS",{"$nulls":6},"1112 - Productos no comestibles de planta y silvicultura"]
["5612 - Mobiliario institucional, escolar y educativo y accesorios","Mampara","Unidad",10,10,10,10,40,{"v":6000,"d":"RD$6,000.00"},{"v":240000,"d":"RD$240,000.00"},{"v":103647000,"d":"RD$103,647,000.00"},"COMPRA DIRECTA","VENTA DE SERVICIOS",{"$nulls":6},"1112 - Productos no comestibles de planta y silvicultura"]
["5612 - Mobiliario institucional, escolar y educativo y accesorios","Nevera Biologica","Unidad",5,5,5,5,20,{"v":130000,"d":"RD$130,000.00"},{"$f":"+H43*I43","v":{"v":2600000,"d":"RD$2,600,000.00"}},{"v":106247000,"d":"RD$106,247,000.00"},"COMPRA MENOR","VENTA DE SERVICIOS",{"$nulls":6},"1112 - Productos no comestibles de planta y silvicultura"]
["5612 - Mobiliario institucional, escolar y educativo y accesorios","Nevera Domestica","Unidad",5,5,5,5,20,{"v":30000,"d":"RD$30,000.00"},{"$f":"+H44*I44","v":{"v":600000,"d":"RD$600,000.00"}},{"v":106847000,"d":"RD$106,847,000.00"},"COMPRA MENOR","VENTA DE SERVICIOS"]
["5612 - Mobiliario institucional, escolar y educativo y accesorios","Estufa con Hornos","Unidad",5,5,5,5,20,{"v":12000,"d":"RD$12,000.00"},{"$f":"+H45*I45","v":{"v":240000,"d":"RD$240,000.00"}},{"v":107087000,"d":"RD$107,087,000.00"},"COMPRA DIRECTA","VENTA DE SERVICIOS"]
["2510 - Vehículos de motor","Vehiculos","Unidad",0,1,1,0,2,{"v":2000000,"d":"RD$2,000,000.00"},{"$f":"+H46*I46","v":{"v":4000000,"d":"RD$4,000,000.00"}},{"v":111087000,"d":"RD$111,087,000.00"},"COMPRA MENOR","VENTA DE SERVICIOS"]
[]
[{"$nulls":19},"1512 - Lubricantes, aceites, grasas y anticorrosivos"]
[{"$nulls":9},"TOTAL",{"v":111087000,"d":"RD$111,087,000.00"},{"$nulls":8},"1513 - Combustible para reactores nucleares"]
[{"$nulls":19},"2010 - Maquinaria y equipo de minería y explotación de canteras"]
[{"$nulls":19},"2011 - Equipo de perforación y explotación de pozos"]
[{"$nulls":19},"2012 - Equipo para perforación y exploración para petróleo"]
[{"$nulls":19},"2013 - Materiales para operaciones y perforación de petróleo y gas"]
[{"$nulls":19},"2014 - Equipo de producción y operación de gas y petróleo"]
[{"$nulls":19},"2110 - Maquinaria y equipo para agricultura, silvicultura y paisaje"]
[{"$nulls":19},"2111 - Equipo de pesca y acuicultura"]
[{"$nulls":19},"2210 - Maquinaria y equipo pesado de construcción"]
[{"$nulls":19},"2310 - Maquinaria para la transformación de materias primas"]
[{"$nulls":19},"2311 - Maquinaria para transformación de petróleo"]
[{"$nulls":19},"2312 - Maquinaria y accesorios de textiles y tejidos"]
[{"$nulls":19},"2313 - Maquinaria y equipos lapidarios"]
[{"$nulls":19},"2314 - Maquinaria de reparación y accesorios para trabajar cuero"]
[{"$nulls":19},"2315 - Maquinaria, equipo y suministros de procesos industriales"]
[{"$nulls":19},"2316 - Máquinas, equipo y suministros para fundición"]
[{"$nulls":19},"2317 - Maquinaria, equipo y suministros para talleres"]
[{"$nulls":19},"2318 - Equipo industrial para alimentos y bebidas"]
[{"$nulls":19},"2319 - Mezcladores y sus partes y accesorios"]
[{"$nulls":19},"2320 - Equipamiento par transferencia de masa"]
[{"$nulls":19},"2321 - Maquinaria de fabricación electrónica, equipo y accesorios"]
[{"$nulls":19},"2322 - Equipo y maquinaria de procesamiento de pollos"]
[{"$nulls":19},"2323 - Equipo y maquinaria de procesamiento de madera y aserrado"]
[{"$nulls":19},"2410 - Maquinaria y equipo para manejo de materiales"]
[{"$nulls":19},"2411 - Recipientes y almacenamiento"]
[{"$nulls":19},"2412 - Materiales de envasado"]
[{"$nulls":19},"2413 - Refrigeración industrial"]
[{"$nulls":19},"2414 - Suministros de embalaje"]
[{"$nulls":19},"2510 - Vehículos de motor"]
[{"$nulls":19},"2511 - Transporte marítimo"]
[{"$nulls":19},"2512 - Maquinaria y equipo para ferrocarril y tranvías"]
[{"$nulls":19},"2513 - Aeronaves"]
[{"$nulls":19},"2515 - Cosmonaves"]
[{"$nulls":19},"2516 - Bicicletas no motorizadas"]
[{"$nulls":19},"2517 - Componentes y sistemas de transporte"]
[{"$nulls":19},"2518 - Carrocerías y remolques  "]
[{"$nulls":19},"2519 - Equipo para servicios de transporte"]
[{"$nulls":19},"2520 - Sistemas aeroespaciales y componentes y equipo"]
[{"$nulls":19},"2610 - Fuentes de energía"]
[{"$nulls":19},"2611 - Transmisión de baterías, generadores y energía cinética"]
[{"$nulls":19},"2612 - Alambres, cables o arneses"]
[{"$nulls":19},"2613 - Generación de energía"]
[{"$nulls":19},"2614 - Maquinaria y equipo para energía atómica o nuclear"]
[{"$nulls":19},"2711 - Herramientas de mano"]
[{"$nulls":19},"2712 - Maquinaria y equipo hidráulico"]
[{"$nulls":19},"2713 - Maquinaria y equipo neumático"]
[{"$nulls":19},"2714 - Herramientas especializadas de automoción"]
[{"$nulls":19},"3010 - Materiales estructurales: formas básicas"]
[{"$nulls":19},"3011 - Hormigón, cemento y yeso"]
[{"$nulls":19},"3012 - Carreteras y paisaje"]
[{"$nulls":19},"3013 - Productos de construcción estructurales"]
[{"$nulls":19},"3014 - Aislamiento"]
[{"$nulls":19},"3015 - Materiales para acabado de exteriores"]
[{"$nulls":19},"3016 - Materiales de acabado de interiores"]
[{"$nulls":19},"3017 - Puertas y ventanas y vidrio"]
[{"$nulls":19},"3018 - Instalaciones de baño"]
[{"$nulls":19},"3019 - Equipo de apoyo para Construcción y Mantenimiento"]
[{"$nulls":19},"3020 - Estructuras prefabricadas"]
[{"$nulls":19},"3022 - Estructuras Permanentes"]
[{"$nulls":19},"3110 - Piezas de fundición"]
[{"$nulls":19},"3111 - Extrusiones"]
[{"$nulls":19},"3112 - Piezas fundidas mecanizadas"]
[{"$nulls":19},"3113 - Forjaduras"]
[{"$nulls":19},"3114 - Molduras"]
[{"$nulls":19},"3115 - Cuerda y cadena y cable y alambre y correa"]
[{"$nulls":19},"3116 - Ferretería"]
[{"$nulls":19},"3117 - Cojinetes, casquillos, ruedas y engranajes"]
[{"$nulls":19},"3118 - Juntas obturadoras y sellos"]
[{"$nulls":19},"3119 - Materiales de molduración, pulido y alisado"]
[{"$nulls":19},"3120 - Adhesivos y selladores"]
[{"$nulls":19},"3121 - Pinturas y tapa poros y acabados"]
[{"$nulls":19},"3122 - Extractos de teñir y de curtir"]
[{"$nulls":19},"3123 - Materia prima en placas o barras labradas"]
[{"$nulls":19},"3124 - Óptica industrial"]
[{"$nulls":19},"3125 - Sistemas de control neumático, hidráulico o eléctrico"]
[{"$nulls":19},"3126 - Cubiertas, cajas y envolturas"]
[{"$nulls":19},"3127 - Piezas hechas a máquina"]
[{"$nulls":19},"3128 - Componentes de placa y estampados"]
[{"$nulls":19},"3129 - Estiramientos por presión labrados"]
[{"$nulls":19},"3130 - Forjas labradas"]
[{"$nulls":19},"3131 - Conjuntos de tubería fabricada"]
[{"$nulls":19},"3132 - Conjuntos fabricados de material en barras"]
[{"$nulls":19},"3133 - Conjuntos estructurales fabricados"]
[{"$nulls":19},"3134 - Conjuntos de placa fabricado"]
[{"$nulls":19},"3135 - Conjuntos de tubería fabricada"]
[{"$nulls":19},"3136 - Conjuntos de placa fabricados"]
[{"$nulls":19},"3137 - Refractarios"]
[{"$nulls":19},"3138 - Imanes y materiales magnéticos"]
[{"$nulls":19},"3210 - Circuitos impresos, circuitos integrados y micro ensamblajes"]
[{"$nulls":19},"3211 - Dispositivo semiconductor discreto"]
[{"$nulls":19},"3212 - Componentes pasivos discretos"]
[{"$nulls":19},"3213 - Piezas de componentes y hardware electrónicos y accesorios"]
[{"$nulls":19},"3214 - Dispositivos de tubo electrónico y accesorios"]
[{"$nulls":19},"3910 - Lámparas y bombillas y componentes para lámparas"]
[{"$nulls":19},"3911 - Iluminación, artefactos y accesorios"]
[{"$nulls":19},"3912 - Equipos, suministros y componentes eléctricos"]
[{"$nulls":19},"4010 - Calefacción, ventilación y circulación del aire"]
[{"$nulls":19},"4014 - Distribución de fluidos y gas"]
[{"$nulls":19},"4015 - Bombas y compresores industriales"]
[{"$nulls":19},"4016 - Filtrado y purificación industrial"]
[{"$nulls":19},"4110 - Equipo de laboratorio y científico"]
[{"$nulls":19},"4111 - Instrumentos de medida, observación y ensayo"]
[{"$nulls":19},"4112 - Suministros y accesorios de laboratorio"]
[{"$nulls":19},"4212 - Equipos y suministros veterinarios"]
[{"$nulls":19},"4213 - Telas y vestidos médicos"]
[{"$nulls":19},"4214 - Suministros y productos de tratamiento y cuidado del enfermo"]
[{"$nulls":19},"4225 - Productos de rehabilitación y terapia ocupacional y física"]
[{"$nulls":19},"4226 - Equipo y suministros post mortem y funerarios"]
[{"$nulls":19},"4227 - Productos de resucitación y anestesia y respiratorio"]
[{"$nulls":19},"4228 - Productos para la esterilización médica"]
[{"$nulls":19},"4229 - Productos quirúrgicos"]
[{"$nulls":19},"4230 - Suministros para formación y estudios de medicina"]
[{"$nulls":19},"4231 - Productos para el cuidado de heridas"]
[{"$nulls":19},"4319 - Dispositivos de comunicaciones y accesorios"]
[{"$nulls":19},"4320 - Componentes para tecnología de la información, difusión o telecomunicaciones"]
[{"$nulls":19},"4321 - Equipo informático y accesorios"]
[{"$nulls":19},"4322 - Datos-voz, equipo de red multimedia, plataformas y accesorios"]
[{"$nulls":19},"4323 - Software"]
[{"$nulls":19},"4410 - Maquinaria, suministros y accesorios de oficina"]
[{"$nulls":19},"4411 - Accesorios de oficina y escritorio"]
[{"$nulls":19},"4412 - Suministros de oficina"]
[{"$nulls":19},"4510 - Equipo de imprenta y publicación"]
[{"$nulls":19},"4511 - Equipos de audio y video para presentación y composición"]
[{"$nulls":19},"4512 - Equipo de vídeo, filmación o fotografía"]
[{"$nulls":19},"4513 - Medios fotográficos y de grabación"]
[{"$nulls":19},"4514 - Suministros fotográficos para cine"]
[{"$nulls":19},"4610 - Armas ligeras y munición"]
[{"$nulls":19},"4611 - Armas de guerra convencionales"]
[{"$nulls":19},"4612 - Misiles"]
[{"$nulls":19},"4613 - Cohetes y subsistemas"]
[{"$nulls":19},"4614 - Lanzadores"]
[{"$nulls":19},"4615 - Orden Público"]
[{"$nulls":19},"4616 - Seguridad y control público"]
[{"$nulls":19},"4617 - Seguridad, vigilancia y detección"]
[{"$nulls":19},"4618 - Seguridad y protección personal"]
[{"$nulls":19},"4619 - Protección contra incendios"]
[{"$nulls":19},"4710 - Tratamiento, suministros y eliminación de agua y aguas residuales"]
[{"$nulls":19},"4711 - Equipo industrial de lavandería y limpieza en seco"]
[{"$nulls":19},"4712 - Equipo de limpieza"]
[{"$nulls":19},"4713 - Suministros de limpieza"]
[{"$nulls":19},"4810 - Equipos de servicios de alimentación para instituciones"]
[{"$nulls":19},"4811 - Máquinas expendedoras"]
[{"$nulls":19},"4812 - Equipo de Juego o de Apostar"]
[{"$nulls":19},"4910 - Coleccionables y condecoraciones"]
[{"$nulls":19},"4912 - Equipos y accesorios para acampada y exterior"]
[{"$nulls":19},"4913 - Equipos de pesca y caza"]
[{"$nulls":19},"4914 - Equipos para deportes acuáticos"]
[{"$nulls":19},"4915 - Equipos para deportes de invierno"]
[{"$nulls":19},"4916 - Equipos deportivos para campos y canchas"]
[{"$nulls":19},"4917 - Equipos de gimnasia y boxeo"]
[{"$nulls":19},"4918 - Juegos y equipo de tiro y mesa"]
[{"$nulls":19},"4920 - Equipo para entrenamiento físico"]
[{"$nulls":19},"4921 - Otros deportes"]
[{"$nulls":19},"4922 - Equipo de deporte y accesorios"]
[{"$nulls":19},"4924 - Equipo de recreo y parques infantiles y equipo y suministros de natación y de spa"]
[{"$nulls":19},"5010 - Frutas, verduras y frutos secos"]
[{"$nulls":19},"5011 - Productos de carne y aves de corral"]
[{"$nulls":19},"5012 - Pescados y mariscos"]
[{"$nulls":19},"5013 - Productos lácteos y huevos"]
[{"$nulls":19},"5015 - Aceites y grasas comestibles"]
[{"$nulls":19},"5016 - Chocolates, azúcares, edulcorantes y productos de confitería"]
[{"$nulls":19},"5017 - Condimentos y conservantes"]
[{"$nulls":19},"5018 - Productos de panadería"]
[{"$nulls":19},"5019 - Alimentos preparados y conservados"]
[{"$nulls":19},"5020 - Bebidas"]
[{"$nulls":19},"5021 - Tabaco y productos de fumar y substitutos"]
[{"$nulls":19},"5022 - Productos de Cereales y Legumbres"]
[{"$nulls":19},"5110 - Medicamentos antiinfecciosos"]
[{"$nulls":19},"5111 - Agentes antitumorales"]
[{"$nulls":19},"5112 - Medicamentos cardiovasculares"]
[{"$nulls":19},"5113 - Medicamentos hematólicos"]
[{"$nulls":19},"5114 - Medicamentos para el sistema nervioso central"]
[{"$nulls":19},"5115 - Medicamentos para el sistema nervioso autónomo"]
[{"$nulls":19},"5116 - Medicamentos que afectan al tracto respiratorio"]
[{"$nulls":19},"5117 - Medicamentos que afectan al sistema gastrointestinal"]
[{"$nulls":19},"5118 - Hormonas y antagonistas hormonales"]
[{"$nulls":19},"5119 - Agentes que afectan el agua y los electrolitos"]
[{"$nulls":19},"5120 - Medicamentos inmunomoduladores"]
[{"$nulls":19},"5121 - Categorías de medicamentos varios"]
[{"$nulls":19},"5124 - Fármacos que afectan a los oídos, los ojos, la nariz y la piel"]
[{"$nulls":19},"5125 - Suplementos alimenticios veterinarios"]
[{"$nulls":19},"5210 - Revestimientos de suelos"]
[{"$nulls":19},"5212 - Ropa de cama, mantelerías, paños de cocina y toallas"]
[{"$nulls":19},"5213 - Tratamientos de ventanas"]
[{"$nulls":19},"5214 - Aparatos electrodomésticos"]
[{"$nulls":19},"5215 - Utensilios de cocina domésticos"]
[{"$nulls":19},"5216 - Electrónica de consumo"]
[{"$nulls":19},"5217 - Tratamientos de pared doméstica"]
[{"$nulls":19},"5310 - Ropa"]
[{"$nulls":19},"5311 - Calzado"]
[{"$nulls":19},"5312 - Maletas, bolsos de mano, mochilas y estuches"]
[{"$nulls":19},"5313 - Artículos de tocador"]
[{"$nulls":19},"5314 - Fuentes y accesorios de costura"]
[{"$nulls":19},"5410 - Joyería"]
[{"$nulls":19},"5411 - Relojes"]
[{"$nulls":19},"5412 - Gemas"]
[{"$nulls":19},"5510 - Medios impresos"]
[{"$nulls":19},"5511 - Material electrónico de referencia"]
[{"$nulls":19},"5512 - Etiquetado y accesorios"]
[{"$nulls":19},"5610 - Muebles de alojamiento"]
[{"$nulls":19},"5611 - Muebles comerciales e industriales"]
[{"$nulls":19},"5612 - Mobiliario institucional, escolar y educativo y accesorios"]
[{"$nulls":19},"6010 - Materiales didácticos profesionales y de desarrollo y accesorios y suministros"]
[{"$nulls":19},"6011 - Decoraciones y suministros del aula"]
[{"$nulls":19},"6012 - Equipo de arte y manualidades, accesorios y suministros"]
[{"$nulls":19},"6013 - Instrumentos musicales, piezas y accesorios"]
[{"$nulls":19},"6014 - Juguetes y juegos"]
[{"$nulls":19},"7010 - Pesquerías y acuicultura"]
[{"$nulls":19},"7011 - Horticultura"]
[{"$nulls":19},"7012 - Servicios de ganadería"]
[{"$nulls":19},"7013 - Preparación, gestión y protección del terreno y del suelo"]
[{"$nulls":19},"70140000 Producción, gestión y protección de cultivos"]
[{"$nulls":19},"7015 - Cultivos forestales"]
[{"$nulls":19},"7016 - Fauna y flora"]
[{"$nulls":19},"7017 - Desarrollo y vigilancia de recursos hidráulicos"]
[{"$nulls":19},"7110 - Servicios de minería"]
[{"$nulls":19},"7111 - Servicios de perforación y prospección petrolífera y de gas"]
[{"$nulls":19},"7112 - Servicios de mantenimiento y construcción de perforación de pozos"]
[{"$nulls":19},"7113 - Servicios de aumento de la extracción producción de gas y petróleo"]
[{"$nulls":19},"7114 - Servicios de restauración y recuperación de gas y aceite"]
[{"$nulls":19},"7115 - Servicios de procesar y gestión de datos del aceite y gas"]
[{"$nulls":19},"7116 - Servicios de gerencia del proyecto de aceite y gas del pozo"]
[{"$nulls":19},"7210 - Construcción de edificios, atención, mantenimiento y servicios de reparaciones"]
[{"$nulls":19},"7213 - Construcción general de edificios"]
[{"$nulls":19},"7310 - Industrias de plásticos y productos químicos"]
[{"$nulls":19},"7311 - Industrias de la madera y el papel"]
[{"$nulls":19},"7312 - Industrias del metal y de minerales"]
[{"$nulls":19},"7313 - Industrias de alimentos y bebidas"]
[{"$nulls":19},"7314 - Industrias de fibras, textiles y de tejidos"]
[{"$nulls":19},"7315 - Servicios de apoyo a la fabricación"]
[{"$nulls":19},"7316 - Fabricación de maquinaria y equipo de transporte"]
[{"$nulls":19},"7317 - Fabricación de productos eléctricos e instrumentos de precisión"]
[{"$nulls":19},"7318 - Servicios de labrado y procesado"]
[{"$nulls":19},"7610 - Servicios de descontaminación"]
[{"$nulls":19},"7611 - Servicios de limpieza y de consejería"]
[{"$nulls":19},"7612 - Eliminación y tratamiento de desechos"]
[{"$nulls":19},"7613 - Limpieza de residuos tóxicos y peligrosos"]
[{"$nulls":19},"7710 - Gestión medioambiental"]
[{"$nulls":19},"7711 - Protección medioambiental"]
[{"$nulls":19},"7712 - Seguimiento, control y rehabilitación de la contaminación"]
[{"$nulls":19},"7713 - Servicios de seguimiento, control o rehabilitación de contaminantes"]
[{"$nulls":19},"7810 - Transporte de correo y carga"]
[{"$nulls":19},"7811 - Transporte de pasajeros"]
[{"$nulls":19},"7812 - Manejo y embalaje de material"]
[{"$nulls":19},"7813 - Almacenaje"]
[{"$nulls":19},"7814 - Operaciones de transporte"]
[{"$nulls":19},"7818 - Servicios de mantenimiento o reparaciones de transportes"]
[{"$nulls":19},"8010 - Servicios de asesoría de gestión"]
[{"$nulls":19},"8011 - Servicios de recursos humanos"]
[{"$nulls":19},"8012 - Servicios legales"]
[{"$nulls":19},"8013 - Servicios inmobiliarios"]
[{"$nulls":19},"8014 - Comercialización y distribución"]
[{"$nulls":19},"8015 - Política comercial y servicios"]
[{"$nulls":19},"8016 - Servicios de administración de empresas"]
[{"$nulls":19},"8110 - Servicios profesionales de ingeniería"]
[{"$nulls":19},"8111 - Servicios informáticos"]
[{"$nulls":19},"8112 - Economía"]
[{"$nulls":19},"8113 - Estadística"]
[{"$nulls":19},"8114 - Tecnologías de fabricación"]
[{"$nulls":19},"8115 - Servicios de pedología"]
[{"$nulls":19},"8210 - Publicidad"]
[{"$nulls":19},"8211 - Escritura y traducciones"]
[{"$nulls":19},"8212 -  Servicios de reproducción"]
[{"$nulls":19},"8213 - Servicios fotográficos"]
[{"$nulls":19},"8214 - Diseño gráfico"]
[{"$nulls":19},"8215 - Artistas e intérpretes profesionales"]
[{"$nulls":19},"8310 - Servicios públicos"]
[{"$nulls":19},"8311 - Servicios de medios de telecomunicaciones"]
[{"$nulls":19},"8312 - Servicios de información"]
[{"$nulls":19},"8410 - Finanzas de desarrollo"]
[{"$nulls":19},"8411 - Contabilidad y auditorias"]
[{"$nulls":19},"8412 - Banca e inversiones"]
[{"$nulls":19},"8413 - Servicios de seguros y jubilación"]
[{"$nulls":19},"8414 - Agencias de crédito"]
[{"$nulls":19},"8510 - Servicios sanitarios integrales"]
[{"$nulls":19},"8511 - Prevención y control de enfermedades"]
[{"$nulls":19},"8512 -  Práctica médica"]
[{"$nulls":19}," 8513 - Ciencia médica, investigación y experimentación"]
[{"$nulls":19},"8514 - Medicina alternativa y holística"]
[{"$nulls":19},"8515 - Servicios alimentarios y de nutrición"]
[{"$nulls":19},"8610 - Formación profesional"]
[{"$nulls":19},"8611 - Sistemas educativos alternativos"]
[{"$nulls":19},"8612 - Instituciones educativas"]
[{"$nulls":19},"8613 - Servicios educativos especializados"]
[{"$nulls":19},"8614 - Instalaciones educativas"]
[{"$nulls":19},"9010 - Restaurantes y catering (servicios de comidas y bebidas)"]
[{"$nulls":19},"9011 - Instalaciones hoteleras, alojamientos y centros de encuentros"]
[{"$nulls":19},"9012 - Facilitación de viajes"]
[{"$nulls":19},"9013 - Artes interpretativas"]
[{"$nulls":19},"9014 - Deportes comerciales"]
[{"$nulls":19},"9015 - Servicios de entretenimiento"]
[{"$nulls":19},"9110 - Aspecto personal"]
[{"$nulls":19},"9111 - Asistencia doméstica y personal"]
[{"$nulls":19},"9210 - Orden público y seguridad"]
[{"$nulls":19},"9211 - Servicios militares o defensa nacional"]
[{"$nulls":19},"9212 - Seguridad y protección personal"]
[{"$nulls":19},"9310 - Sistemas e instituciones políticas"]
[{"$nulls":19},"9311 - Condiciones sociopolíticas"]
[{"$nulls":19},"9312 - Relaciones internacionales"]
[{"$nulls":19},"9313 - Ayuda y asistencia humanitaria"]
[{"$nulls":19},"9314 - Servicios comunitarios y sociales"]
[{"$nulls":19},"9315 - Servicios de administración y financiación pública"]
[{"$nulls":19},"9316 - Tributación"]
[{"$nulls":19},"9317 - Política y regulación comercial"]
[{"$nulls":19},"9410 - Organizaciones laborales"]
[{"$nulls":19},"9411 - Organizaciones religiosas"]
[{"$nulls":19},"9412 - Clubes"]
[{"$nulls":19},"9413 - Organizaciones, asociaciones y movimientos cívicos"]